{"text_format":"3","workbook":"xlsx","n_sheets":4,"sheets":["Supplementary Table S1","Supplementary Table S2","Supplementary Table S3","Supplementary Table S4"],"read":"whole","date_system":"1900"}

{"sheet":"Supplementary Table S1","index":0,"n_rows":152,"n_cols":34,"rows_kept":152,"merged":[[0,0,0,16383]]}
["                                                     Helicobacter Pylori On Pancreatic cancer（Data combined after reconciliation of exposure and outcome.）"]
["Anti-helicobacter pylori lgG seropositivity"]
["SNP","effect_allele.exposure","other_allele.exposure","effect_allele.outcome","other_allele.outcome","beta.exposure","beta.outcome","eaf.exposure","eaf.outcome","remove","palindromic","ambiguous","id.outcome","se.outcome","pval.outcome","outcome","mr_keep.outcome","pval_origin.outcome","data_source.outcome","pval.exposure","se.exposure","samplesize.exposure","exposure","mr_keep.exposure","pval_origin.exposure","id.exposure","data_source.exposure","action","SNP_index","mr_keep","samplesize.outcome","R2","f","meanf"]
["rs10044474","G","T","G","T",0.340878,0.0910811,0.0673898,0.068426,false,false,false,"HIC8Z2",0.187057,0.626317,"outcome",true,"reported","textfile",{"v":6.87596e-7,"d":"6.88E-07"},0.0686585,8436,"exposure",true,"reported","nz7YD9","textfile",2,1,true,"NA",0.00291343690172345,24.6437247662655,21.6411405122185]
["rs11139381","G","A","G","A",0.153813,0.211155,0.481182,0.480716,false,false,false,"HIC8Z2",0.0941819,0.0249618,"outcome",true,"reported","textfile",{"v":7.01238e-6,"d":"7.01E-06"},0.0342315,8529,"exposure",true,"reported","nz7YD9","textfile",2,1,true,"NA",0.00236161588528971,20.1851682678941,21.6411405122185]
["rs111575036","T","C","T","C",-0.579665,-0.20658,0.0182427,0.0190279,false,false,false,"HIC8Z2",0.34169,0.545456,"outcome",true,"reported","textfile",{"v":4.72303e-6,"d":"4.72E-06"},0.126655,8661,"exposure",true,"reported","nz7YD9","textfile",2,1,true,"NA",0.0024126391907037,20.9415671980401,21.6411405122185]
["rs11201988","A","G","A","G",0.251189,0.201908,0.117772,0.114025,false,false,false,"HIC8Z2",0.150606,0.180036,"outcome",true,"reported","textfile",{"v":4.64945e-6,"d":"4.65E-06"},0.0548445,8215,"exposure",true,"reported","nz7YD9","textfile",2,1,true,"NA",0.00254694734740564,20.9714918497805,21.6411405122185]
["rs113274990","A","G","A","G",0.5643,-0.104882,0.0196678,0.0193253,false,false,false,"HIC8Z2",0.339236,0.757191,"outcome",true,"reported","textfile",{"v":3.8419e-6,"d":"3.84E-06"},0.122149,8669,"exposure",true,"reported","nz7YD9","textfile",2,1,true,"NA",0.00245585877033647,21.3373294301227,21.6411405122185]
["rs117165707","A","G","A","G",0.843159,-0.293678,0.00870063,0.00923199,false,false,false,"HIC8Z2",0.488832,0.547989,"outcome",true,"reported","textfile",{"v":4.95772e-6,"d":"4.96E-06"},0.184637,8735,"exposure",true,"reported","nz7YD9","textfile",2,1,true,"NA",0.0023816777394888,20.8488469335915,21.6411405122185]
["rs117192929","G","A","G","A",0.376011,0.0322845,0.0449815,0.0435459,false,false,false,"HIC8Z2",0.232457,0.889542,"outcome",true,"reported","textfile",{"v":7.36558e-6,"d":"7.37E-06"},0.0838779,8359,"exposure",true,"reported","nz7YD9","textfile",2,1,true,"NA",0.00239832947726739,20.0910243374205,21.6411405122185]
["rs117449916","T","C","T","C",-0.553598,0.181325,0.0191887,0.0200415,false,false,false,"HIC8Z2",0.330931,0.583745,"outcome",true,"reported","textfile",{"v":8.79243e-6,"d":"8.79E-06"},0.124546,8677,"exposure",true,"reported","nz7YD9","textfile",2,1,true,"NA",0.00227181049893408,19.7528307665724,21.6411405122185]
["rs143620813","G","T","G","T",0.461615,-0.0256038,0.0284928,0.0271222,false,false,false,"HIC8Z2",0.291962,0.930119,"outcome",true,"reported","textfile",{"v":9.35303e-6,"d":"9.35E-06"},0.104164,8353,"exposure",true,"reported","nz7YD9","textfile",2,1,true,"NA",0.00234564426709903,19.6345308993854,21.6411405122185]
["rs17232730","C","G","C","G",-0.258936,-0.00884682,0.121486,0.121938,false,true,false,"HIC8Z2",0.143323,0.950781,"outcome",true,"reported","textfile",{"v":9.0789e-7,"d":"9.08E-07"},0.0527299,8573,"exposure",true,"reported","nz7YD9","textfile",2,1,true,"NA",0.00280490582103679,24.1084697793267,21.6411405122185]
["rs17557195","G","A","G","A",0.189007,-0.0936928,0.199495,0.198593,false,false,false,"HIC8Z2",0.116633,0.421793,"outcome",true,"reported","textfile",{"v":9.00624e-6,"d":"9.01E-06"},0.0425715,8717,"exposure",true,"reported","nz7YD9","textfile",2,1,true,"NA",0.00225615992823535,19.7068956829208,21.6411405122185]
["rs60696037","T","C","T","C",-0.280636,0.0107425,0.091749,0.0904754,false,false,false,"HIC8Z2",0.163309,0.947553,"outcome",true,"reported","textfile",{"v":2.12774e-6,"d":"2.13E-06"},0.0591946,8605,"exposure",true,"reported","nz7YD9","textfile",2,1,true,"NA",0.00260518646769267,22.4709602230492,21.6411405122185]
["rs62195865","C","T","C","T",0.564397,-0.0849834,0.019004,0.0188453,false,false,false,"HIC8Z2",0.341698,0.803585,"outcome",true,"reported","textfile",{"v":6.02652e-6,"d":"6.03E-06"},0.124716,8735,"exposure",true,"reported","nz7YD9","textfile",2,1,true,"NA",0.00233908011949767,20.4750795350588,21.6411405122185]
["rs681900","C","T","C","T",-0.186845,-0.117745,0.240756,0.239796,false,false,false,"HIC8Z2",0.108896,0.279582,"outcome",true,"reported","textfile",{"v":2.33219e-6,"d":"2.33E-06"},0.0395668,8735,"exposure",true,"reported","nz7YD9","textfile",2,1,true,"NA",0.00254642498922519,22.2947012152053,21.6411405122185]
["rs7281117","C","G","C","G",0.160051,0.0392008,0.43845,0.44233,false,true,true,"HIC8Z2",0.0968854,0.685764,"outcome",true,"reported","textfile",{"v":4.28925e-6,"d":"4.29E-06"},0.0348176,8156,"exposure",true,"reported","nz7YD9","textfile",2,1,false,"NA",0.00258415266924594,21.1257730879465,21.6411405122185]
["rs74347185","A","G","A","G",0.377561,-0.0301404,0.0529479,0.0513796,false,false,false,"HIC8Z2",0.211559,0.88671,"outcome",true,"reported","textfile",{"v":6.43557e-7,"d":"6.44E-07"},0.075851,8735,"exposure",true,"reported","nz7YD9","textfile",2,1,true,"NA",0.00282851557957701,24.7714931106388,21.6411405122185]
["rs76753623","G","A","G","A",0.42776,0.151107,0.0393818,0.0415363,false,false,false,"HIC8Z2",0.233159,0.516929,"outcome",true,"reported","textfile",{"v":7.25919e-7,"d":"7.26E-07"},0.0863411,8735,"exposure",true,"reported","nz7YD9","textfile",2,1,true,"NA",0.0028021000213524,24.5395016244965,21.6411405122185]
["Helicobacter pylori CagA antibody levels"]
["SNP","effect_allele.exposure","other_allele.exposure","effect_allele.outcome","other_allele.outcome","beta.exposure","beta.outcome","eaf.exposure","eaf.outcome","remove","palindromic","ambiguous","id.outcome","se.outcome","pval.outcome","outcome","mr_keep.outcome","pval_origin.outcome","data_source.outcome","pval.exposure","se.exposure","samplesize.exposure","exposure","mr_keep.exposure","pval_origin.exposure","id.exposure","data_source.exposure","action","SNP_index","mr_keep","samplesize.outcome","R2","f","meanf"]
["rs116037477","C","T","C","T",0.509214,0.0724486,0.0424974,0.0385123,false,false,false,"TP7KJc",0.241804,0.76447,"outcome",true,"reported","textfile",{"v":3.84325e-6,"d":"3.84E-06"},0.110227,953,"exposure",true,"reported","s15IjF","textfile",2,1,true,"NA",0.0219034991457413,21.2966999364655,21.1552810187107]
["rs117412852","A","C","A","C",-0.735307,0.0966178,0.0204617,0.0194161,false,false,false,"TP7KJc",0.334516,0.772713,"outcome",true,"reported","textfile",{"v":3.9125e-6,"d":"3.91E-06"},0.159296,953,"exposure",true,"reported","s15IjF","textfile",2,1,true,"NA",0.0218691407516805,21.2625464764815,21.1552810187107]
["rs117537486","C","G","C","G",0.606479,-0.0502627,0.0307203,0.029716,false,true,false,"TP7KJc",0.275087,0.855021,"outcome",true,"reported","textfile",{"v":4.37981e-6,"d":"4.38E-06"},0.132059,944,"exposure",true,"reported","s15IjF","textfile",2,1,true,"NA",0.0218538167362267,21.0462359489411,21.1552810187107]
["rs117827497","G","A","G","A",-0.568103,0.190388,0.0304622,0.0270167,false,false,false,"TP7KJc",0.285279,0.504533,"outcome",true,"reported","textfile",{"v":8.37221e-6,"d":"8.37E-06"},0.127508,952,"exposure",true,"reported","s15IjF","textfile",2,1,true,"NA",0.0204258282152572,19.8091552058178,21.1552810187107]
["rs118006294","C","T","C","T",-0.464341,-0.112363,0.0503673,0.0482636,false,false,false,"TP7KJc",0.216397,0.603591,"outcome",true,"reported","textfile",{"v":7.58608e-6,"d":"7.59E-06"},0.103728,953,"exposure",true,"reported","s15IjF","textfile",2,1,true,"NA",0.0205945205085312,19.9972222064577,21.1552810187107]
["rs11852082","G","T","G","T",-0.239334,-0.00166809,0.78277,0.776812,false,false,false,"TP7KJc",0.111724,0.988088,"outcome",true,"reported","textfile",{"v":5.50689e-6,"d":"5.51E-06"},0.0526648,946,"exposure",true,"reported","s15IjF","textfile",2,1,true,"NA",0.0213647414851255,20.6086136652841,21.1552810187107]
["rs11858369","G","A","G","A",0.445162,0.0530818,0.0683807,0.0644252,false,false,false,"TP7KJc",0.192922,0.783204,"outcome",true,"reported","textfile",{"v":4.27974e-7,"d":"4.28E-07"},0.0880451,914,"exposure",true,"reported","s15IjF","textfile",2,1,true,"NA",0.0272081806075627,25.5078838241,21.1552810187107]
["rs140048137","T","C","T","C",-0.900705,-0.159001,0.0128068,0.0155696,false,false,false,"TP7KJc",0.374684,0.671303,"outcome",true,"reported","textfile",{"v":7.90466e-6,"d":"7.90E-06"},0.201601,937,"exposure",true,"reported","s15IjF","textfile",2,1,true,"NA",0.020858621174112,19.9182786260969,21.1552810187107]
["rs4872403","T","C","T","C",0.607127,0.129229,0.0294118,0.0342078,false,false,false,"TP7KJc",0.254763,0.611978,"outcome",true,"reported","textfile",{"v":6.11884e-6,"d":"6.12E-06"},0.134254,952,"exposure",true,"reported","s15IjF","textfile",2,1,true,"NA",0.0210298951589335,20.4075694469039,21.1552810187107]
["rs56060582","A","G","A","G",0.205764,0.00794785,0.552255,0.538983,false,false,false,"TP7KJc",0.0954119,0.933613,"outcome",true,"reported","textfile",{"v":7.72321e-6,"d":"7.72E-06"},0.0460042,909,"exposure",true,"reported","s15IjF","textfile",2,1,true,"NA",0.0215340470338012,19.9612266532614,21.1552810187107]
["rs61860863","G","A","G","A",-0.325555,0.0195734,0.120507,0.114409,false,false,false,"TP7KJc",0.14604,0.893381,"outcome",true,"reported","textfile",{"v":8.19315e-7,"d":"8.19E-07"},0.0660261,946,"exposure",true,"reported","s15IjF","textfile",2,1,true,"NA",0.0250556761859539,24.2604195355589,21.1552810187107]
["rs6530847","A","T","A","T",-0.205318,-0.0767431,0.391211,0.391551,false,true,false,"TP7KJc",0.096734,0.427579,"outcome",true,"reported","textfile",{"v":8.52962e-6,"d":"8.53E-06"},0.0461238,933,"exposure",true,"reported","s15IjF","textfile",2,1,true,"NA",0.0207967322306309,19.7729708876723,21.1552810187107]
["rs75170215","C","T","C","T",0.717591,-0.36834,0.0205696,0.020176,false,false,false,"TP7KJc",0.331224,0.266113,"outcome",true,"reported","textfile",{"v":6.73671e-6,"d":"6.74E-06"},0.159399,948,"exposure",true,"reported","s15IjF","textfile",2,1,true,"NA",0.0209308945919238,20.2239312573416,21.1552810187107]
["rs78398930","A","G","A","G",-0.521904,0.0990115,0.0453502,0.042709,false,false,false,"TP7KJc",0.239411,0.679195,"outcome",true,"reported","textfile",{"v":5.65892e-6,"d":"5.66E-06"},0.114989,871,"exposure",true,"reported","s15IjF","textfile",2,1,true,"NA",0.0231046058173616,20.5527660124617,21.1552810187107]
["rs9270475","T","A","T","A",0.259262,0.143464,0.243213,0.236789,false,true,false,"TP7KJc",0.113647,0.206819,"outcome",true,"reported","textfile",{"v":1.84009e-6,"d":"1.84E-06"},0.0543499,884,"exposure",true,"reported","s15IjF","textfile",2,1,true,"NA",0.0250951728265178,22.7036955978166,21.1552810187107]
["Helicobacter pylori Catalase antibody levels"]
["SNP","effect_allele.exposure","other_allele.exposure","effect_allele.outcome","other_allele.outcome","beta.exposure","beta.outcome","eaf.exposure","eaf.outcome","remove","palindromic","ambiguous","id.outcome","se.outcome","pval.outcome","outcome","mr_keep.outcome","pval_origin.outcome","data_source.outcome","pval.exposure","se.exposure","samplesize.exposure","exposure","mr_keep.exposure","pval_origin.exposure","id.exposure","data_source.exposure","action","SNP_index","mr_keep","samplesize.outcome","R2","f","meanf"]
["rs113321260","A","G","A","G",-0.280958,0.0140808,0.0847067,0.0922986,false,false,false,"62lHcv",0.161044,0.930326,"outcome",true,"reported","textfile",{"v":9.13391e-6,"d":"9.13E-06"},0.0633257,1517,"exposure",true,"reported","8bnZxt","textfile",2,1,true,"NA",0.0128096751598591,19.6584765661364,21.2238285035144]
["rs113440882","G","A","G","A",-0.272702,0.0213397,0.106221,0.112289,false,false,false,"62lHcv",0.148148,0.885466,"outcome",true,"reported","textfile",{"v":2.56024e-6,"d":"2.56E-06"},0.0579814,1511,"exposure",true,"reported","8bnZxt","textfile",2,1,true,"NA",0.0144285569564365,22.0914400482485,21.2238285035144]
["rs11759094","A","T","A","T",-0.169013,-0.133465,0.371711,0.371395,false,true,false,"62lHcv",0.0964757,0.166542,"outcome",true,"reported","textfile",{"v":5.87757e-6,"d":"5.88E-06"},0.0373035,1520,"exposure",true,"reported","8bnZxt","textfile",2,1,true,"NA",0.0133251325097391,20.5007260408237,21.2238285035144]
["rs13236871","A","G","A","G",0.563371,0.278372,0.0206965,0.0220775,false,false,false,"62lHcv",0.31742,0.380496,"outcome",true,"reported","textfile",{"v":5.07002e-6,"d":"5.07E-06"},0.123496,1522,"exposure",true,"reported","8bnZxt","textfile",2,1,true,"NA",0.0134887155928086,20.7831861886806,21.2238285035144]
["rs144257699","C","T","C","T",-0.185347,-0.0157592,0.751027,0.755247,false,false,false,"62lHcv",0.11043,0.886521,"outcome",true,"reported","textfile",{"v":7.63814e-6,"d":"7.64E-06"},0.0414175,1460,"exposure",true,"reported","8bnZxt","textfile",2,1,true,"NA",0.0135311245477798,19.9989883934442,21.2238285035144]
["rs147016571","G","A","G","A",-0.804502,-0.421625,0.010184,0.0110008,false,false,false,"62lHcv",0.445078,0.343484,"outcome",true,"reported","textfile",{"v":5.50275e-6,"d":"5.50E-06"},0.177022,1522,"exposure",true,"reported","8bnZxt","textfile",2,1,true,"NA",0.0133884807751941,20.626650289148,21.2238285035144]
["rs190890483","A","G","A","G",-0.732505,-0.0691925,0.0122112,0.0116497,false,false,false,"62lHcv",0.436052,0.873921,"outcome",true,"reported","textfile",{"v":3.55452e-6,"d":"3.55E-06"},0.158008,1515,"exposure",true,"reported","8bnZxt","textfile",2,1,true,"NA",0.0139872689156507,21.4629458649141,21.2238285035144]
["rs2946532","C","T","C","T",-0.171196,0.06509,0.334021,0.344996,false,false,false,"62lHcv",0.100699,0.518033,"outcome",true,"reported","textfile",{"v":6.26741e-6,"d":"6.27E-06"},0.037899,1455,"exposure",true,"reported","8bnZxt","textfile",2,1,true,"NA",0.0138299478062733,20.3767231805652,21.2238285035144]
["rs58679787","T","C","T","C",0.787932,0.341266,0.0111695,0.012969,false,false,false,"62lHcv",0.410249,0.405493,"outcome",true,"reported","textfile",{"v":3.18788e-6,"d":"3.19E-06"},0.169145,1522,"exposure",true,"reported","8bnZxt","textfile",2,1,true,"NA",0.0140571167771726,21.6714556845919,21.2238285035144]
["rs6456714","G","C","G","C",0.167976,-0.100693,0.631631,0.632851,false,true,false,"62lHcv",0.0969027,0.29875,"outcome",true,"reported","textfile",{"v":3.78271e-6,"d":"3.78E-06"},0.0363351,1508,"exposure",true,"reported","8bnZxt","textfile",2,1,true,"NA",0.0139742549965413,21.3434873596708,21.2238285035144]
["rs71526227","C","G","C","G",0.692634,0.308804,0.0141169,0.0167324,false,true,false,"62lHcv",0.364094,0.396358,"outcome",true,"reported","textfile",{"v":4.42675e-6,"d":"4.43E-06"},0.150892,1523,"exposure",true,"reported","8bnZxt","textfile",2,1,true,"NA",0.013646084383573,21.0428468106634,21.2238285035144]
["rs72808426","T","C","T","C",-0.430327,0.147945,0.0350066,0.0382364,false,false,false,"62lHcv",0.24426,0.544723,"outcome",true,"reported","textfile",{"v":5.26013e-6,"d":"5.26E-06"},0.0944914,1514,"exposure",true,"reported","8bnZxt","textfile",2,1,true,"NA",0.0135138084842757,20.7127870658078,21.2238285035144]
["rs77162569","T","C","T","C",-0.556237,0.226551,0.0252294,0.026265,false,false,false,"62lHcv",0.289051,0.433172,"outcome",true,"reported","textfile",{"v":3.77233e-7,"d":"3.77E-07"},0.109493,1526,"exposure",true,"reported","8bnZxt","textfile",2,1,true,"NA",0.0166306480560853,25.7737416641794,21.2238285035144]
["rs7923971","C","G","C","G",-0.24076,0.30496,0.12459,0.127135,false,true,false,"62lHcv",0.139026,0.0282679,"outcome",true,"reported","textfile",{"v":8.58077e-6,"d":"8.58E-06"},0.0541015,1525,"exposure",true,"reported","8bnZxt","textfile",2,1,true,"NA",0.0128196659287437,19.7778972449297,21.2238285035144]
["rs79544566","A","C","A","C",0.326361,-0.141938,0.0665138,0.0669632,false,false,false,"62lHcv",0.186061,0.445548,"outcome",true,"reported","textfile",{"v":6.39681e-6,"d":"6.40E-06"},0.0723185,1526,"exposure",true,"reported","8bnZxt","textfile",2,1,true,"NA",0.0131699918091557,20.3389310727889,21.2238285035144]
["rs927062","G","A","G","A",-0.200782,-0.198157,0.213718,0.214245,false,false,false,"62lHcv",0.113547,0.0809587,"outcome",true,"reported","textfile",{"v":2.15886e-6,"d":"2.16E-06"},0.0423774,1509,"exposure",true,"reported","8bnZxt","textfile",2,1,true,"NA",0.0146581321692157,22.4184173028579,21.2238285035144]
["rs9838549","G","A","G","A",0.171342,0.106152,0.369266,0.359253,false,false,false,"62lHcv",0.0968387,0.273002,"outcome",true,"reported","textfile",{"v":2.38673e-6,"d":"2.39E-06"},0.0363199,1526,"exposure",true,"reported","8bnZxt","textfile",2,1,true,"NA",0.014374598710394,22.2263837822942,21.2238285035144]
["Helicobacter pylori GroEL antibody levels"]
["SNP","effect_allele.exposure","other_allele.exposure","effect_allele.outcome","other_allele.outcome","beta.exposure","beta.outcome","eaf.exposure","eaf.outcome","remove","palindromic","ambiguous","id.outcome","se.outcome","pval.outcome","outcome","mr_keep.outcome","pval_origin.outcome","data_source.outcome","pval.exposure","se.exposure","samplesize.exposure","exposure","mr_keep.exposure","pval_origin.exposure","id.exposure","data_source.exposure","action","SNP_index","mr_keep","samplesize.outcome","R2","f","meanf"]
["rs114214660","T","C","T","C",-0.680698,0.410388,0.00858779,0.00901114,false,false,false,"809rpI",0.488185,0.400549,"outcome",true,"reported","textfile",{"v":4.16607e-6,"d":"4.17E-06"},0.147884,2620,"exposure",true,"reported","p39ld7","textfile",2,1,true,"NA",0.00802171897888551,21.1706855770114,21.2534558069037]
["rs117341694","A","G","A","G",0.559459,-0.427967,0.0130287,0.0149421,false,false,false,"809rpI",0.383512,0.264458,"outcome",true,"reported","textfile",{"v":1.58594e-6,"d":"1.59E-06"},0.116552,2648,"exposure",true,"reported","p39ld7","textfile",2,1,true,"NA",0.00862614096920133,23.0233718557205,21.2534558069037]
["rs12899909","T","G","T","G",0.199388,0.308641,0.108374,0.107012,false,false,false,"809rpI",0.150817,0.0407106,"outcome",true,"reported","textfile",{"v":5.32578e-6,"d":"5.33E-06"},0.0438068,2639,"exposure",true,"reported","p39ld7","textfile",2,1,true,"NA",0.00778896294460641,20.7007325234787,21.2534558069037]
["rs1367344","C","T","C","T",-0.158363,0.0253889,0.223984,0.214907,false,false,false,"809rpI",0.118609,0.830503,"outcome",true,"reported","textfile",{"v":1.92311e-6,"d":"1.92E-06"},0.0332602,2460,"exposure",true,"reported","p39ld7","textfile",2,1,true,"NA",0.00913142749069228,22.6518928895697,21.2534558069037]
["rs145165810","A","G","A","G",-0.439326,0.468758,0.0196375,0.0206712,false,false,false,"809rpI",0.325734,0.150127,"outcome",true,"reported","textfile",{"v":8.00058e-6,"d":"8.00E-06"},0.0983895,2648,"exposure",true,"reported","p39ld7","textfile",2,1,true,"NA",0.00747309687397254,19.9226985850484,21.2534558069037]
["rs145303169","A","G","A","G",-0.374816,-0.500914,0.0281853,0.0309486,false,false,false,"809rpI",0.272999,0.0665271,"outcome",true,"reported","textfile",{"v":7.70145e-6,"d":"7.70E-06"},0.0837892,2590,"exposure",true,"reported","p39ld7","textfile",2,1,true,"NA",0.00766686619652287,19.9951498551198,21.2534558069037]
["rs184700247","G","T","G","T",-0.529333,0.0862938,0.013852,0.0121756,false,false,false,"809rpI",0.426387,0.839617,"outcome",true,"reported","textfile",{"v":5.77536e-6,"d":"5.78E-06"},0.116736,2635,"exposure",true,"reported","p39ld7","textfile",2,1,true,"NA",0.00774269247478188,20.545587451451,21.2534558069037]
["rs187131","G","C","G","C",0.18385,0.0998431,0.126657,0.123543,false,true,false,"809rpI",0.140908,0.478593,"outcome",true,"reported","textfile",{"v":7.03929e-6,"d":"7.04E-06"},0.0409239,2641,"exposure",true,"reported","p39ld7","textfile",2,1,true,"NA",0.00758400469309487,20.1671360394468,21.2534558069037]
["rs199882208","A","C","A","C",-0.161694,-0.119573,0.182965,0.173955,false,false,false,"809rpI",0.125498,0.340696,"outcome",true,"reported","textfile",{"v":5.32483e-6,"d":"5.32E-06"},0.0355249,2536,"exposure",true,"reported","p39ld7","textfile",2,1,true,"NA",0.00810288100303968,20.7004336119717,21.2534558069037]
["rs275876","G","T","G","T",0.224707,-0.263458,0.0839387,0.0832478,false,false,false,"809rpI",0.173432,0.12874,"outcome",true,"reported","textfile",{"v":7.52559e-6,"d":"7.53E-06"},0.0501773,2478,"exposure",true,"reported","p39ld7","textfile",2,1,true,"NA",0.00802817188933068,20.0386271410977,21.2534558069037]
["rs3104037","T","C","T","C",0.136746,0.0749533,0.613619,0.613475,false,false,false,"809rpI",0.0964378,0.43703,"outcome",true,"reported","textfile",{"v":1.38651e-6,"d":"1.39E-06"},0.0283298,2592,"exposure",true,"reported","p39ld7","textfile",2,1,true,"NA",0.00890883373827756,23.2812885106935,21.2534558069037]
["rs61680606","C","A","C","A",0.150436,-0.0792923,0.225838,0.232433,false,false,false,"809rpI",0.112043,0.479136,"outcome",true,"reported","textfile",{"v":3.59889e-6,"d":"3.60E-06"},0.0324684,2566,"exposure",true,"reported","p39ld7","textfile",2,1,true,"NA",0.00829672839530369,21.450782925357,21.2534558069037]
["rs7099832","C","G","C","G",-0.138223,-0.190507,0.4356,0.4413,false,true,true,"809rpI",0.0940061,0.0427097,"outcome",true,"reported","textfile",{"v":6.77587e-7,"d":"6.78E-07"},0.0278244,2632,"exposure",true,"reported","p39ld7","textfile",2,1,false,"NA",0.00928902437863816,24.6591939697611,21.2534558069037]
["rs74330629","T","C","T","C",-0.379429,-0.30822,0.025641,0.0275722,false,false,false,"809rpI",0.283131,0.276325,"outcome",true,"reported","textfile",{"v":8.59824e-6,"d":"8.60E-06"},0.0852702,2652,"exposure",true,"reported","p39ld7","textfile",2,1,true,"NA",0.00741075616799705,19.7851265941343,21.2534558069037]
["rs75165012","C","A","C","A",-0.462936,0.0799294,0.0190259,0.018502,false,false,false,"809rpI",0.347141,0.817897,"outcome",true,"reported","textfile",{"v":2.45643e-6,"d":"2.46E-06"},0.0982522,2628,"exposure",true,"reported","p39ld7","textfile",2,1,true,"NA",0.00837680982915963,22.1833281325171,21.2534558069037]
["rs9598494","G","A","G","A",-0.194677,0.0799288,0.112598,0.116885,false,false,false,"809rpI",0.147224,0.587195,"outcome",true,"reported","textfile",{"v":8.62196e-6,"d":"8.62E-06"},0.0437561,2540,"exposure",true,"reported","p39ld7","textfile",2,1,true,"NA",0.0077329805502296,19.7792572480801,21.2534558069037]
["Helicobacter pylori OMP antibody levels"]
["SNP","effect_allele.exposure","other_allele.exposure","effect_allele.outcome","other_allele.outcome","beta.exposure","beta.outcome","eaf.exposure","eaf.outcome","remove","palindromic","ambiguous","id.outcome","se.outcome","pval.outcome","outcome","mr_keep.outcome","pval_origin.outcome","data_source.outcome","pval.exposure","se.exposure","samplesize.exposure","exposure","mr_keep.exposure","pval_origin.exposure","id.exposure","data_source.exposure","action","SNP_index","mr_keep","samplesize.outcome","R2","f","meanf"]
["rs1156822","T","A","T","A",-0.133762,-0.0338641,0.543158,0.543977,false,true,true,"UMkOYT",0.0944728,0.720004,"outcome",true,"reported","textfile",{"v":1.67262e-6,"d":"1.67E-06"},0.0279286,2514,"exposure",true,"reported","ifVnGm","textfile",2,1,false,"NA",0.00904184830397304,22.9203654066589,22.507721971377]
["rs116944686","A","G","A","G",0.418138,0.332411,0.0233191,0.0243071,false,false,false,"UMkOYT",0.301046,0.269512,"outcome",true,"reported","textfile",{"v":5.3196e-6,"d":"5.32E-06"},0.0918628,2573,"exposure",true,"reported","ifVnGm","textfile",2,1,true,"NA",0.00798798177525472,20.7024721141303,22.507721971377]
["rs118094680","A","G","A","G",0.322176,-0.0537255,0.0405774,0.0431231,false,false,false,"UMkOYT",0.229471,0.814886,"outcome",true,"reported","textfile",{"v":4.49047e-6,"d":"4.49E-06"},0.0702325,2563,"exposure",true,"reported","ifVnGm","textfile",2,1,true,"NA",0.0081434860797301,21.0266984765351,22.507721971377]
["rs12472725","T","C","T","C",0.224137,0.168311,0.0838534,0.0763485,false,false,false,"UMkOYT",0.175058,0.336321,"outcome",true,"reported","textfile",{"v":6.82041e-6,"d":"6.82E-06"},0.0498169,2564,"exposure",true,"reported","ifVnGm","textfile",2,1,true,"NA",0.00783322087139946,20.2271556503347,22.507721971377]
["rs1331523","G","A","G","A",-0.188144,0.114632,0.876667,0.88585,false,false,false,"UMkOYT",0.147013,0.435545,"outcome",true,"reported","textfile",{"v":9.97169e-6,"d":"9.97E-06"},0.0425878,2550,"exposure",true,"reported","ifVnGm","textfile",2,1,true,"NA",0.00759554357655432,19.5015700582491,22.507721971377]
["rs143477841","A","G","A","G",-0.583965,-0.101913,0.0121188,0.011955,false,false,false,"UMkOYT",0.427222,0.811456,"outcome",true,"reported","textfile",{"v":3.17996e-6,"d":"3.18E-06"},0.125346,2558,"exposure",true,"reported","ifVnGm","textfile",2,1,true,"NA",0.00841361610712788,21.6876745376349,22.507721971377]
["rs17767341","G","A","G","A",-0.126087,-0.0782036,0.391203,0.394021,false,false,false,"UMkOYT",0.095216,0.411459,"outcome",true,"reported","textfile",{"v":9.08686e-6,"d":"9.09E-06"},0.0284117,2569,"exposure",true,"reported","ifVnGm","textfile",2,1,true,"NA",0.00760791010572517,19.6792230009382,22.507721971377]
["rs188020475","G","A","G","A",-0.621765,-0.20801,0.0105263,0.00823965,false,false,false,"UMkOYT",0.515291,0.686452,"outcome",true,"reported","textfile",{"v":3.3601e-6,"d":"3.36E-06"},0.133785,2565,"exposure",true,"reported","ifVnGm","textfile",2,1,true,"NA",0.0083504245744564,21.5823600541023,22.507721971377]
["rs1892331","G","A","G","A",0.378648,0.0739614,0.0323209,0.0322853,false,false,false,"UMkOYT",0.263405,0.778872,"outcome",true,"reported","textfile",{"v":7.62889e-7,"d":"7.63E-07"},0.0765776,2568,"exposure",true,"reported","ifVnGm","textfile",2,1,true,"NA",0.00943099571021225,24.4303373996195,22.507721971377]
["rs2858883","C","T","C","T",0.131288,0.226838,0.383748,0.376153,false,false,false,"UMkOYT",0.0958361,0.017936,"outcome",true,"reported","textfile",{"v":3.60205e-6,"d":"3.60E-06"},0.028337,2572,"exposure",true,"reported","ifVnGm","textfile",2,1,true,"NA",0.00827678813731731,21.4488732929353,22.507721971377]
["rs3117122","T","C","T","C",0.14564,0.217767,0.382044,0.374946,false,false,false,"UMkOYT",0.0960394,0.0233614,"outcome",true,"reported","textfile",{"v":2.26706e-7,"d":"2.27E-07"},0.0281377,2573,"exposure",true,"reported","ifVnGm","textfile",2,1,true,"NA",0.0103049470328856,26.769881027615,22.507721971377]
["rs3129783","G","A","G","A",0.155216,0.190357,0.542101,0.529844,false,false,false,"UMkOYT",0.0949251,0.044927,"outcome",true,"reported","textfile",{"v":2.60171e-8,"d":"2.60E-08"},0.0278849,2494,"exposure",true,"reported","ifVnGm","textfile",2,1,true,"NA",0.0122708937100848,30.9589612483849,22.507721971377]
["rs3915772","C","T","C","T",0.176218,-0.128639,0.143249,0.14649,false,false,false,"UMkOYT",0.131627,0.32842,"outcome",true,"reported","textfile",{"v":7.81648e-6,"d":"7.82E-06"},0.039421,2555,"exposure",true,"reported","ifVnGm","textfile",2,1,true,"NA",0.00776016607105944,19.9666484875607,22.507721971377]
["rs4492227","C","T","C","T",0.146727,0.0245156,0.589683,0.596697,false,false,false,"UMkOYT",0.0958754,0.79818,"outcome",true,"reported","textfile",{"v":1.73315e-7,"d":"1.73E-07"},0.0280768,2520,"exposure",true,"reported","ifVnGm","textfile",2,1,true,"NA",0.0107211907949661,27.2885238928932,22.507721971377]
["rs55862931","C","G","C","G",-0.144725,0.0167427,0.258412,0.248552,false,true,false,"UMkOYT",0.107834,0.876614,"outcome",true,"reported","textfile",{"v":5.52596e-6,"d":"5.53E-06"},0.0318514,2556,"exposure",true,"reported","ifVnGm","textfile",2,1,true,"NA",0.00801263491869016,20.6295667693885,22.507721971377]
["rs60949128","A","C","A","C",-0.288927,-0.247124,0.0644654,0.0672103,false,false,false,"UMkOYT",0.186482,0.185109,"outcome",true,"reported","textfile",{"v":3.35554e-7,"d":"3.36E-07"},0.0566268,2544,"exposure",true,"reported","ifVnGm","textfile",2,1,true,"NA",0.0101296265669904,26.0130128392334,22.507721971377]
["rs62411807","C","T","C","T",0.138653,-0.0952674,0.306511,0.315178,false,false,false,"UMkOYT",0.102984,0.354932,"outcome",true,"reported","textfile",{"v":7.50072e-6,"d":"7.50E-06"},0.0309564,2442,"exposure",true,"reported","ifVnGm","textfile",2,1,true,"NA",0.00814814580870597,20.0448037569612,22.507721971377]
["rs6704004","G","A","G","A",0.222134,0.248121,0.0897586,0.0879136,false,false,false,"UMkOYT",0.164051,0.130416,"outcome",true,"reported","textfile",{"v":3.89509e-6,"d":"3.90E-06"},0.0481133,2568,"exposure",true,"reported","ifVnGm","textfile",2,1,true,"NA",0.00823217847248742,21.2991080189193,22.507721971377]
["rs6899857","C","T","C","T",0.135199,0.209167,0.326467,0.326034,false,false,false,"UMkOYT",0.0990991,0.0347995,"outcome",true,"reported","textfile",{"v":3.2081e-6,"d":"3.21E-06"},0.0290312,2573,"exposure",true,"reported","ifVnGm","textfile",2,1,true,"NA",0.00835856763718163,21.6710160486027,22.507721971377]
["rs703135","A","G","A","G",-0.137754,-0.101733,0.417825,0.41534,false,false,false,"UMkOYT",0.095185,0.285163,"outcome",true,"reported","textfile",{"v":1.05359e-6,"d":"1.05E-06"},0.0282205,2519,"exposure",true,"reported","ifVnGm","textfile",2,1,true,"NA",0.00937048616620902,23.8086119492552,22.507721971377]
["rs72842141","T","A","T","A",-0.248999,0.0152668,0.0689929,0.066046,false,true,false,"UMkOYT",0.188216,0.935352,"outcome",true,"reported","textfile",{"v":7.00335e-6,"d":"7.00E-06"},0.0554121,2522,"exposure",true,"reported","ifVnGm","textfile",2,1,true,"NA",0.00794287241746076,20.1762962388835,22.507721971377]
["rs8019346","A","G","A","G",0.224892,0.244679,0.0849203,0.0825981,false,false,false,"UMkOYT",0.168499,0.146472,"outcome",true,"reported","textfile",{"v":7.29002e-6,"d":"7.29E-06"},0.0501426,2573,"exposure",true,"reported","ifVnGm","textfile",2,1,true,"NA",0.00775733285433387,20.100025355556,22.507721971377]
["rs9274055","T","C","T","C",0.16587,0.287623,0.25326,0.245884,false,false,false,"UMkOYT",0.112616,0.0106486,"outcome",true,"reported","textfile",{"v":3.85421e-7,"d":"3.85E-07"},0.0326771,2377,"exposure",true,"reported","ifVnGm","textfile",2,1,true,"NA",0.0107235153837452,25.7444197172787,22.507721971377]
["Helicobacter pylori UREA antibody levels"]
["SNP","effect_allele.exposure","other_allele.exposure","effect_allele.outcome","other_allele.outcome","beta.exposure","beta.outcome","eaf.exposure","eaf.outcome","remove","palindromic","ambiguous","id.outcome","se.outcome","pval.outcome","outcome","mr_keep.outcome","pval_origin.outcome","data_source.outcome","pval.exposure","se.exposure","samplesize.exposure","exposure","mr_keep.exposure","pval_origin.exposure","id.exposure","data_source.exposure","action","SNP_index","mr_keep","samplesize.outcome","R2","f","meanf"]
["rs1037560","A","G","A","G",0.19244,0.149187,0.863927,0.86617,false,false,false,"x3lG2z",0.136618,0.274833,"outcome",true,"reported","textfile",{"v":7.63199e-6,"d":"7.63E-06"},0.0430009,2190,"exposure",true,"reported","HssOTD","textfile",2,1,true,"NA",0.00906228774231898,20.0096185006609,21.5181902884204]
["rs111488068","A","G","A","G",-0.235877,-0.184457,0.0837114,0.0832303,false,false,false,"x3lG2z",0.168258,0.272957,"outcome",true,"reported","textfile",{"v":9.01545e-6,"d":"9.02E-06"},0.053131,2204,"exposure",true,"reported","HssOTD","textfile",2,1,true,"NA",0.0088633349774211,19.6915968393084,21.5181902884204]
["rs115160482","T","C","T","C",0.495798,-0.322583,0.0181488,0.0220895,false,false,false,"x3lG2z",0.316583,0.308225,"outcome",true,"reported","textfile",{"v":8.63643e-6,"d":"8.64E-06"},0.111446,2204,"exposure",true,"reported","HssOTD","textfile",2,1,true,"NA",0.00889992788601403,19.7736250419211,21.5181902884204]
["rs117994655","A","G","A","G",0.405189,0.737755,0.0325092,0.0283635,false,false,false,"x3lG2z",0.285374,0.00973173,"outcome",true,"reported","textfile",{"v":1.04914e-6,"d":"1.05E-06"},0.0829933,2184,"exposure",true,"reported","HssOTD","textfile",2,1,true,"NA",0.0107959896818764,23.8139445858884,21.5181902884204]
["rs12820262","A","G","A","G",0.203728,0.244447,0.177117,0.177959,false,false,false,"x3lG2z",0.122645,0.0462481,"outcome",true,"reported","textfile",{"v":2.33506e-7,"d":"2.34E-07"},0.0394023,2137,"exposure",true,"reported","HssOTD","textfile",2,1,true,"NA",0.0123553342009753,26.7086326009177,21.5181902884204]
["rs1285249","G","C","G","C",0.138993,0.0589676,0.610802,0.592964,false,true,false,"x3lG2z",0.0957865,0.538149,"outcome",true,"reported","textfile",{"v":8.53532e-6,"d":"8.54E-06"},0.0312254,2157,"exposure",true,"reported","HssOTD","textfile",2,1,true,"NA",0.00910224531214248,19.795522348162,21.5181902884204]
["rs134748","T","G","T","G",-0.141186,0.104429,0.653005,0.654055,false,false,false,"x3lG2z",0.0977426,0.285338,"outcome",true,"reported","textfile",{"v":4.29459e-6,"d":"4.29E-06"},0.0307153,2196,"exposure",true,"reported","HssOTD","textfile",2,1,true,"NA",0.00952977906994755,21.1095041906782,21.5181902884204]
["rs138094865","A","G","A","G",0.589945,-0.10864,0.0132239,0.0120903,false,false,false,"x3lG2z",0.426146,0.798773,"outcome",true,"reported","textfile",{"v":5.87003e-6,"d":"5.87E-06"},0.130201,2193,"exposure",true,"reported","HssOTD","textfile",2,1,true,"NA",0.00927489382558404,20.5115346781947,21.5181902884204]
["rs138379778","A","C","A","C",0.833682,-0.6819,0.00643974,0.00688017,false,false,false,"x3lG2z",0.56723,0.229302,"outcome",true,"reported","textfile",{"v":7.48894e-6,"d":"7.49E-06"},0.186119,2174,"exposure",true,"reported","HssOTD","textfile",2,1,true,"NA",0.00914471383233167,20.0456299937056,21.5181902884204]
["rs145625743","A","G","A","G",-0.505859,0.0191256,0.0180036,0.0147664,false,false,false,"x3lG2z",0.385068,0.960387,"outcome",true,"reported","textfile",{"v":4.84823e-6,"d":"4.85E-06"},0.110661,2194,"exposure",true,"reported","HssOTD","textfile",2,1,true,"NA",0.00943444550203832,20.8772700065764,21.5181902884204]
["rs146188311","A","C","A","C",0.72183,-0.281984,0.00957592,0.00895089,false,false,false,"x3lG2z",0.494393,0.568431,"outcome",true,"reported","textfile",{"v":2.16503e-6,"d":"2.17E-06"},0.152369,2193,"exposure",true,"reported","HssOTD","textfile",2,1,true,"NA",0.0101301548433191,22.4223107414682,21.5181902884204]
["rs151106495","C","G","C","G",0.663463,0.393992,0.0102646,0.0110766,false,true,false,"x3lG2z",0.447773,0.378918,"outcome",true,"reported","textfile",{"v":6.73892e-6,"d":"6.74E-06"},0.147378,2192,"exposure",true,"reported","HssOTD","textfile",2,1,true,"NA",0.00916074414591389,20.2475119561732,21.5181902884204]
["rs17029323","G","A","G","A",0.231458,-0.12424,0.0848457,0.0799039,false,false,false,"x3lG2z",0.171109,0.467787,"outcome",true,"reported","textfile",{"v":8.9519e-6,"d":"8.95E-06"},0.0521179,2204,"exposure",true,"reported","HssOTD","textfile",2,1,true,"NA",0.0088693115190585,19.7049936925067,21.5181902884204]
["rs186271","A","C","A","C",-0.230743,-0.158487,0.0928376,0.0922139,false,false,false,"x3lG2z",0.161177,0.325456,"outcome",true,"reported","textfile",{"v":5.81467e-6,"d":"5.81E-06"},0.0509028,2192,"exposure",true,"reported","HssOTD","textfile",2,1,true,"NA",0.00928711846461837,20.5294488611006,21.5181902884204]
["rs2975362","C","G","C","G",-0.165738,0.011985,0.217876,0.212674,false,true,false,"x3lG2z",0.116117,0.917792,"outcome",true,"reported","textfile",{"v":6.92113e-6,"d":"6.92E-06"},0.0368626,2109,"exposure",true,"reported","HssOTD","textfile",2,1,true,"NA",0.00949407716583912,20.1957606989214,21.5181902884204]
["rs342489","G","A","G","A",-0.319139,0.271292,0.954214,0.953487,false,false,false,"x3lG2z",0.220964,0.219535,"outcome",true,"reported","textfile",{"v":7.49677e-6,"d":"7.50E-06"},0.071251,2195,"exposure",true,"reported","HssOTD","textfile",2,1,true,"NA",0.00905715734113023,20.0438866845282,21.5181902884204]
["rs35820942","A","T","A","T",-0.142547,0.0039788,0.309667,0.307856,false,true,false,"x3lG2z",0.102053,0.9689,"outcome",true,"reported","textfile",{"v":7.80459e-6,"d":"7.80E-06"},0.0318863,2162,"exposure",true,"reported","HssOTD","textfile",2,1,true,"NA",0.00915916984868261,19.9666851336083,21.5181902884204]
["rs471302","T","C","T","C",-0.137307,-0.0488514,0.426673,0.427838,false,false,false,"x3lG2z",0.0961171,0.611279,"outcome",true,"reported","textfile",{"v":7.42991e-6,"d":"7.43E-06"},0.0306423,2107,"exposure",true,"reported","HssOTD","textfile",2,1,true,"NA",0.00943971780000067,20.0599663908081,21.5181902884204]
["rs60386004","T","A","T","A",0.190974,0.103675,0.158161,0.158588,false,true,false,"x3lG2z",0.127443,0.415932,"outcome",true,"reported","textfile",{"v":2.87668e-6,"d":"2.88E-06"},0.0408112,2175,"exposure",true,"reported","HssOTD","textfile",2,1,true,"NA",0.00996735697446027,21.8771238080717,21.5181902884204]
["rs61907106","A","G","A","G",-0.370717,0.220948,0.0481955,0.04655,false,false,false,"x3lG2z",0.221456,0.318423,"outcome",true,"reported","textfile",{"v":1.38018e-7,"d":"1.38E-07"},0.0703733,2189,"exposure",true,"reported","HssOTD","textfile",2,1,true,"NA",0.0125185023681221,27.7250406663206,21.5181902884204]
["rs6830734","C","T","C","T",-0.132514,0.298357,0.451219,0.448425,false,false,false,"x3lG2z",0.0942326,0.00154457,"outcome",true,"reported","textfile",{"v":6.09117e-6,"d":"6.09E-06"},0.0292966,2173,"exposure",true,"reported","HssOTD","textfile",2,1,true,"NA",0.00932737675889296,20.4403901637123,21.5181902884204]
["rs71569678","C","A","C","A",0.343329,0.418388,0.0603448,0.0610017,false,false,false,"x3lG2z",0.194701,0.0316445,"outcome",true,"reported","textfile",{"v":2.3672e-8,"d":"2.37E-08"},0.0614981,2204,"exposure",true,"reported","HssOTD","textfile",2,1,true,"NA",0.0139440062122196,31.1389027324506,21.5181902884204]
["rs7225604","C","T","C","T",0.269551,0.0866279,0.0673339,0.0695933,false,false,false,"x3lG2z",0.183748,0.637319,"outcome",true,"reported","textfile",{"v":6.44589e-6,"d":"6.45E-06"},0.0597513,2198,"exposure",true,"reported","HssOTD","textfile",2,1,true,"NA",0.00917396123478204,20.3325488868738,21.5181902884204]
["rs75477465","A","G","A","G",0.371461,0.454634,0.034029,0.0377552,false,false,false,"x3lG2z",0.244613,0.0630865,"outcome",true,"reported","textfile",{"v":3.90436e-6,"d":"3.90E-06"},0.0804653,2204,"exposure",true,"reported","HssOTD","textfile",2,1,true,"NA",0.00957675575969931,21.291923736133,21.5181902884204]
["rs7697810","C","T","C","T",-0.546377,-0.178919,0.986155,0.9871611,false,false,false,"x3lG2z",0.413243,0.665042,"outcome",true,"reported","textfile",{"v":8.88457e-6,"d":"8.88E-06"},0.122984,2203,"exposure",true,"reported","HssOTD","textfile",2,1,true,"NA",0.00887972372849401,19.7193745242897,21.5181902884204]
["rs9289888","T","C","T","C",0.266423,-0.24833,0.0663034,0.0734939,false,false,false,"x3lG2z",0.178703,0.164643,"outcome",true,"reported","textfile",{"v":3.6135e-6,"d":"3.61E-06"},0.0575122,2202,"exposure",true,"reported","HssOTD","textfile",2,1,true,"NA",0.0096514864706256,21.4402000359508,21.5181902884204]
["Helicobacter pylori VacA antibody levels"]
["SNP","effect_allele.exposure","other_allele.exposure","effect_allele.outcome","other_allele.outcome","beta.exposure","beta.outcome","eaf.exposure","eaf.outcome","remove","palindromic","ambiguous","id.outcome","se.outcome","pval.outcome","outcome","mr_keep.outcome","pval_origin.outcome","data_source.outcome","pval.exposure","se.exposure","samplesize.exposure","exposure","mr_keep.exposure","pval_origin.exposure","id.exposure","data_source.exposure","action","SNP_index","mr_keep","samplesize.outcome","R2","f","meanf"]
["rs11044935","T","A","T","A",0.430443,0.0524514,0.0393674,0.0384969,false,true,false,"UMpnB9",0.246881,0.831752,"outcome",true,"reported","textfile",{"v":2.35292e-6,"d":"2.35E-06"},0.0911863,1486,"exposure",true,"reported","m0oNxF","textfile",2,1,true,"NA",0.0147737007508708,22.2529300435863,22.3140698438829]
["rs113063793","T","A","T","A",0.3681,-0.224727,0.0562419,0.0598646,false,true,false,"UMpnB9",0.196035,0.251644,"outcome",true,"reported","textfile",{"v":1.37667e-6,"d":"1.38E-06"},0.0762371,1538,"exposure",true,"reported","m0oNxF","textfile",2,1,true,"NA",0.0149316882051952,23.2827234503075,22.3140698438829]
["rs113845906","A","G","A","G",0.393219,0.197285,0.0450658,0.0491807,false,false,false,"UMpnB9",0.215032,0.358896,"outcome",true,"reported","textfile",{"v":3.94705e-6,"d":"3.95E-06"},0.0852202,1520,"exposure",true,"reported","m0oNxF","textfile",2,1,true,"NA",0.013813362729904,21.2623897257811,22.3140698438829]
["rs117077218","T","C","T","C",0.629778,-0.238277,0.0166558,0.0142108,false,false,false,"UMpnB9",0.395714,0.547079,"outcome",true,"reported","textfile",{"v":6.67578e-6,"d":"6.68E-06"},0.139834,1531,"exposure",true,"reported","m0oNxF","textfile",2,1,true,"NA",0.0130754953457647,20.2573067031895,22.3140698438829]
["rs133537","C","T","C","T",-0.177229,-0.13187,0.615079,0.634704,false,false,false,"UMpnB9",0.0971216,0.174532,"outcome",true,"reported","textfile",{"v":1.64135e-6,"d":"1.64E-06"},0.036975,1512,"exposure",true,"reported","m0oNxF","textfile",2,1,true,"NA",0.0149675920162472,22.9444876750756,22.3140698438829]
["rs145425508","A","C","A","C",0.58045,-0.331006,0.0192057,0.0160167,false,false,false,"UMpnB9",0.369861,0.370816,"outcome",true,"reported","textfile",{"v":8.49658e-6,"d":"8.50E-06"},0.130372,1536,"exposure",true,"reported","m0oNxF","textfile",2,1,true,"NA",0.0127409231093415,19.7968056280473,22.3140698438829]
["rs148556020","A","T","A","T",0.672561,-0.156048,0.0168831,0.0152355,false,true,false,"UMpnB9",0.380969,0.682094,"outcome",true,"reported","textfile",{"v":1.16967e-6,"d":"1.17E-06"},0.138367,1540,"exposure",true,"reported","m0oNxF","textfile",2,1,true,"NA",0.0151100292364268,23.5957575520922,22.3140698438829]
["rs1530120","A","T","A","T",-0.239883,-0.0229705,0.808852,0.814748,false,true,false,"UMpnB9",0.120271,0.848534,"outcome",true,"reported","textfile",{"v":1.31847e-7,"d":"1.32E-07"},0.0454647,1525,"exposure",true,"reported","m0oNxF","textfile",2,1,true,"NA",0.0179276726522066,27.8022755442545,22.3140698438829]
["rs1801257","G","C","G","C",0.157156,0.134965,0.471123,0.475269,false,true,true,"UMpnB9",0.0930126,0.14677,"outcome",true,"reported","textfile",{"v":8.74019e-6,"d":"8.74E-06"},0.0353462,1541,"exposure",true,"reported","m0oNxF","textfile",2,1,false,"NA",0.0126659551420703,19.742968517257,22.3140698438829]
["rs34543257","G","T","G","T",0.985045,-0.717175,0.00718954,0.00724414,false,false,false,"UMpnB9",0.54744,0.190178,"outcome",true,"reported","textfile",{"v":2.95209e-6,"d":"2.95E-06"},0.210744,1530,"exposure",true,"reported","m0oNxF","textfile",2,1,true,"NA",0.0140783793646697,21.8189389693605,22.3140698438829]
["rs372744619","G","A","G","A",0.883718,0.552558,0.0105194,0.010981,false,false,false,"UMpnB9",0.441738,0.210981,"outcome",true,"reported","textfile",{"v":4.5103e-7,"d":"4.51E-07"},0.175131,1521,"exposure",true,"reported","m0oNxF","textfile",2,1,true,"NA",0.016465008098774,25.4290365955271,22.3140698438829]
["rs59104649","T","A","T","A",0.730812,-0.171784,0.0140156,0.0105168,false,true,false,"UMpnB9",0.457917,0.707555,"outcome",true,"reported","textfile",{"v":8.13186e-7,"d":"8.13E-07"},0.148172,1534,"exposure",true,"reported","m0oNxF","textfile",2,1,true,"NA",0.015610636343497,24.2947514075157,22.3140698438829]
["rs6983363","C","T","C","T",0.451529,-0.194062,0.0301752,0.0288782,false,false,false,"UMpnB9",0.275638,0.481405,"outcome",true,"reported","textfile",{"v":8.85502e-6,"d":"8.86E-06"},0.101618,1541,"exposure",true,"reported","m0oNxF","textfile",2,1,true,"NA",0.0126502294263466,19.7181421086836,22.3140698438829]
["rs7019543","T","G","T","G",0.181782,-0.0165262,0.320078,0.335485,false,false,false,"UMpnB9",0.0984854,0.866738,"outcome",true,"reported","textfile",{"v":2.18257e-6,"d":"2.18E-06"},0.0383851,1534,"exposure",true,"reported","m0oNxF","textfile",2,1,true,"NA",0.0144094555153255,22.3980292556692,22.3140698438829]
["rs72645538","G","A","G","A",0.763624,0.716648,0.011992,0.0142728,false,false,false,"UMpnB9",0.397409,0.0713414,"outcome",true,"reported","textfile",{"v":3.99483e-6,"d":"3.99E-06"},0.165586,1501,"exposure",true,"reported","m0oNxF","textfile",2,1,true,"NA",0.0139707910204942,21.2389405394948,22.3140698438829]
["rs73500239","C","G","C","G",0.238885,0.0052462,0.144805,0.142521,false,true,false,"UMpnB9",0.133234,0.968591,"outcome",true,"reported","textfile",{"v":2.14906e-6,"d":"2.15E-06"},0.0504096,1540,"exposure",true,"reported","m0oNxF","textfile",2,1,true,"NA",0.0143728598638594,22.4278102443105,22.3140698438829]
["rs75857905","G","A","G","A",0.986364,0.207812,0.00812216,0.00894492,false,false,false,"UMpnB9",0.493405,0.673624,"outcome",true,"reported","textfile",{"v":6.05534e-7,"d":"6.06E-07"},0.19769,1539,"exposure",true,"reported","m0oNxF","textfile",2,1,true,"NA",0.0159183315284613,24.8622409532799,22.3140698438829]
["rs7629580","T","C","T","C",-0.176281,0.0409227,0.347934,0.344888,false,false,false,"UMpnB9",0.102399,0.689422,"outcome",true,"reported","textfile",{"v":5.26652e-6,"d":"5.27E-06"},0.0387102,1404,"exposure",true,"reported","m0oNxF","textfile",2,1,true,"NA",0.0145554377181811,20.7081397188267,22.3140698438829]
["rs77497849","G","A","G","A",0.25442,-0.0687884,0.119223,0.122351,false,false,false,"UMpnB9",0.144661,0.634421,"outcome",true,"reported","textfile",{"v":2.74278e-6,"d":"2.74E-06"},0.0542567,1493,"exposure",true,"reported","m0oNxF","textfile",2,1,true,"NA",0.0145139762188247,21.9590516963768,22.3140698438829]
["rs77722382","C","A","C","A",0.335152,-0.0115573,0.0625,0.0659176,false,false,false,"UMpnB9",0.1881,0.951007,"outcome",true,"reported","textfile",{"v":5.53225e-6,"d":"5.53E-06"},0.0737649,1528,"exposure",true,"reported","m0oNxF","textfile",2,1,true,"NA",0.0133300767598431,20.6165168881603,22.3140698438829]
["rs78851810","G","A","G","A",-0.227901,-0.00284014,0.144073,0.143089,false,false,false,"UMpnB9",0.133276,0.982998,"outcome",true,"reported","textfile",{"v":6.53663e-6,"d":"6.54E-06"},0.0505521,1527,"exposure",true,"reported","m0oNxF","textfile",2,1,true,"NA",0.0131350803236134,20.2976082076958,22.3140698438829]
["rs80049396","G","T","G","T",0.408339,-0.0713394,0.0427825,0.0445902,false,false,false,"UMpnB9",0.225061,0.75126,"outcome",true,"reported","textfile",{"v":4.41314e-6,"d":"4.41E-06"},0.088945,1531,"exposure",true,"reported","m0oNxF","textfile",2,1,true,"NA",0.0135795543466341,21.0489742862647,22.3140698438829]
["rs9606224","T","C","T","C",0.519954,-0.0849416,0.0298408,0.0293735,false,false,false,"UMpnB9",0.27815,0.760076,"outcome",true,"reported","textfile",{"v":4.42015e-7,"d":"4.42E-07"},0.102963,1508,"exposure",true,"reported","m0oNxF","textfile",2,1,true,"NA",0.0166296549098359,25.4677806985491,22.3140698438829]

{"sheet":"Supplementary Table S2","index":1,"n_rows":33,"n_cols":11,"rows_kept":33,"merged":[[0,0,1,9],[2,0,4,0],[2,1,4,1],[2,2,4,2],[2,3,4,3],[2,4,2,6],[3,4,4,4],[3,5,4,5],[3,6,4,6],[3,7,3,10],[5,7,6,7],[5,8,6,8],[5,9,6,9],[5,10,6,10],[7,7,8,7],[7,8,8,8],[7,9,8,9],[7,10,8,10],[9,7,10,7],[9,8,10,8],[9,9,10,9],[9,10,10,10],[11,7,12,7],[11,8,12,8],[11,9,12,9],[11,10,12,10],[13,7,14,7],[13,8,14,8],[13,9,14,9],[13,10,14,10],[15,7,16,7],[15,8,16,8],[15,9,16,9],[15,10,16,10],[17,7,18,7],[17,8,18,8],[17,9,18,9],[17,10,18,10],[19,7,20,7],[19,8,20,8],[19,9,20,9],[19,10,20,10],[21,7,22,7],[21,8,22,8],[21,9,22,9],[21,10,22,10],[23,7,24,7],[23,8,24,8],[23,9,24,9],[23,10,24,10],[25,7,26,7],[25,8,26,8],[25,9,26,9],[25,10,26,10],[27,7,28,7],[27,8,28,8],[27,9,28,9],[27,10,28,10],[29,7,30,7],[29,8,30,8],[29,9,30,9],[29,10,30,10],[31,7,32,7],[31,8,32,8],[31,9,32,9],[31,10,32,10]]}
["Supplementary Table S2: Heterogeneity and pleiotropy in MR analyses."]
[]
["EXPOSURE","OUTCOME","METHOD","NO. OF SNPs","HETEROGENEITY",null,null,"HORIZONTAL PLEIOTROPY"]
[{"$nulls":4},"Q","Q DEGREES OF FREEDOM","Q P-VALUE","MR-EGGER REGRESSION"]
[{"$nulls":7},"EGGER INTERCEPT","SE","P-VALUE","95% CI"]
["Anti-helicobacter pylori lgG seropositivity","Pancreatic cancer","MR Egger",{"v":16,"d":"16.00"},{"v":6.36185151161485,"d":"6.36"},{"v":14,"d":"14.00"},{"v":0.956530740120469,"d":"0.96"},{"v":0.181327172203376,"d":"0.181"},{"v":0.100420762627469,"d":"0.10"},{"v":0.0925111489934627,"d":"0.09"},"0.181±0.096"]
["Anti-helicobacter pylori lgG seropositivity","Pancreatic cancer","Inverse variance weighted",{"v":16,"d":"16.00"},{"v":9.62231053983851,"d":"9.62"},{"v":15,"d":"15.00"},{"v":0.842801371417723,"d":"0.84"}]
["Helicobacter pylori CagA antibody levels","Pancreatic cancer","MR Egger",{"v":15,"d":"15.00"},{"v":4.02312417660576,"d":"4.02"},{"v":13,"d":"13.00"},{"v":0.990942912645077,"d":"0.99"},{"v":0.0899750990656901,"d":"0.090"},{"v":0.0944290560239938,"d":"0.09"},{"v":0.358056283980815,"d":"0.36"},"0.090±0.086"]
["Helicobacter pylori CagA antibody levels","Pancreatic cancer","Inverse variance weighted",{"v":15,"d":"15.00"},{"v":4.93101446511719,"d":"4.93"},{"v":14,"d":"14.00"},{"v":0.986749760822768,"d":"0.99"}]
["Helicobacter pylori Catalase antibody levels","Pancreatic cancer","MR Egger",{"v":17,"d":"17.00"},{"v":16.902258674,"d":"16.90"},{"v":15,"d":"15.00"},{"v":0.324740909794373,"d":"0.32"},{"v":-0.019659549994825,"d":"-0.020"},{"v":0.0802184662440256,"d":"0.080"},{"v":0.809719456563986,"d":"0.810"},"-0.020±0.077"]
["Helicobacter pylori Catalase antibody levels","Pancreatic cancer","Inverse variance weighted",{"v":17,"d":"17.00"},{"v":16.9699373605817,"d":"16.97"},{"v":16,"d":"16.00"},{"v":0.3875450190684,"d":"0.39"}]
["Helicobacter pylori GroEL antibody levels","Pancreatic cancer","MR Egger",{"v":15,"d":"15.00"},{"v":16.8488252605766,"d":"16.85"},{"v":13,"d":"13.00"},{"v":0.206307408737404,"d":"0.21"},{"v":0.103357448037278,"d":"0.103"},{"v":0.109639349057936,"d":"0.110"},{"v":0.363022601726342,"d":"0.363"},"0.103±0.106"]
["Helicobacter pylori GroEL antibody levels","Pancreatic cancer","Inverse variance weighted",{"v":15,"d":"15.00"},{"v":18.0006248851537,"d":"18.00"},{"v":14,"d":"14.00"},{"v":0.206752380848016,"d":"0.21"}]
["Helicobacter pylori OMP antibody levels","Pancreatic cancer","MR Egger",{"v":22,"d":"22.00"},{"v":22.3033960441738,"d":"22.30"},{"v":20,"d":"20.00"},{"v":0.324277070416326,"d":"0.32"},{"v":0.0885652242789262,"d":"0.089"},{"v":0.082355921998641,"d":"0.082"},{"v":0.295000178682656,"d":"0.295"},"0.089±0.079"]
["Helicobacter pylori OMP antibody levels","Pancreatic cancer","Inverse variance weighted",{"v":22,"d":"22.00"},{"v":23.5930636370753,"d":"23.59"},{"v":21,"d":"21.00"},{"v":0.313190381795701,"d":"0.31"}]
["Helicobacter pylori UREA antibody levels","Pancreatic cancer","MR Egger",{"v":26,"d":"26.00"},{"v":42.3458845809384,"d":"42.35"},{"v":24,"d":"24.00"},{"v":0.011800279452488,"d":"0.01"},{"v":-0.0502590421433767,"d":"-0.050"},{"v":0.089054807177872,"d":"0.089"},{"v":0.577745448795984,"d":"0.578"},"-0.050±0.085"]
["Helicobacter pylori UREA antibody levels","Pancreatic cancer","Inverse variance weighted",{"v":26,"d":"26.00"},{"v":42.9078552476567,"d":"42.91"},{"v":25,"d":"25.00"},{"v":0.0143260445385781,"d":"0.01"}]
["Helicobacter pylori VacA antibody levels","Pancreatic cancer","MR Egger",{"v":22,"d":"22.00"},{"v":13.3223707813325,"d":"13.32"},{"v":20,"d":"20.00"},{"v":0.86312802282915,"d":"0.86"},{"v":0.0164396257423768,"d":"0.016"},{"v":0.0776642980037589,"d":"0.08"},{"v":0.834502396643147,"d":"0.83"},"0.016±0.077"]
["Helicobacter pylori VacA antibody levels","Pancreatic cancer","Inverse variance weighted",{"v":22,"d":"22.00"},{"v":13.3671772802643,"d":"13.37"},{"v":21,"d":"21.00"},{"v":0.895219495015076,"d":"0.90"}]
["Pancreatic cancer","Anti-helicobacter pylori lgG seropositivity","MR Egger",80,{"v":67.8773261951109,"d":"67.88"},78,{"v":0.78652853343603,"d":"0.79"},{"v":-0.0102875597767181,"d":"-0.010"},{"v":0.0113904761619694,"d":"0.01"},{"v":0.369215424870709,"d":"0.37"},"-0.010±0.010"]
["Pancreatic cancer","Anti-helicobacter pylori lgG seropositivity","Inverse variance weighted",80,{"v":68.6930459582772,"d":"68.69"},79,{"v":0.789577475910963,"d":"0.79"}]
["Pancreatic cancer","Helicobacter pylori CagA antibody levels","MR Egger",80,{"v":38.7229079938207,"d":"38.72"},78,{"v":0.999943564109237,"d":"1.00"},{"v":-0.0180348459202084,"d":"-0.018"},{"v":0.0150642811100379,"d":"0.02"},{"v":0.234857314831551,"d":"0.23"},"-0.018±0.019"]
["Pancreatic cancer","Helicobacter pylori CagA antibody levels","Inverse variance weighted",80,{"v":40.1561781234138,"d":"40.16"},79,{"v":0.999917409175528,"d":"1.00"}]
["Pancreatic cancer","Helicobacter pylori Catalase antibody levels","MR Egger",80,{"v":92.2590173765305,"d":"92.26"},78,{"v":0.128964728922929,"d":"0.13"},{"v":-0.0015248012583057,"d":"-0.002"},{"v":0.0129864843551459,"d":"0.01"},{"v":0.90683343143532,"d":"0.91"},"-0.002±0.0096"]
["Pancreatic cancer","Helicobacter pylori Catalase antibody levels","Inverse variance weighted",80,{"v":92.2753237547775,"d":"92.28"},79,{"v":0.145819681079545,"d":"0.15"}]
["Pancreatic cancer","Helicobacter pylori GroEL antibody levels","MR Egger",80,{"v":91.8772704043437,"d":"91.88"},78,{"v":0.134811375863791,"d":"0.13"},{"v":-0.0050316608111034,"d":"-0.005"},{"v":0.00981172441556076,"d":"0.01"},{"v":0.609525673861411,"d":"0.61"},"-0.005±0.010"]
["Pancreatic cancer","Helicobacter pylori GroEL antibody levels","Inverse variance weighted",80,{"v":92.1870447960493,"d":"92.19"},79,{"v":0.147273664275548,"d":"0.15"}]
["Pancreatic cancer","Helicobacter pylori OMP antibody levels","MR Egger",80,{"v":61.2283037126913,"d":"61.23"},78,{"v":0.919071824674865,"d":"0.92"},{"v":-0.00276988561634988,"d":"-0.003"},{"v":0.00936155113457314,"d":"0.01"},{"v":0.768108838926321,"d":"0.77"},"-0.003±0.010"]
["Pancreatic cancer","Helicobacter pylori OMP antibody levels","Inverse variance weighted",80,{"v":61.3158480465459,"d":"61.32"},79,{"v":0.929759745718507,"d":"0.93"}]
["Pancreatic cancer","Helicobacter pylori UREA antibody levels","MR Egger",79,{"v":71.5896873146253,"d":"71.59"},77,{"v":0.65267452083925,"d":"0.65"},{"v":0.00847960988925823,"d":"0.008"},{"v":0.010048584303254,"d":"0.01"},{"v":0.401361045184687,"d":"0.40"},"0.008±0.010"]
["Pancreatic cancer","Helicobacter pylori UREA antibody levels","Inverse variance weighted",79,{"v":72.30178895229,"d":"72.30"},78,{"v":0.660596020264218,"d":"0.66"}]
["Pancreatic cancer","Helicobacter pylori VacA antibody levels","MR Egger",80,{"v":84.3445073684065,"d":"84.34"},78,{"v":0.291890670673259,"d":"0.29"},{"v":0.00549717377383837,"d":"0.005"},{"v":0.0124530503735739,"d":"0.01"},{"v":0.660121652029938,"d":"0.66"},"0.005±0.010"]
["Pancreatic cancer","Helicobacter pylori VacA antibody levels","Inverse variance weighted",80,{"v":84.5552195508601,"d":"84.56"},79,{"v":0.313922848200048,"d":"0.31"}]

{"sheet":"Supplementary Table S3","index":2,"n_rows":574,"n_cols":34,"rows_kept":574,"merged":[[0,0,0,33]]}
["                         Pancreatic Cancer  On Helicobacter Pylori（Data combined after reconciliation of exposure and outcome.）"]
["Anti-helicobacter pylori lgG seropositivity"]
["SNP","effect_allele.exposure","other_allele.exposure","effect_allele.outcome","other_allele.outcome","beta.exposure","beta.outcome","eaf.exposure","eaf.outcome","remove","palindromic","ambiguous","id.outcome","pval.outcome","se.outcome","outcome","mr_keep.outcome","pval_origin.outcome","data_source.outcome","se.exposure","pval.exposure","exposure","mr_keep.exposure","pval_origin.exposure","id.exposure","data_source.exposure","samplesize.exposure","action","SNP_index","mr_keep","samplesize.outcome","R2","f","meanf"]
["rs10739331","T","A","T","A",1.44908,0.107796,0.0233273,0.0237270000000001,false,true,false,"HU09Xj",0.329068,0.110448,"outcome",true,"reported","textfile",0.347833,{"v":3.09959e-5,"d":"3.10E-05"},"exposure",true,"reported","oRJ4AP","textfile",456348,2,1,true,"NA",{"v":3.80303648275098e-5,"d":"3.80E-05"},17.3556649098431,18.5370652945758]
["rs10950789","G","A","G","A",-0.403782,0.0328447,0.337553,0.343259,false,false,false,"HU09Xj",0.357281,0.0356791,"outcome",true,"reported","textfile",0.09882,{"v":4.38816e-5,"d":"4.39E-05"},"exposure",true,"reported","oRJ4AP","textfile",456348,2,1,true,"NA",{"v":3.65840827315648e-5,"d":"3.66E-05"},16.6956106118185,18.5370652945758]
["rs11203996","G","A","G","A",-0.394941,-0.0388862,0.433391,0.431959,false,false,false,"HU09Xj",0.257712,0.0343574,"outcome",true,"reported","textfile",0.0951771,{"v":3.33154e-5,"d":"3.33E-05"},"exposure",true,"reported","oRJ4AP","textfile",456348,2,1,true,"NA",{"v":3.77300142602084e-5,"d":"3.77E-05"},17.2185907452634,18.5370652945758]
["rs112946855","T","C","T","C",3.22308,-0.467933,0.00712285,0.00704064,false,false,false,"HU09Xj",0.0202367,0.201528,"outcome",true,"reported","textfile",0.70868,{"v":5.41565e-6,"d":"5.42E-06"},"exposure",true,"reported","oRJ4AP","textfile",456348,2,1,true,"NA",{"v":4.53237652702887e-5,"d":"4.53E-05"},20.6842564744204,18.5370652945758]
["rs113300658","G","A","G","A",-0.415039,0.00510279,0.449507,0.450855,false,false,false,"HU09Xj",0.881566,0.0342504,"outcome",true,"reported","textfile",0.0943966,{"v":1.0988e-5,"d":"1.10E-05"},"exposure",true,"reported","oRJ4AP","textfile",456348,2,1,true,"NA",{"v":4.2359474478975e-5,"d":"4.24E-05"},19.3313956083413,18.5370652945758]
["rs115218493","A","G","A","G",2.3867,0.317155,0.00948532,0.0104943,false,false,false,"HU09Xj",0.0555058,0.165625,"outcome",true,"reported","textfile",0.576704,{"v":3.49548e-5,"d":"3.50E-05"},"exposure",true,"reported","oRJ4AP","textfile",456348,2,1,true,"NA",{"v":3.75298896996004e-5,"d":"3.75E-05"},17.127257828951,18.5370652945758]
["rs116684522","A","C","A","C",1.80124,0.110337,0.0157086,0.0147871,false,false,false,"HU09Xj",0.439011,0.142579,"outcome",true,"reported","textfile",0.436319,{"v":3.6552e-5,"d":"3.66E-05"},"exposure",true,"reported","oRJ4AP","textfile",456348,2,1,true,"NA",{"v":3.73441470788878e-5,"d":"3.73E-05"},17.0424885800623,18.5370652945758]
["rs116892119","C","T","C","T",1.14431,0.0198986,0.03513,0.0353749,false,false,false,"HU09Xj",0.829244,0.0922637,"outcome",true,"reported","textfile",0.277416,{"v":3.70906e-5,"d":"3.71E-05"},"exposure",true,"reported","oRJ4AP","textfile",456348,2,1,true,"NA",{"v":3.72831013851325e-5,"d":"3.73E-05"},17.0146285428207,18.5370652945758]
["rs116924465","T","C","T","C",1.31762,-0.0177128,0.0271164,0.0279908,false,false,false,"HU09Xj",0.86227,0.102099,"outcome",true,"reported","textfile",0.316975,{"v":3.22666e-5,"d":"3.23E-05"},"exposure",true,"reported","oRJ4AP","textfile",456348,2,1,true,"NA",{"v":3.78632370089989e-5,"d":"3.79E-05"},17.2793910097858,18.5370652945758]
["rs11732017","G","A","G","A",-0.518154,-0.0148691,0.215211,0.212856,false,false,false,"HU09Xj",0.720956,0.0416291,"outcome",true,"reported","textfile",0.116326,{"v":8.41545e-6,"d":"8.42E-06"},"exposure",true,"reported","oRJ4AP","textfile",456348,2,1,true,"NA",{"v":4.34759507061723e-5,"d":"4.35E-05"},19.8409388046363,18.5370652945758]
["rs117515677","G","A","G","A",1.84481,-0.120504,0.0177978,0.0181454,false,false,false,"HU09Xj",0.341458,0.126674,"outcome",true,"reported","textfile",0.413806,{"v":8.26658e-6,"d":"8.27E-06"},"exposure",true,"reported","oRJ4AP","textfile",456348,2,1,true,"NA",{"v":4.35506514295228e-5,"d":"4.36E-05"},19.8750311478107,18.5370652945758]
["rs117999278","T","A","T","A",2.25936,-0.240152,0.0116597,0.0112615,false,true,false,"HU09Xj",0.131136,0.15908,"outcome",true,"reported","textfile",0.528604,{"v":1.91824e-5,"d":"1.92E-05"},"exposure",true,"reported","oRJ4AP","textfile",456348,2,1,true,"NA",{"v":4.00310004368753e-5,"d":"4.00E-05"},18.2687182404342,18.5370652945758]
["rs12230793","A","G","A","G",0.564135,0.0174615,0.160104,0.162356,false,false,false,"HU09Xj",0.705363,0.0461832,"outcome",true,"reported","textfile",0.131524,{"v":1.79294e-5,"d":"1.79E-05"},"exposure",true,"reported","oRJ4AP","textfile",456348,2,1,true,"NA",{"v":4.031274891782e-5,"d":"4.03E-05"},18.3973033635228,18.5370652945758]
["rs12434934","C","T","C","T",0.647521,0.0188489,0.144882,0.143516,false,false,false,"HU09Xj",0.697504,0.0484933,"outcome",true,"reported","textfile",0.138674,{"v":3.02099e-6,"d":"3.02E-06"},"exposure",true,"reported","oRJ4AP","textfile",456348,2,1,true,"NA",{"v":4.77750037120525e-5,"d":"4.78E-05"},21.8029734811193,18.5370652945758]
["rs12440932","G","A","G","A",1.61618,0.0452403,0.021241,0.0203247,false,false,false,"HU09Xj",0.704263,0.119188,"outcome",true,"reported","textfile",0.373461,{"v":1.50771e-5,"d":"1.51E-05"},"exposure",true,"reported","oRJ4AP","textfile",456348,2,1,true,"NA",{"v":4.10369401354784e-5,"d":"4.10E-05"},18.7278120151656,18.5370652945758]
["rs12620223","A","G","A","G",0.611698,-0.00738994,0.134957,0.1332,false,false,false,"HU09Xj",0.883019,0.0502228,"outcome",true,"reported","textfile",0.14049,{"v":1.33655e-5,"d":"1.34E-05"},"exposure",true,"reported","oRJ4AP","textfile",456348,2,1,true,"NA",{"v":4.1540249767288e-5,"d":"4.15E-05"},18.9575143201826,18.5370652945758]
["rs12952974","G","A","G","A",-0.427553,0.0243398,0.292442,0.291536,false,false,false,"HU09Xj",0.514624,0.0373508,"outcome",true,"reported","textfile",0.10416,{"v":4.04735e-5,"d":"4.05E-05"},"exposure",true,"reported","oRJ4AP","textfile",456348,2,1,true,"NA",{"v":3.69203481441761e-5,"d":"3.69E-05"},16.849075267927,18.5370652945758]
["rs13160735","A","G","A","G",-0.442902,0.0608615,0.321677,0.331216,false,false,false,"HU09Xj",0.0902114,0.0359217,"outcome",true,"reported","textfile",0.101381,{"v":1.24983e-5,"d":"1.25E-05"},"exposure",true,"reported","oRJ4AP","textfile",456348,2,1,true,"NA",{"v":4.18203657954128e-5,"d":"4.18E-05"},19.0853548057928,18.5370652945758]
["rs134713","A","G","A","G",0.573504,-0.00343313,0.13955,0.136829,false,false,false,"HU09Xj",0.944934,0.0497047,"outcome",true,"reported","textfile",0.138474,{"v":3.44882e-5,"d":"3.45E-05"},"exposure",true,"reported","oRJ4AP","textfile",456348,2,1,true,"NA",{"v":3.75858133203266e-5,"d":"3.76E-05"},17.1527802666748,18.5370652945758]
["rs138432728","C","A","C","A",1.68551,-0.00443294,0.019522,0.0197139,false,false,false,"HU09Xj",0.971289,0.123164,"outcome",true,"reported","textfile",0.388547,{"v":1.4379e-5,"d":"1.44E-05"},"exposure",true,"reported","oRJ4AP","textfile",456348,2,1,true,"NA",{"v":4.12345716088491e-5,"d":"4.12E-05"},18.8180077679007,18.5370652945758]
["rs138585571","T","C","T","C",1.10076,0.0385245,0.038463,0.0392101,false,false,false,"HU09Xj",0.655532,0.0863602,"outcome",true,"reported","textfile",0.262786,{"v":2.804e-5,"d":"2.80E-05"},"exposure",true,"reported","oRJ4AP","textfile",456348,2,1,true,"NA",{"v":3.84474889735365e-5,"d":"3.84E-05"},17.5460324040049,18.5370652945758]
["rs138832752","C","G","C","G",2.42473,0.0425933,0.00980181,0.0109756,false,true,false,"HU09Xj",0.79406,0.163166,"outcome",true,"reported","textfile",0.582254,{"v":3.12193e-5,"d":"3.12E-05"},"exposure",true,"reported","oRJ4AP","textfile",456348,2,1,true,"NA",{"v":3.80004863401919e-5,"d":"3.80E-05"},17.3420289449352,18.5370652945758]
["rs138912469","G","A","G","A",3.50123,-0.161349,0.00617677,0.00609125,false,false,false,"HU09Xj",0.460808,0.218773,"outcome",true,"reported","textfile",0.769667,{"v":5.38953e-6,"d":"5.39E-06"},"exposure",true,"reported","oRJ4AP","textfile",456348,2,1,true,"NA",{"v":4.53439870852525e-5,"d":"4.53E-05"},20.6934854555439,18.5370652945758]
["rs139484354","T","G","T","G",2.36526,0.171498,0.00967161,0.00947187,false,false,false,"HU09Xj",0.330773,0.176337,"outcome",true,"reported","textfile",0.574582,{"v":3.84704e-5,"d":"3.85E-05"},"exposure",true,"reported","oRJ4AP","textfile",456348,2,1,true,"NA",{"v":3.71314119109658e-5,"d":"3.71E-05"},16.9454005065678,18.5370652945758]
["rs141152183","A","G","A","G",1.5543,-0.000162368,0.0214324,0.0223451,false,false,false,"HU09Xj",0.998869,0.11459,"outcome",true,"reported","textfile",0.366576,{"v":2.23463e-5,"d":"2.23E-05"},"exposure",true,"reported","oRJ4AP","textfile",456348,2,1,true,"NA",{"v":3.93938455330552e-5,"d":"3.94E-05"},17.9779320535059,18.5370652945758]
["rs143582126","C","G","C","G",0.857788,-0.0262268,0.058795,0.0600092,false,true,false,"HU09Xj",0.710846,0.0707455,"outcome",true,"reported","textfile",0.210251,{"v":4.50685e-5,"d":"4.51E-05"},"exposure",true,"reported","oRJ4AP","textfile",456348,2,1,true,"NA",{"v":3.64730263831585e-5,"d":"3.65E-05"},16.6449267887027,18.5370652945758]
["rs145889251","T","C","T","C",1.30908,-0.0574112,0.0274908,0.0270191,false,false,false,"HU09Xj",0.585501,0.105271,"outcome",true,"reported","textfile",0.321286,{"v":4.61135e-5,"d":"4.61E-05"},"exposure",true,"reported","oRJ4AP","textfile",456348,2,1,true,"NA",{"v":3.6377832742988e-5,"d":"3.64E-05"},16.6014823868812,18.5370652945758]
["rs147985159","T","C","T","C",0.935119,-0.0107229,0.0571733,0.0578403,false,false,false,"HU09Xj",0.882105,0.0723051,"outcome",true,"reported","textfile",0.214662,{"v":1.32318e-5,"d":"1.32E-05"},"exposure",true,"reported","oRJ4AP","textfile",456348,2,1,true,"NA",{"v":4.15823671612387e-5,"d":"4.16E-05"},18.9767360221674,18.5370652945758]
["rs148512905","C","A","C","A",2.84362,0.144446,0.0074238,0.00726913,false,false,false,"HU09Xj",0.477155,0.203192,"outcome",true,"reported","textfile",0.679931,{"v":2.88679e-5,"d":"2.89E-05"},"exposure",true,"reported","oRJ4AP","textfile",456348,2,1,true,"NA",{"v":3.83266303946481e-5,"d":"3.83E-05"},17.4908748403713,18.5370652945758]
["rs148943709","G","T","G","T",1.59818,-0.0699368,0.0196681,0.019447,false,false,false,"HU09Xj",0.566736,0.122082,"outcome",true,"reported","textfile",0.385474,{"v":3.38301e-5,"d":"3.38E-05"},"exposure",true,"reported","oRJ4AP","textfile",456348,2,1,true,"NA",{"v":3.76659297560452e-5,"d":"3.77E-05"},17.1893438330696,18.5370652945758]
["rs149033535","C","T","C","T",2.27018,0.0667869,0.010751,0.0107172,false,false,false,"HU09Xj",0.681622,0.162796,"outcome",true,"reported","textfile",0.545186,{"v":3.12656e-5,"d":"3.13E-05"},"exposure",true,"reported","oRJ4AP","textfile",456348,2,1,true,"NA",{"v":3.79943084503518e-5,"d":"3.80E-05"},17.3392094753573,18.5370652945758]
["rs150911549","T","G","T","G",3.28211,0.080017,0.00784382,0.00831025,false,false,false,"HU09Xj",0.666151,0.185466,"outcome",true,"reported","textfile",0.693758,{"v":2.23516e-6,"d":"2.24E-06"},"exposure",true,"reported","oRJ4AP","textfile",456348,2,1,true,"NA",{"v":4.90425231091041e-5,"d":"4.90E-05"},22.3814568938642,18.5370652945758]
["rs16925961","C","T","C","T",0.932963,-0.0960211,0.0551432,0.0505438,false,false,false,"HU09Xj",0.214164,0.0772993,"outcome",true,"reported","textfile",0.218921,{"v":2.02922e-5,"d":"2.03E-05"},"exposure",true,"reported","oRJ4AP","textfile",456348,2,1,true,"NA",{"v":3.97961042179023e-5,"d":"3.98E-05"},18.1615157329957,18.5370652945758]
["rs16971801","G","T","G","T",0.596025,-0.0523828,0.146056,0.14508,false,false,false,"HU09Xj",0.278105,0.0482975,"outcome",true,"reported","textfile",0.136364,{"v":1.23767e-5,"d":"1.24E-05"},"exposure",true,"reported","oRJ4AP","textfile",456348,2,1,true,"NA",{"v":4.18615357157986e-5,"d":"4.19E-05"},19.1041441065727,18.5370652945758]
["rs16985452","G","T","G","T",0.883685,-0.11415,0.0586085,0.0588916,false,false,false,"HU09Xj",0.109519,0.0713278,"outcome",true,"reported","textfile",0.210886,{"v":2.78531e-5,"d":"2.79E-05"},"exposure",true,"reported","oRJ4AP","textfile",456348,2,1,true,"NA",{"v":3.84757067470709e-5,"d":"3.85E-05"},17.5589104626886,18.5370652945758]
["rs181808493","G","A","G","A",1.98916,0.169612,0.0162032,0.0166801,false,false,false,"HU09Xj",0.204331,0.133625,"outcome",true,"reported","textfile",0.438639,{"v":5.76454e-6,"d":"5.76E-06"},"exposure",true,"reported","oRJ4AP","textfile",456348,2,1,true,"NA",{"v":4.50618717503529e-5,"d":"4.51E-05"},20.564731611085,18.5370652945758]
["rs185567460","A","T","A","T",2.18834,-0.0661526,0.01168,0.0122358,false,true,false,"HU09Xj",0.669949,0.155208,"outcome",true,"reported","textfile",0.519769,{"v":2.55127e-5,"d":"2.55E-05"},"exposure",true,"reported","oRJ4AP","textfile",456348,2,1,true,"NA",{"v":3.88414853398874e-5,"d":"3.88E-05"},17.7258449670637,18.5370652945758]
["rs186536042","T","C","T","C",1.55679,0.169814,0.0201719,0.0181295,false,false,false,"HU09Xj",0.186595,0.128577,"outcome",true,"reported","textfile",0.380484,{"v":4.28414e-5,"d":"4.28E-05"},"exposure",true,"reported","oRJ4AP","textfile",456348,2,1,true,"NA",{"v":3.66838733808875e-5,"d":"3.67E-05"},16.7411530122119,18.5370652945758]
["rs2735948","A","G","A","G",0.447476,-0.00643396,0.41204,0.412471,false,false,false,"HU09Xj",0.853745,0.0349023,"outcome",true,"reported","textfile",0.0964296,{"v":3.47672e-6,"d":"3.48E-06"},"exposure",true,"reported","oRJ4AP","textfile",456348,2,1,true,"NA",{"v":4.71848001423553e-5,"d":"4.72E-05"},21.5336108648883,18.5370652945758]
["rs34707016","G","A","G","A",0.395751,-0.0131928,0.445791,0.447332,false,false,false,"HU09Xj",0.70169,0.0344423,"outcome",true,"reported","textfile",0.094265,{"v":2.68944e-5,"d":"2.69E-05"},"exposure",true,"reported","oRJ4AP","textfile",456348,2,1,true,"NA",{"v":3.86215921340479e-5,"d":"3.86E-05"},17.6254898084828,18.5370652945758]
["rs35056927","A","G","A","G",0.729464,0.0602063,0.0995479,0.0990356,false,false,false,"HU09Xj",0.299102,0.0579821,"outcome",true,"reported","textfile",0.166816,{"v":1.22625e-5,"d":"1.23E-05"},"exposure",true,"reported","oRJ4AP","textfile",456348,2,1,true,"NA",{"v":4.19003809994258e-5,"d":"4.19E-05"},19.1218724813064,18.5370652945758]
["rs3779941","C","A","C","A",0.54165,-0.04313,0.163224,0.166338,false,false,false,"HU09Xj",0.347963,0.0459539,"outcome",true,"reported","textfile",0.130198,{"v":3.17954e-5,"d":"3.18E-05"},"exposure",true,"reported","oRJ4AP","textfile",456348,2,1,true,"NA",{"v":3.79241841634602e-5,"d":"3.79E-05"},17.3072061079302,18.5370652945758]
["rs40815","G","A","G","A",-0.404138,0.00104843,0.340617,0.339758,false,false,false,"HU09Xj",0.976261,0.035234,"outcome",true,"reported","textfile",0.0990062,{"v":4.46594e-5,"d":"4.47E-05"},"exposure",true,"reported","oRJ4AP","textfile",456348,2,1,true,"NA",{"v":3.65109037835769e-5,"d":"3.65E-05"},16.662213250485,18.5370652945758]
["rs4278653","G","C","G","C",0.976185,0.10085,0.0495992,0.0510017,false,true,false,"HU09Xj",0.190169,0.0769801,"outcome",true,"reported","textfile",0.231639,{"v":2.50604e-5,"d":"2.51E-05"},"exposure",true,"reported","oRJ4AP","textfile",456348,2,1,true,"NA",{"v":3.89159686120876e-5,"d":"3.89E-05"},17.7598377535403,18.5370652945758]
["rs4388169","A","C","A","C",-0.394237,-0.00889242,0.443665,0.444567,false,false,false,"HU09Xj",0.796765,0.0345289,"outcome",true,"reported","textfile",0.0947536,{"v":3.1733e-5,"d":"3.17E-05"},"exposure",true,"reported","oRJ4AP","textfile",456348,2,1,true,"NA",{"v":3.79324329251318e-5,"d":"3.79E-05"},17.3109706828865,18.5370652945758]
["rs45499297","C","T","C","T",0.727114,0.0381385,0.0936838,0.0970149,false,false,false,"HU09Xj",0.50395,0.057069,"outcome",true,"reported","textfile",0.167721,{"v":1.4559e-5,"d":"1.46E-05"},"exposure",true,"reported","oRJ4AP","textfile",456348,2,1,true,"NA",{"v":4.11828207718841e-5,"d":"4.12E-05"},18.7943895339419,18.5370652945758]
["rs4833046","T","C","T","C",1.73431,0.318824,0.0185907,0.0188917,false,false,false,"HU09Xj",0.0117885,0.126597,"outcome",true,"reported","textfile",0.400895,{"v":1.51775e-5,"d":"1.52E-05"},"exposure",true,"reported","oRJ4AP","textfile",456348,2,1,true,"NA",{"v":4.10089089730334e-5,"d":"4.10E-05"},18.7150190567208,18.5370652945758]
["rs56095768","G","C","G","C",0.566752,-0.0320281,0.144701,0.146244,false,true,false,"HU09Xj",0.513726,0.0490441,"outcome",true,"reported","textfile",0.137263,{"v":3.64434e-5,"d":"3.64E-05"},"exposure",true,"reported","oRJ4AP","textfile",456348,2,1,true,"NA",{"v":3.7356551137179e-5,"d":"3.74E-05"},17.0481495453174,18.5370652945758]
["rs56101722","G","T","G","T",0.404753,0.0131103,0.486816,0.484889,false,false,false,"HU09Xj",0.699369,0.0339493,"outcome",true,"reported","textfile",0.093908,{"v":1.63176e-5,"d":"1.63E-05"},"exposure",true,"reported","oRJ4AP","textfile",456348,2,1,true,"NA",{"v":4.07062541542406e-5,"d":"4.07E-05"},18.5768924539767,18.5370652945758]
["rs56266656","G","A","G","A",1.36117,-0.00434486,0.0250551,0.0257429,false,false,false,"HU09Xj",0.967647,0.107124,"outcome",true,"reported","textfile",0.332432,{"v":4.22932e-5,"d":"4.23E-05"},"exposure",true,"reported","oRJ4AP","textfile",456348,2,1,true,"NA",{"v":3.67372789562694e-5,"d":"3.67E-05"},16.7655262223914,18.5370652945758]
["rs58776181","T","C","T","C",2.78639,-0.00405938,0.00792476,0.00802384,false,false,false,"HU09Xj",0.982977,0.190248,"outcome",true,"reported","textfile",0.650283,{"v":1.82824e-5,"d":"1.83E-05"},"exposure",true,"reported","oRJ4AP","textfile",456348,2,1,true,"NA",{"v":4.02314217252477e-5,"d":"4.02E-05"},18.3601870350574,18.5370652945758]
["rs58835621","T","C","T","C",1.05439,0.0870662,0.0559956,0.0554093,false,false,false,"HU09Xj",0.239392,0.074004,"outcome",true,"reported","textfile",0.221044,{"v":1.84187e-6,"d":"1.84E-06"},"exposure",true,"reported","oRJ4AP","textfile",456348,2,1,true,"NA",{"v":4.98571317357099e-5,"d":"4.99E-05"},22.7532370502013,18.5370652945758]
["rs61883199","G","C","G","C",1.75364,0.131509,0.0159204,0.0171654,false,true,false,"HU09Xj",0.310884,0.129774,"outcome",true,"reported","textfile",0.430079,{"v":4.5525e-5,"d":"4.55E-05"},"exposure",true,"reported","oRJ4AP","textfile",456348,2,1,true,"NA",{"v":3.64311128723161e-5,"d":"3.64E-05"},16.6257983311656,18.5370652945758]
["rs61943481","A","C","A","C",1.06473,0.0398451,0.0389224,0.0358095,false,false,false,"HU09Xj",0.662611,0.0913229,"outcome",true,"reported","textfile",0.262439,{"v":4.96917e-5,"d":"4.97E-05"},"exposure",true,"reported","oRJ4AP","textfile",456348,2,1,true,"NA",{"v":3.60670330626729e-5,"d":"3.61E-05"},16.4596399203957,18.5370652945758]
["rs62099349","A","G","A","G",0.712082,-0.054082,0.115627,0.115233,false,false,false,"HU09Xj",0.31801,0.0541602,"outcome",true,"reported","textfile",0.155413,{"v":4.60805e-6,"d":"4.61E-06"},"exposure",true,"reported","oRJ4AP","textfile",456348,2,1,true,"NA",{"v":4.60012039039282e-5,"d":"4.60E-05"},20.9934311198476,18.5370652945758]
["rs62201257","C","T","C","T",1.63242,0.128234,0.0196392,0.0200307,false,false,false,"HU09Xj",0.297135,0.122995,"outcome",true,"reported","textfile",0.389715,{"v":2.80505e-5,"d":"2.81E-05"},"exposure",true,"reported","oRJ4AP","textfile",456348,2,1,true,"NA",{"v":3.84464921610621e-5,"d":"3.84E-05"},17.545577477639,18.5370652945758]
["rs62431635","G","A","G","A",2.46279,-0.345868,0.00948176,0.00896758,false,false,false,"HU09Xj",0.0549206,0.180186,"outcome",true,"reported","textfile",0.587216,{"v":2.74063e-5,"d":"2.74E-05"},"exposure",true,"reported","oRJ4AP","textfile",456348,2,1,true,"NA",{"v":3.85430529242806e-5,"d":"3.85E-05"},17.58964598844,18.5370652945758]
["rs6574176","C","G","C","G",0.40954,-0.0242095,0.322772,0.320594,false,true,false,"HU09Xj",0.510682,0.0368051,"outcome",true,"reported","textfile",0.100382,{"v":4.50695e-5,"d":"4.51E-05"},"exposure",true,"reported","oRJ4AP","textfile",456348,2,1,true,"NA",{"v":3.64727887838658e-5,"d":"3.65E-05"},16.6448183533062,18.5370652945758]
["rs6602237","T","C","T","C",0.434625,0.000919337,0.295767,0.29486,false,false,false,"HU09Xj",0.980242,0.0371216,"outcome",true,"reported","textfile",0.103232,{"v":2.55183e-5,"d":"2.55E-05"},"exposure",true,"reported","oRJ4AP","textfile",456348,2,1,true,"NA",{"v":3.88407586825048e-5,"d":"3.88E-05"},17.7255133341123,18.5370652945758]
["rs66659964","A","G","A","G",1.96941,0.0965783,0.0195958,0.0191757,false,false,false,"HU09Xj",0.432053,0.122923,"outcome",true,"reported","textfile",0.397498,{"v":7.2515e-7,"d":"7.25E-07"},"exposure",true,"reported","oRJ4AP","textfile",456348,2,1,true,"NA",{"v":5.37876871291889e-5,"d":"5.38E-05"},24.5471162032631,18.5370652945758]
["rs6777144","C","T","C","T",-0.444966,-0.0169552,0.488688,0.493666,false,false,false,"HU09Xj",0.617604,0.0339613,"outcome",true,"reported","textfile",0.0938798,{"v":2.13985e-6,"d":"2.14E-06"},"exposure",true,"reported","oRJ4AP","textfile",456348,2,1,true,"NA",{"v":4.92256901150243e-5,"d":"4.92E-05"},22.4650526389505,18.5370652945758]
["rs7047489","T","C","T","C",0.400074,-0.013794,0.374328,0.375489,false,false,false,"HU09Xj",0.694824,0.0351604,"outcome",true,"reported","textfile",0.0967944,{"v":3.57688e-5,"d":"3.58E-05"},"exposure",true,"reported","oRJ4AP","textfile",456348,2,1,true,"NA",{"v":3.74341333661824e-5,"d":"3.74E-05"},17.0835565332575,18.5370652945758]
["rs729451","G","A","G","A",0.446131,-0.0539191,0.28244,0.282656,false,false,false,"HU09Xj",0.148068,0.0372784,"outcome",true,"reported","textfile",0.104826,{"v":2.08194e-5,"d":"2.08E-05"},"exposure",true,"reported","oRJ4AP","textfile",456348,2,1,true,"NA",{"v":3.96892951929051e-5,"d":"3.97E-05"},18.1127699871763,18.5370652945758]
["rs73127875","A","C","A","C",-0.646309,-0.055502,0.103492,0.104888,false,false,false,"HU09Xj",0.313815,0.0551025,"outcome",true,"reported","textfile",0.158324,{"v":4.46116e-5,"d":"4.46E-05"},"exposure",true,"reported","oRJ4AP","textfile",456348,2,1,true,"NA",{"v":3.65153014053836e-5,"d":"3.65E-05"},16.6642202341657,18.5370652945758]
["rs74815106","G","A","G","A",0.544809,0.00112048,0.155887,0.158474,false,false,false,"HU09Xj",0.980735,0.0464015,"outcome",true,"reported","textfile",0.131731,{"v":3.53759e-5,"d":"3.54E-05"},"exposure",true,"reported","oRJ4AP","textfile",456348,2,1,true,"NA",{"v":3.74800481452721e-5,"d":"3.75E-05"},17.1045111288029,18.5370652945758]
["rs74962116","G","A","G","A",1.38624,-0.0380148,0.0248537,0.0262374,false,false,false,"HU09Xj",0.72038,0.106201,"outcome",true,"reported","textfile",0.335114,{"v":3.52433e-5,"d":"3.52E-05"},"exposure",true,"reported","oRJ4AP","textfile",456348,2,1,true,"NA",{"v":3.74955107093627e-5,"d":"3.75E-05"},17.1115679371537,18.5370652945758]
["rs7531005","C","G","C","G",0.677421,0.00178315,0.139555,0.141535,false,true,false,"HU09Xj",0.970921,0.0489165,"outcome",true,"reported","textfile",0.140854,{"v":1.51408e-6,"d":"1.51E-06"},"exposure",true,"reported","oRJ4AP","textfile",456348,2,1,true,"NA",{"v":5.06828208664431e-5,"d":"5.07E-05"},23.130074868559,18.5370652945758]
["rs75392725","T","C","T","C",1.37965,0.0503179,0.0333394,0.0342797,false,false,false,"HU09Xj",0.598288,0.0955045,"outcome",true,"reported","textfile",0.296538,{"v":3.27883e-6,"d":"3.28E-06"},"exposure",true,"reported","oRJ4AP","textfile",456348,2,1,true,"NA",{"v":4.74307936140858e-5,"d":"4.74E-05"},21.6458796238626,18.5370652945758]
["rs77891840","T","G","T","G",2.37945,0.115837,0.011004,0.0108193,false,false,false,"HU09Xj",0.479385,0.163775,"outcome",true,"reported","textfile",0.542215,{"v":1.14193e-5,"d":"1.14E-05"},"exposure",true,"reported","oRJ4AP","textfile",456348,2,1,true,"NA",{"v":4.21983657892392e-5,"d":"4.22E-05"},19.2578680850179,18.5370652945758]
["rs7849205","A","G","A","G",0.900301,0.110576,0.0607894,0.0641232,false,false,false,"HU09Xj",0.106884,0.0685799,"outcome",true,"reported","textfile",0.208433,{"v":1.56466e-5,"d":"1.56E-05"},"exposure",true,"reported","oRJ4AP","textfile",456348,2,1,true,"NA",{"v":4.08816673083605e-5,"d":"4.09E-05"},18.6569480766453,18.5370652945758]
["rs7853608","G","A","G","A",0.41528,-0.0297607,0.436973,0.431264,false,false,false,"HU09Xj",0.394232,0.0349317,"outcome",true,"reported","textfile",0.0967871,{"v":1.78145e-5,"d":"1.78E-05"},"exposure",true,"reported","oRJ4AP","textfile",456348,2,1,true,"NA",{"v":4.0339768879926e-5,"d":"4.03E-05"},18.4096348096921,18.5370652945758]
["rs79042862","A","G","A","G",1.21226,-0.0489888,0.0388015,0.036349,false,false,false,"HU09Xj",0.589034,0.0906803,"outcome",true,"reported","textfile",0.266818,{"v":5.53505e-6,"d":"5.54E-06"},"exposure",true,"reported","oRJ4AP","textfile",456348,2,1,true,"NA",{"v":4.52319702721907e-5,"d":"4.52E-05"},20.6423624005556,18.5370652945758]
["rs7951027","A","G","A","G",0.456531,0.0714511,0.292151,0.294199,false,false,false,"HU09Xj",0.0582583,0.03773,"outcome",true,"reported","textfile",0.10401,{"v":1.1372e-5,"d":"1.14E-05"},"exposure",true,"reported","oRJ4AP","textfile",456348,2,1,true,"NA",{"v":4.2215881984213e-5,"d":"4.22E-05"},19.2658622053328,18.5370652945758]
["rs79854354","C","T","C","T",2.17715,0.201485,0.0129479,0.012265,false,false,false,"HU09Xj",0.190733,0.153992,"outcome",true,"reported","textfile",0.492474,{"v":9.83125e-6,"d":"9.83E-06"},"exposure",true,"reported","oRJ4AP","textfile",456348,2,1,true,"NA",{"v":4.28247995821227e-5,"d":"4.28E-05"},19.5437629478347,18.5370652945758]
["rs80162725","G","A","G","A",2.33323,-0.12109,0.0156089,0.0152884,false,false,false,"HU09Xj",0.383245,0.138875,"outcome",true,"reported","textfile",0.459267,{"v":3.76754e-7,"d":"3.77E-07"},"exposure",true,"reported","oRJ4AP","textfile",456348,2,1,true,"NA",{"v":5.65540756584711e-5,"d":"5.66E-05"},25.8096858533671,18.5370652945758]
["rs8045541","A","C","A","C",0.7594,0.0263651,0.0725729,0.0740126,false,false,false,"HU09Xj",0.683002,0.0645618,"outcome",true,"reported","textfile",0.186868,{"v":4.82743e-5,"d":"4.83E-05"},"exposure",true,"reported","oRJ4AP","textfile",456348,2,1,true,"NA",{"v":3.61875718021051e-5,"d":"3.62E-05"},16.514651266732,18.5370652945758]
["rs9258656","C","G","C","G",0.536433,-0.0214829,0.166158,0.162596,false,true,false,"HU09Xj",0.641419,0.0461287,"outcome",true,"reported","textfile",0.129207,{"v":3.29963e-5,"d":"3.30E-05"},"exposure",true,"reported","oRJ4AP","textfile",456348,2,1,true,"NA",{"v":3.77699432653523e-5,"d":"3.78E-05"},17.2368135628408,18.5370652945758]
["rs9607627","G","C","G","C",0.437355,0.0281282,0.282987,0.285739,false,true,false,"HU09Xj",0.452891,0.0374741,"outcome",true,"reported","textfile",0.104809,{"v":3.00762e-5,"d":"3.01E-05"},"exposure",true,"reported","oRJ4AP","textfile",456348,2,1,true,"NA",{"v":3.81556023965366e-5,"d":"3.82E-05"},17.4128209279218,18.5370652945758]
["rs9938123","T","C","T","C",2.80326,-0.196913,0.00782553,0.00813799999999998,false,false,false,"HU09Xj",0.293747,0.187547,"outcome",true,"reported","textfile",0.651852,{"v":1.70442e-5,"d":"1.70E-05"},"exposure",true,"reported","oRJ4AP","textfile",456348,2,1,true,"NA",{"v":4.05242516962223e-5,"d":"4.05E-05"},18.4938296131703,18.5370652945758]
["rs999488","A","G","A","G",0.420115,-0.0018865,0.318075,0.323405,false,false,false,"HU09Xj",0.958194,0.0359881,"outcome",true,"reported","textfile",0.100636,{"v":2.98489e-5,"d":"2.98E-05"},"exposure",true,"reported","oRJ4AP","textfile",456348,2,1,true,"NA",{"v":3.81871200906747e-5,"d":"3.82E-05"},17.4272049996692,18.5370652945758]
["Helicobacter pylori CagA antibody levels"]
["SNP","effect_allele.exposure","other_allele.exposure","effect_allele.outcome","other_allele.outcome","beta.exposure","beta.outcome","eaf.exposure","eaf.outcome","remove","palindromic","ambiguous","id.outcome","pval.outcome","se.outcome","outcome","mr_keep.outcome","pval_origin.outcome","data_source.outcome","se.exposure","pval.exposure","exposure","mr_keep.exposure","pval_origin.exposure","id.exposure","data_source.exposure","samplesize.exposure","action","SNP_index","mr_keep","samplesize.outcome","R2","f","meanf"]
["rs10739331","T","A","T","A",1.44908,0.0279374,0.0233273,0.022129,false,true,false,"9UkYw2",0.853929,0.151745,"outcome",true,"reported","textfile",0.347833,{"v":3.09959e-5,"d":"3.10E-05"},"exposure",true,"reported","oRJ4AP","textfile",456348,2,1,true,"NA",{"v":3.80303648275098e-5,"d":"3.80E-05"},17.3556649098431,18.5370652945758]
["rs10950789","G","A","G","A",-0.403782,0.00730986,0.337553,0.345063,false,false,false,"9UkYw2",0.877765,0.0475274,"outcome",true,"reported","textfile",0.09882,{"v":4.38816e-5,"d":"4.39E-05"},"exposure",true,"reported","oRJ4AP","textfile",456348,2,1,true,"NA",{"v":3.65840827315648e-5,"d":"3.66E-05"},16.6956106118185,18.5370652945758]
["rs11203996","G","A","G","A",-0.394941,0.03537,0.433391,0.418542,false,false,false,"9UkYw2",0.443484,0.0461554,"outcome",true,"reported","textfile",0.0951771,{"v":3.33154e-5,"d":"3.33E-05"},"exposure",true,"reported","oRJ4AP","textfile",456348,2,1,true,"NA",{"v":3.77300142602084e-5,"d":"3.77E-05"},17.2185907452634,18.5370652945758]
["rs112946855","T","C","T","C",3.22308,0.0319034,0.00712285,0.00682057,false,false,false,"9UkYw2",0.907675,0.275095,"outcome",true,"reported","textfile",0.70868,{"v":5.41565e-6,"d":"5.42E-06"},"exposure",true,"reported","oRJ4AP","textfile",456348,2,1,true,"NA",{"v":4.53237652702887e-5,"d":"4.53E-05"},20.6842564744204,18.5370652945758]
["rs113300658","G","A","G","A",-0.415039,0.0182849,0.449507,0.444915,false,false,false,"9UkYw2",0.69486,0.0466132,"outcome",true,"reported","textfile",0.0943966,{"v":1.0988e-5,"d":"1.10E-05"},"exposure",true,"reported","oRJ4AP","textfile",456348,2,1,true,"NA",{"v":4.2359474478975e-5,"d":"4.24E-05"},19.3313956083413,18.5370652945758]
["rs115218493","A","G","A","G",2.3867,-0.0764228,0.00948532,0.012605,false,false,false,"9UkYw2",0.707462,0.203649,"outcome",true,"reported","textfile",0.576704,{"v":3.49548e-5,"d":"3.50E-05"},"exposure",true,"reported","oRJ4AP","textfile",456348,2,1,true,"NA",{"v":3.75298896996004e-5,"d":"3.75E-05"},17.127257828951,18.5370652945758]
["rs116684522","A","C","A","C",1.80124,0.175037,0.0157086,0.0168244,false,false,false,"9UkYw2",0.322859,0.177056,"outcome",true,"reported","textfile",0.436319,{"v":3.6552e-5,"d":"3.66E-05"},"exposure",true,"reported","oRJ4AP","textfile",456348,2,1,true,"NA",{"v":3.73441470788878e-5,"d":"3.73E-05"},17.0424885800623,18.5370652945758]
["rs116892119","C","T","C","T",1.14431,0.0884168,0.03513,0.0262329,false,false,false,"9UkYw2",0.528153,0.14016,"outcome",true,"reported","textfile",0.277416,{"v":3.70906e-5,"d":"3.71E-05"},"exposure",true,"reported","oRJ4AP","textfile",456348,2,1,true,"NA",{"v":3.72831013851325e-5,"d":"3.73E-05"},17.0146285428207,18.5370652945758]
["rs116924465","T","C","T","C",1.31762,0.0784218,0.0271164,0.0288562,false,false,false,"9UkYw2",0.566506,0.136813,"outcome",true,"reported","textfile",0.316975,{"v":3.22666e-5,"d":"3.23E-05"},"exposure",true,"reported","oRJ4AP","textfile",456348,2,1,true,"NA",{"v":3.78632370089989e-5,"d":"3.79E-05"},17.2793910097858,18.5370652945758]
["rs11732017","G","A","G","A",-0.518154,0.0320459,0.215211,0.217001,false,false,false,"9UkYw2",0.556511,0.0544969,"outcome",true,"reported","textfile",0.116326,{"v":8.41545e-6,"d":"8.42E-06"},"exposure",true,"reported","oRJ4AP","textfile",456348,2,1,true,"NA",{"v":4.34759507061723e-5,"d":"4.35E-05"},19.8409388046363,18.5370652945758]
["rs117515677","G","A","G","A",1.84481,0.264715,0.0177978,0.0152151,false,false,false,"9UkYw2",0.139831,0.179295,"outcome",true,"reported","textfile",0.413806,{"v":8.26658e-6,"d":"8.27E-06"},"exposure",true,"reported","oRJ4AP","textfile",456348,2,1,true,"NA",{"v":4.35506514295228e-5,"d":"4.36E-05"},19.8750311478107,18.5370652945758]
["rs117999278","T","A","T","A",2.25936,0.260533,0.0116597,0.0111821,false,true,false,"9UkYw2",0.230427,0.217245,"outcome",true,"reported","textfile",0.528604,{"v":1.91824e-5,"d":"1.92E-05"},"exposure",true,"reported","oRJ4AP","textfile",456348,2,1,true,"NA",{"v":4.00310004368753e-5,"d":"4.00E-05"},18.2687182404342,18.5370652945758]
["rs12230793","A","G","A","G",0.564135,-0.00579788,0.160104,0.155391,false,false,false,"9UkYw2",0.9243,0.0610185,"outcome",true,"reported","textfile",0.131524,{"v":1.79294e-5,"d":"1.79E-05"},"exposure",true,"reported","oRJ4AP","textfile",456348,2,1,true,"NA",{"v":4.031274891782e-5,"d":"4.03E-05"},18.3973033635228,18.5370652945758]
["rs12434934","C","T","C","T",0.647521,0.0528064,0.144882,0.143309,false,false,false,"9UkYw2",0.414012,0.064646,"outcome",true,"reported","textfile",0.138674,{"v":3.02099e-6,"d":"3.02E-06"},"exposure",true,"reported","oRJ4AP","textfile",456348,2,1,true,"NA",{"v":4.77750037120525e-5,"d":"4.78E-05"},21.8029734811193,18.5370652945758]
["rs12440932","G","A","G","A",1.61618,-0.136557,0.021241,0.0227754,false,false,false,"9UkYw2",0.3629,0.150087,"outcome",true,"reported","textfile",0.373461,{"v":1.50771e-5,"d":"1.51E-05"},"exposure",true,"reported","oRJ4AP","textfile",456348,2,1,true,"NA",{"v":4.10369401354784e-5,"d":"4.10E-05"},18.7278120151656,18.5370652945758]
["rs12620223","A","G","A","G",0.611698,0.046126,0.134957,0.124869,false,false,false,"9UkYw2",0.507153,0.0695425,"outcome",true,"reported","textfile",0.14049,{"v":1.33655e-5,"d":"1.34E-05"},"exposure",true,"reported","oRJ4AP","textfile",456348,2,1,true,"NA",{"v":4.1540249767288e-5,"d":"4.15E-05"},18.9575143201826,18.5370652945758]
["rs12952974","G","A","G","A",-0.427553,0.0250406,0.292442,0.294681,false,false,false,"9UkYw2",0.609576,0.049034,"outcome",true,"reported","textfile",0.10416,{"v":4.04735e-5,"d":"4.05E-05"},"exposure",true,"reported","oRJ4AP","textfile",456348,2,1,true,"NA",{"v":3.69203481441761e-5,"d":"3.69E-05"},16.849075267927,18.5370652945758]
["rs13160735","A","G","A","G",-0.442902,0.022851,0.321677,0.330843,false,false,false,"9UkYw2",0.632955,0.0478483,"outcome",true,"reported","textfile",0.101381,{"v":1.24983e-5,"d":"1.25E-05"},"exposure",true,"reported","oRJ4AP","textfile",456348,2,1,true,"NA",{"v":4.18203657954128e-5,"d":"4.18E-05"},19.0853548057928,18.5370652945758]
["rs134713","A","G","A","G",0.573504,0.0241459,0.13955,0.132353,false,false,false,"9UkYw2",0.720341,0.0674461,"outcome",true,"reported","textfile",0.138474,{"v":3.44882e-5,"d":"3.45E-05"},"exposure",true,"reported","oRJ4AP","textfile",456348,2,1,true,"NA",{"v":3.75858133203266e-5,"d":"3.76E-05"},17.1527802666748,18.5370652945758]
["rs138432728","C","A","C","A",1.68551,-0.0334779,0.019522,0.0239872,false,false,false,"9UkYw2",0.823967,0.150499,"outcome",true,"reported","textfile",0.388547,{"v":1.4379e-5,"d":"1.44E-05"},"exposure",true,"reported","oRJ4AP","textfile",456348,2,1,true,"NA",{"v":4.12345716088491e-5,"d":"4.12E-05"},18.8180077679007,18.5370652945758]
["rs138585571","T","C","T","C",1.10076,0.0253713,0.038463,0.0325289,false,false,false,"9UkYw2",0.839333,0.125138,"outcome",true,"reported","textfile",0.262786,{"v":2.804e-5,"d":"2.80E-05"},"exposure",true,"reported","oRJ4AP","textfile",456348,2,1,true,"NA",{"v":3.84474889735365e-5,"d":"3.84E-05"},17.5460324040049,18.5370652945758]
["rs138832752","C","G","C","G",2.42473,-0.157307,0.00980181,0.0127389,false,true,false,"9UkYw2",0.439806,0.203628,"outcome",true,"reported","textfile",0.582254,{"v":3.12193e-5,"d":"3.12E-05"},"exposure",true,"reported","oRJ4AP","textfile",456348,2,1,true,"NA",{"v":3.80004863401919e-5,"d":"3.80E-05"},17.3420289449352,18.5370652945758]
["rs138912469","G","A","G","A",3.50123,-0.0646528,0.00617677,0.00790306,false,false,false,"9UkYw2",0.800901,0.256375,"outcome",true,"reported","textfile",0.769667,{"v":5.38953e-6,"d":"5.39E-06"},"exposure",true,"reported","oRJ4AP","textfile",456348,2,1,true,"NA",{"v":4.53439870852525e-5,"d":"4.53E-05"},20.6934854555439,18.5370652945758]
["rs139484354","T","G","T","G",2.36526,0.0576775,0.00967161,0.0152471,false,false,false,"9UkYw2",0.7562,0.185772,"outcome",true,"reported","textfile",0.574582,{"v":3.84704e-5,"d":"3.85E-05"},"exposure",true,"reported","oRJ4AP","textfile",456348,2,1,true,"NA",{"v":3.71314119109658e-5,"d":"3.71E-05"},16.9454005065678,18.5370652945758]
["rs141152183","A","G","A","G",1.5543,0.0299891,0.0214324,0.0222222,false,false,false,"9UkYw2",0.847066,0.155494,"outcome",true,"reported","textfile",0.366576,{"v":2.23463e-5,"d":"2.23E-05"},"exposure",true,"reported","oRJ4AP","textfile",456348,2,1,true,"NA",{"v":3.93938455330552e-5,"d":"3.94E-05"},17.9779320535059,18.5370652945758]
["rs143582126","C","G","C","G",0.857788,-0.1212,0.058795,0.0650577,false,true,false,"9UkYw2",0.170481,0.0884243,"outcome",true,"reported","textfile",0.210251,{"v":4.50685e-5,"d":"4.51E-05"},"exposure",true,"reported","oRJ4AP","textfile",456348,2,1,true,"NA",{"v":3.64730263831585e-5,"d":"3.65E-05"},16.6449267887027,18.5370652945758]
["rs145889251","T","C","T","C",1.30908,0.0820663,0.0274908,0.0231681,false,false,false,"9UkYw2",0.593643,0.153808,"outcome",true,"reported","textfile",0.321286,{"v":4.61135e-5,"d":"4.61E-05"},"exposure",true,"reported","oRJ4AP","textfile",456348,2,1,true,"NA",{"v":3.6377832742988e-5,"d":"3.64E-05"},16.6014823868812,18.5370652945758]
["rs147985159","T","C","T","C",0.935119,-0.0112393,0.0571733,0.06204,false,false,false,"9UkYw2",0.903314,0.092522,"outcome",true,"reported","textfile",0.214662,{"v":1.32318e-5,"d":"1.32E-05"},"exposure",true,"reported","oRJ4AP","textfile",456348,2,1,true,"NA",{"v":4.15823671612387e-5,"d":"4.16E-05"},18.9767360221674,18.5370652945758]
["rs148512905","C","A","C","A",2.84362,0.286451,0.0074238,0.00638298,false,false,false,"9UkYw2",0.316636,0.286053,"outcome",true,"reported","textfile",0.679931,{"v":2.88679e-5,"d":"2.89E-05"},"exposure",true,"reported","oRJ4AP","textfile",456348,2,1,true,"NA",{"v":3.83266303946481e-5,"d":"3.83E-05"},17.4908748403713,18.5370652945758]
["rs148943709","G","T","G","T",1.59818,-0.096894,0.0196681,0.0173684,false,false,false,"9UkYw2",0.578738,0.174512,"outcome",true,"reported","textfile",0.385474,{"v":3.38301e-5,"d":"3.38E-05"},"exposure",true,"reported","oRJ4AP","textfile",456348,2,1,true,"NA",{"v":3.76659297560452e-5,"d":"3.77E-05"},17.1893438330696,18.5370652945758]
["rs149033535","C","T","C","T",2.27018,-0.117496,0.010751,0.0101713,false,false,false,"9UkYw2",0.606788,0.228297,"outcome",true,"reported","textfile",0.545186,{"v":3.12656e-5,"d":"3.13E-05"},"exposure",true,"reported","oRJ4AP","textfile",456348,2,1,true,"NA",{"v":3.79943084503518e-5,"d":"3.80E-05"},17.3392094753573,18.5370652945758]
["rs150911549","T","G","T","G",3.28211,-0.0435833,0.00784382,0.00952381,false,false,false,"9UkYw2",0.852512,0.234427,"outcome",true,"reported","textfile",0.693758,{"v":2.23516e-6,"d":"2.24E-06"},"exposure",true,"reported","oRJ4AP","textfile",456348,2,1,true,"NA",{"v":4.90425231091041e-5,"d":"4.90E-05"},22.3814568938642,18.5370652945758]
["rs16925961","C","T","C","T",0.932963,0.25417,0.0551432,0.0540399,false,false,false,"9UkYw2",0.0121393,0.101341,"outcome",true,"reported","textfile",0.218921,{"v":2.02922e-5,"d":"2.03E-05"},"exposure",true,"reported","oRJ4AP","textfile",456348,2,1,true,"NA",{"v":3.97961042179023e-5,"d":"3.98E-05"},18.1615157329957,18.5370652945758]
["rs16971801","G","T","G","T",0.596025,0.0239226,0.146056,0.147213,false,false,false,"9UkYw2",0.712895,0.0650124,"outcome",true,"reported","textfile",0.136364,{"v":1.23767e-5,"d":"1.24E-05"},"exposure",true,"reported","oRJ4AP","textfile",456348,2,1,true,"NA",{"v":4.18615357157986e-5,"d":"4.19E-05"},19.1041441065727,18.5370652945758]
["rs16985452","G","T","G","T",0.883685,-0.0674372,0.0586085,0.0528541,false,false,false,"9UkYw2",0.508062,0.101891,"outcome",true,"reported","textfile",0.210886,{"v":2.78531e-5,"d":"2.79E-05"},"exposure",true,"reported","oRJ4AP","textfile",456348,2,1,true,"NA",{"v":3.84757067470709e-5,"d":"3.85E-05"},17.5589104626886,18.5370652945758]
["rs181808493","G","A","G","A",1.98916,-0.17334,0.0162032,0.0195767,false,false,false,"9UkYw2",0.293813,0.165119,"outcome",true,"reported","textfile",0.438639,{"v":5.76454e-6,"d":"5.76E-06"},"exposure",true,"reported","oRJ4AP","textfile",456348,2,1,true,"NA",{"v":4.50618717503529e-5,"d":"4.51E-05"},20.564731611085,18.5370652945758]
["rs185567460","A","T","A","T",2.18834,0.06506,0.01168,0.0136842,false,true,false,"9UkYw2",0.739782,0.19588,"outcome",true,"reported","textfile",0.519769,{"v":2.55127e-5,"d":"2.55E-05"},"exposure",true,"reported","oRJ4AP","textfile",456348,2,1,true,"NA",{"v":3.88414853398874e-5,"d":"3.88E-05"},17.7258449670637,18.5370652945758]
["rs186536042","T","C","T","C",1.55679,-0.0503357,0.0201719,0.0231681,false,false,false,"9UkYw2",0.743492,0.153822,"outcome",true,"reported","textfile",0.380484,{"v":4.28414e-5,"d":"4.28E-05"},"exposure",true,"reported","oRJ4AP","textfile",456348,2,1,true,"NA",{"v":3.66838733808875e-5,"d":"3.67E-05"},16.7411530122119,18.5370652945758]
["rs2735948","A","G","A","G",0.447476,-0.0484201,0.41204,0.397948,false,false,false,"9UkYw2",0.304225,0.0471281,"outcome",true,"reported","textfile",0.0964296,{"v":3.47672e-6,"d":"3.48E-06"},"exposure",true,"reported","oRJ4AP","textfile",456348,2,1,true,"NA",{"v":4.71848001423553e-5,"d":"4.72E-05"},21.5336108648883,18.5370652945758]
["rs34707016","G","A","G","A",0.395751,-0.00152794,0.445791,0.446089,false,false,false,"9UkYw2",0.973261,0.0455844,"outcome",true,"reported","textfile",0.094265,{"v":2.68944e-5,"d":"2.69E-05"},"exposure",true,"reported","oRJ4AP","textfile",456348,2,1,true,"NA",{"v":3.86215921340479e-5,"d":"3.86E-05"},17.6254898084828,18.5370652945758]
["rs35056927","A","G","A","G",0.729464,0.0501102,0.0995479,0.107735,false,false,false,"9UkYw2",0.505848,0.0753178,"outcome",true,"reported","textfile",0.166816,{"v":1.22625e-5,"d":"1.23E-05"},"exposure",true,"reported","oRJ4AP","textfile",456348,2,1,true,"NA",{"v":4.19003809994258e-5,"d":"4.19E-05"},19.1218724813064,18.5370652945758]
["rs3779941","C","A","C","A",0.54165,0.0142636,0.163224,0.181818,false,false,false,"9UkYw2",0.81045,0.0594702,"outcome",true,"reported","textfile",0.130198,{"v":3.17954e-5,"d":"3.18E-05"},"exposure",true,"reported","oRJ4AP","textfile",456348,2,1,true,"NA",{"v":3.79241841634602e-5,"d":"3.79E-05"},17.3072061079302,18.5370652945758]
["rs40815","G","A","G","A",-0.404138,-0.0353833,0.340617,0.33579,false,false,false,"9UkYw2",0.452322,0.0470805,"outcome",true,"reported","textfile",0.0990062,{"v":4.46594e-5,"d":"4.47E-05"},"exposure",true,"reported","oRJ4AP","textfile",456348,2,1,true,"NA",{"v":3.65109037835769e-5,"d":"3.65E-05"},16.662213250485,18.5370652945758]
["rs4278653","G","C","G","C",0.976185,0.0244545,0.0495992,0.0556138,false,true,false,"9UkYw2",0.799939,0.0964954,"outcome",true,"reported","textfile",0.231639,{"v":2.50604e-5,"d":"2.51E-05"},"exposure",true,"reported","oRJ4AP","textfile",456348,2,1,true,"NA",{"v":3.89159686120876e-5,"d":"3.89E-05"},17.7598377535403,18.5370652945758]
["rs4388169","A","C","A","C",-0.394237,0.0500966,0.443665,0.428191,false,false,false,"9UkYw2",0.277402,0.0461221,"outcome",true,"reported","textfile",0.0947536,{"v":3.1733e-5,"d":"3.17E-05"},"exposure",true,"reported","oRJ4AP","textfile",456348,2,1,true,"NA",{"v":3.79324329251318e-5,"d":"3.79E-05"},17.3109706828865,18.5370652945758]
["rs45499297","C","T","C","T",0.727114,-0.0572693,0.0936838,0.104233,false,false,false,"9UkYw2",0.435343,0.0734145,"outcome",true,"reported","textfile",0.167721,{"v":1.4559e-5,"d":"1.46E-05"},"exposure",true,"reported","oRJ4AP","textfile",456348,2,1,true,"NA",{"v":4.11828207718841e-5,"d":"4.12E-05"},18.7943895339419,18.5370652945758]
["rs4833046","T","C","T","C",1.73431,0.114431,0.0185907,0.0167891,false,false,false,"9UkYw2",0.518193,0.177101,"outcome",true,"reported","textfile",0.400895,{"v":1.51775e-5,"d":"1.52E-05"},"exposure",true,"reported","oRJ4AP","textfile",456348,2,1,true,"NA",{"v":4.10089089730334e-5,"d":"4.10E-05"},18.7150190567208,18.5370652945758]
["rs56095768","G","C","G","C",0.566752,0.0407188,0.144701,0.141068,false,true,false,"9UkYw2",0.545382,0.0673378,"outcome",true,"reported","textfile",0.137263,{"v":3.64434e-5,"d":"3.64E-05"},"exposure",true,"reported","oRJ4AP","textfile",456348,2,1,true,"NA",{"v":3.7356551137179e-5,"d":"3.74E-05"},17.0481495453174,18.5370652945758]
["rs56101722","G","T","G","T",0.404753,-0.0257924,0.486816,0.491525,false,false,false,"9UkYw2",0.55985,0.044236,"outcome",true,"reported","textfile",0.093908,{"v":1.63176e-5,"d":"1.63E-05"},"exposure",true,"reported","oRJ4AP","textfile",456348,2,1,true,"NA",{"v":4.07062541542406e-5,"d":"4.07E-05"},18.5768924539767,18.5370652945758]
["rs56266656","G","A","G","A",1.36117,-0.0154052,0.0250551,0.0253432,false,false,false,"9UkYw2",0.912329,0.139919,"outcome",true,"reported","textfile",0.332432,{"v":4.22932e-5,"d":"4.23E-05"},"exposure",true,"reported","oRJ4AP","textfile",456348,2,1,true,"NA",{"v":3.67372789562694e-5,"d":"3.67E-05"},16.7655262223914,18.5370652945758]
["rs58776181","T","C","T","C",2.78639,-0.0189306,0.00792476,0.0052521,false,false,false,"9UkYw2",0.951797,0.313161,"outcome",true,"reported","textfile",0.650283,{"v":1.82824e-5,"d":"1.83E-05"},"exposure",true,"reported","oRJ4AP","textfile",456348,2,1,true,"NA",{"v":4.02314217252477e-5,"d":"4.02E-05"},18.3601870350574,18.5370652945758]
["rs58835621","T","C","T","C",1.05439,0.021101,0.0559956,0.0582371,false,false,false,"9UkYw2",0.825392,0.0956457,"outcome",true,"reported","textfile",0.221044,{"v":1.84187e-6,"d":"1.84E-06"},"exposure",true,"reported","oRJ4AP","textfile",456348,2,1,true,"NA",{"v":4.98571317357099e-5,"d":"4.99E-05"},22.7532370502013,18.5370652945758]
["rs61883199","G","C","G","C",1.75364,0.0253714,0.0159204,0.0127389,false,true,false,"9UkYw2",0.896744,0.195503,"outcome",true,"reported","textfile",0.430079,{"v":4.5525e-5,"d":"4.55E-05"},"exposure",true,"reported","oRJ4AP","textfile",456348,2,1,true,"NA",{"v":3.64311128723161e-5,"d":"3.64E-05"},16.6257983311656,18.5370652945758]
["rs61943481","A","C","A","C",1.06473,0.00930866,0.0389224,0.0321053,false,false,false,"9UkYw2",0.943083,0.130383,"outcome",true,"reported","textfile",0.262439,{"v":4.96917e-5,"d":"4.97E-05"},"exposure",true,"reported","oRJ4AP","textfile",456348,2,1,true,"NA",{"v":3.60670330626729e-5,"d":"3.61E-05"},16.4596399203957,18.5370652945758]
["rs62099349","A","G","A","G",0.712082,0.0444241,0.115627,0.0996732,false,false,false,"9UkYw2",0.567691,0.0777386,"outcome",true,"reported","textfile",0.155413,{"v":4.60805e-6,"d":"4.61E-06"},"exposure",true,"reported","oRJ4AP","textfile",456348,2,1,true,"NA",{"v":4.60012039039282e-5,"d":"4.60E-05"},20.9934311198476,18.5370652945758]
["rs62201257","C","T","C","T",1.63242,-0.0748227,0.0196392,0.0200216,false,false,false,"9UkYw2",0.650749,0.165273,"outcome",true,"reported","textfile",0.389715,{"v":2.80505e-5,"d":"2.81E-05"},"exposure",true,"reported","oRJ4AP","textfile",456348,2,1,true,"NA",{"v":3.84464921610621e-5,"d":"3.84E-05"},17.545577477639,18.5370652945758]
["rs62431635","G","A","G","A",2.46279,-0.00772296,0.00948176,0.0110526,false,false,false,"9UkYw2",0.971659,0.21738,"outcome",true,"reported","textfile",0.587216,{"v":2.74063e-5,"d":"2.74E-05"},"exposure",true,"reported","oRJ4AP","textfile",456348,2,1,true,"NA",{"v":3.85430529242806e-5,"d":"3.85E-05"},17.58964598844,18.5370652945758]
["rs6574176","C","G","C","G",0.40954,0.00609615,0.322772,0.306144,false,true,false,"9UkYw2",0.902224,0.0496215,"outcome",true,"reported","textfile",0.100382,{"v":4.50695e-5,"d":"4.51E-05"},"exposure",true,"reported","oRJ4AP","textfile",456348,2,1,true,"NA",{"v":3.64727887838658e-5,"d":"3.65E-05"},16.6448183533062,18.5370652945758]
["rs6602237","T","C","T","C",0.434625,0.0166914,0.295767,0.290254,false,false,false,"9UkYw2",0.734722,0.0492588,"outcome",true,"reported","textfile",0.103232,{"v":2.55183e-5,"d":"2.55E-05"},"exposure",true,"reported","oRJ4AP","textfile",456348,2,1,true,"NA",{"v":3.88407586825048e-5,"d":"3.88E-05"},17.7255133341123,18.5370652945758]
["rs66659964","A","G","A","G",1.96941,0.00939491,0.0195958,0.0162644,false,false,false,"9UkYw2",0.958346,0.179877,"outcome",true,"reported","textfile",0.397498,{"v":7.2515e-7,"d":"7.25E-07"},"exposure",true,"reported","oRJ4AP","textfile",456348,2,1,true,"NA",{"v":5.37876871291889e-5,"d":"5.38E-05"},24.5471162032631,18.5370652945758]
["rs6777144","C","T","C","T",-0.444966,0.024938,0.488688,0.493664,false,false,false,"9UkYw2",0.582326,0.0453425,"outcome",true,"reported","textfile",0.0938798,{"v":2.13985e-6,"d":"2.14E-06"},"exposure",true,"reported","oRJ4AP","textfile",456348,2,1,true,"NA",{"v":4.92256901150243e-5,"d":"4.92E-05"},22.4650526389505,18.5370652945758]
["rs7047489","T","C","T","C",0.400074,0.00365381,0.374328,0.376712,false,false,false,"9UkYw2",0.938245,0.0471608,"outcome",true,"reported","textfile",0.0967944,{"v":3.57688e-5,"d":"3.58E-05"},"exposure",true,"reported","oRJ4AP","textfile",456348,2,1,true,"NA",{"v":3.74341333661824e-5,"d":"3.74E-05"},17.0835565332575,18.5370652945758]
["rs729451","G","A","G","A",0.446131,-0.0619767,0.28244,0.289087,false,false,false,"9UkYw2",0.209952,0.0494351,"outcome",true,"reported","textfile",0.104826,{"v":2.08194e-5,"d":"2.08E-05"},"exposure",true,"reported","oRJ4AP","textfile",456348,2,1,true,"NA",{"v":3.96892951929051e-5,"d":"3.97E-05"},18.1127699871763,18.5370652945758]
["rs73127875","A","C","A","C",-0.646309,0.0205362,0.103492,0.104847,false,false,false,"9UkYw2",0.781338,0.0739843,"outcome",true,"reported","textfile",0.158324,{"v":4.46116e-5,"d":"4.46E-05"},"exposure",true,"reported","oRJ4AP","textfile",456348,2,1,true,"NA",{"v":3.65153014053836e-5,"d":"3.65E-05"},16.6642202341657,18.5370652945758]
["rs74815106","G","A","G","A",0.544809,-0.0633282,0.155887,0.150735,false,false,false,"9UkYw2",0.316545,0.0632281,"outcome",true,"reported","textfile",0.131731,{"v":3.53759e-5,"d":"3.54E-05"},"exposure",true,"reported","oRJ4AP","textfile",456348,2,1,true,"NA",{"v":3.74800481452721e-5,"d":"3.75E-05"},17.1045111288029,18.5370652945758]
["rs74962116","G","A","G","A",1.38624,0.000470156,0.0248537,0.0283613,false,false,false,"9UkYw2",0.997229,0.135393,"outcome",true,"reported","textfile",0.335114,{"v":3.52433e-5,"d":"3.52E-05"},"exposure",true,"reported","oRJ4AP","textfile",456348,2,1,true,"NA",{"v":3.74955107093627e-5,"d":"3.75E-05"},17.1115679371537,18.5370652945758]
["rs7531005","C","G","C","G",0.677421,0.0783944,0.139555,0.144221,false,true,false,"9UkYw2",0.235864,0.066134,"outcome",true,"reported","textfile",0.140854,{"v":1.51408e-6,"d":"1.51E-06"},"exposure",true,"reported","oRJ4AP","textfile",456348,2,1,true,"NA",{"v":5.06828208664431e-5,"d":"5.07E-05"},23.130074868559,18.5370652945758]
["rs75392725","T","C","T","C",1.37965,0.231534,0.0333394,0.0267666,false,false,false,"9UkYw2",0.0983187,0.140064,"outcome",true,"reported","textfile",0.296538,{"v":3.27883e-6,"d":"3.28E-06"},"exposure",true,"reported","oRJ4AP","textfile",456348,2,1,true,"NA",{"v":4.74307936140858e-5,"d":"4.74E-05"},21.6458796238626,18.5370652945758]
["rs77891840","T","G","T","G",2.37945,0.0992903,0.011004,0.0154584,false,false,false,"9UkYw2",0.593057,0.185794,"outcome",true,"reported","textfile",0.542215,{"v":1.14193e-5,"d":"1.14E-05"},"exposure",true,"reported","oRJ4AP","textfile",456348,2,1,true,"NA",{"v":4.21983657892392e-5,"d":"4.22E-05"},19.2578680850179,18.5370652945758]
["rs7849205","A","G","A","G",0.900301,0.0589691,0.0607894,0.0573684,false,false,false,"9UkYw2",0.53666,0.0954391,"outcome",true,"reported","textfile",0.208433,{"v":1.56466e-5,"d":"1.56E-05"},"exposure",true,"reported","oRJ4AP","textfile",456348,2,1,true,"NA",{"v":4.08816673083605e-5,"d":"4.09E-05"},18.6569480766453,18.5370652945758]
["rs7853608","G","A","G","A",0.41528,-0.00740828,0.436973,0.40884,false,false,false,"9UkYw2",0.870634,0.0454906,"outcome",true,"reported","textfile",0.0967871,{"v":1.78145e-5,"d":"1.78E-05"},"exposure",true,"reported","oRJ4AP","textfile",456348,2,1,true,"NA",{"v":4.0339768879926e-5,"d":"4.03E-05"},18.4096348096921,18.5370652945758]
["rs79042862","A","G","A","G",1.21226,-0.11054,0.0388015,0.0380952,false,false,false,"9UkYw2",0.35276,0.118956,"outcome",true,"reported","textfile",0.266818,{"v":5.53505e-6,"d":"5.54E-06"},"exposure",true,"reported","oRJ4AP","textfile",456348,2,1,true,"NA",{"v":4.52319702721907e-5,"d":"4.52E-05"},20.6423624005556,18.5370652945758]
["rs7951027","A","G","A","G",0.456531,0.0128231,0.292151,0.288747,false,false,false,"9UkYw2",0.796143,0.0496362,"outcome",true,"reported","textfile",0.10401,{"v":1.1372e-5,"d":"1.14E-05"},"exposure",true,"reported","oRJ4AP","textfile",456348,2,1,true,"NA",{"v":4.2215881984213e-5,"d":"4.22E-05"},19.2658622053328,18.5370652945758]
["rs79854354","C","T","C","T",2.17715,0.32877,0.0129479,0.0120672,false,false,false,"9UkYw2",0.113367,0.207656,"outcome",true,"reported","textfile",0.492474,{"v":9.83125e-6,"d":"9.83E-06"},"exposure",true,"reported","oRJ4AP","textfile",456348,2,1,true,"NA",{"v":4.28247995821227e-5,"d":"4.28E-05"},19.5437629478347,18.5370652945758]
["rs80162725","G","A","G","A",2.33323,0.135135,0.0156089,0.0153765,false,false,false,"9UkYw2",0.466923,0.185754,"outcome",true,"reported","textfile",0.459267,{"v":3.76754e-7,"d":"3.77E-07"},"exposure",true,"reported","oRJ4AP","textfile",456348,2,1,true,"NA",{"v":5.65540756584711e-5,"d":"5.66E-05"},25.8096858533671,18.5370652945758]
["rs8045541","A","C","A","C",0.7594,0.0246591,0.0725729,0.0750262,false,false,false,"9UkYw2",0.772361,0.0852406,"outcome",true,"reported","textfile",0.186868,{"v":4.82743e-5,"d":"4.83E-05"},"exposure",true,"reported","oRJ4AP","textfile",456348,2,1,true,"NA",{"v":3.61875718021051e-5,"d":"3.62E-05"},16.514651266732,18.5370652945758]
["rs9258656","C","G","C","G",0.536433,0.0107878,0.166158,0.153518,false,true,false,"9UkYw2",0.862103,0.0621064,"outcome",true,"reported","textfile",0.129207,{"v":3.29963e-5,"d":"3.30E-05"},"exposure",true,"reported","oRJ4AP","textfile",456348,2,1,true,"NA",{"v":3.77699432653523e-5,"d":"3.78E-05"},17.2368135628408,18.5370652945758]
["rs9607627","G","C","G","C",0.437355,0.0449687,0.282987,0.299159,false,true,false,"9UkYw2",0.364329,0.0495716,"outcome",true,"reported","textfile",0.104809,{"v":3.00762e-5,"d":"3.01E-05"},"exposure",true,"reported","oRJ4AP","textfile",456348,2,1,true,"NA",{"v":3.81556023965366e-5,"d":"3.82E-05"},17.4128209279218,18.5370652945758]
["rs9938123","T","C","T","C",2.80326,-0.0374705,0.00782553,0.00689300000000004,false,false,false,"9UkYw2",0.891663,0.275115,"outcome",true,"reported","textfile",0.651852,{"v":1.70442e-5,"d":"1.70E-05"},"exposure",true,"reported","oRJ4AP","textfile",456348,2,1,true,"NA",{"v":4.05242516962223e-5,"d":"4.05E-05"},18.4938296131703,18.5370652945758]
["rs999488","A","G","A","G",0.420115,-0.00767566,0.318075,0.324239,false,false,false,"9UkYw2",0.874144,0.0484583,"outcome",true,"reported","textfile",0.100636,{"v":2.98489e-5,"d":"2.98E-05"},"exposure",true,"reported","oRJ4AP","textfile",456348,2,1,true,"NA",{"v":3.81871200906747e-5,"d":"3.82E-05"},17.4272049996692,18.5370652945758]
["Helicobacter pylori Catalase antibody levels"]
["SNP","effect_allele.exposure","other_allele.exposure","effect_allele.outcome","other_allele.outcome","beta.exposure","beta.outcome","eaf.exposure","eaf.outcome","remove","palindromic","ambiguous","id.outcome","pval.outcome","se.outcome","outcome","mr_keep.outcome","pval_origin.outcome","data_source.outcome","se.exposure","pval.exposure","exposure","mr_keep.exposure","pval_origin.exposure","id.exposure","data_source.exposure","samplesize.exposure","action","SNP_index","mr_keep","samplesize.outcome","R2","f","meanf"]
["rs10739331","T","A","T","A",1.44908,-0.0589112,0.0233273,0.027267,false,true,false,"MhKJn1",0.581383,0.106846,"outcome",true,"reported","textfile",0.347833,{"v":3.09959e-5,"d":"3.10E-05"},"exposure",true,"reported","oRJ4AP","textfile",456348,2,1,true,"NA",{"v":3.80303648275098e-5,"d":"3.80E-05"},17.3556649098431,18.5370652945758]
["rs10950789","G","A","G","A",-0.403782,-0.0467845,0.337553,0.353811,false,false,false,"MhKJn1",0.201278,0.0366099,"outcome",true,"reported","textfile",0.09882,{"v":4.38816e-5,"d":"4.39E-05"},"exposure",true,"reported","oRJ4AP","textfile",456348,2,1,true,"NA",{"v":3.65840827315648e-5,"d":"3.66E-05"},16.6956106118185,18.5370652945758]
["rs11203996","G","A","G","A",-0.394941,0.0185902,0.433391,0.419344,false,false,false,"MhKJn1",0.604127,0.0358557,"outcome",true,"reported","textfile",0.0951771,{"v":3.33154e-5,"d":"3.33E-05"},"exposure",true,"reported","oRJ4AP","textfile",456348,2,1,true,"NA",{"v":3.77300142602084e-5,"d":"3.77E-05"},17.2185907452634,18.5370652945758]
["rs112946855","T","C","T","C",3.22308,0.426107,0.00712285,0.00589777,false,false,false,"MhKJn1",0.0669718,0.232608,"outcome",true,"reported","textfile",0.70868,{"v":5.41565e-6,"d":"5.42E-06"},"exposure",true,"reported","oRJ4AP","textfile",456348,2,1,true,"NA",{"v":4.53237652702887e-5,"d":"4.53E-05"},20.6842564744204,18.5370652945758]
["rs113300658","G","A","G","A",-0.415039,-0.0508888,0.449507,0.450896,false,false,false,"MhKJn1",0.159688,0.0361909,"outcome",true,"reported","textfile",0.0943966,{"v":1.0988e-5,"d":"1.10E-05"},"exposure",true,"reported","oRJ4AP","textfile",456348,2,1,true,"NA",{"v":4.2359474478975e-5,"d":"4.24E-05"},19.3313956083413,18.5370652945758]
["rs115218493","A","G","A","G",2.3867,0.0886972,0.00948532,0.0127785,false,false,false,"MhKJn1",0.577662,0.159297,"outcome",true,"reported","textfile",0.576704,{"v":3.49548e-5,"d":"3.50E-05"},"exposure",true,"reported","oRJ4AP","textfile",456348,2,1,true,"NA",{"v":3.75298896996004e-5,"d":"3.75E-05"},17.127257828951,18.5370652945758]
["rs116684522","A","C","A","C",1.80124,-0.100545,0.0157086,0.0157791,false,false,false,"MhKJn1",0.485108,0.144024,"outcome",true,"reported","textfile",0.436319,{"v":3.6552e-5,"d":"3.66E-05"},"exposure",true,"reported","oRJ4AP","textfile",456348,2,1,true,"NA",{"v":3.73441470788878e-5,"d":"3.73E-05"},17.0424885800623,18.5370652945758]
["rs116892119","C","T","C","T",1.14431,-0.104623,0.03513,0.0386632,false,false,false,"MhKJn1",0.257526,0.0924017,"outcome",true,"reported","textfile",0.277416,{"v":3.70906e-5,"d":"3.71E-05"},"exposure",true,"reported","oRJ4AP","textfile",456348,2,1,true,"NA",{"v":3.72831013851325e-5,"d":"3.73E-05"},17.0146285428207,18.5370652945758]
["rs116924465","T","C","T","C",1.31762,0.0691227,0.0271164,0.0304718,false,false,false,"MhKJn1",0.505851,0.103895,"outcome",true,"reported","textfile",0.316975,{"v":3.22666e-5,"d":"3.23E-05"},"exposure",true,"reported","oRJ4AP","textfile",456348,2,1,true,"NA",{"v":3.78632370089989e-5,"d":"3.79E-05"},17.2793910097858,18.5370652945758]
["rs11732017","G","A","G","A",-0.518154,-0.0525066,0.215211,0.202694,false,false,false,"MhKJn1",0.237918,0.0444892,"outcome",true,"reported","textfile",0.116326,{"v":8.41545e-6,"d":"8.42E-06"},"exposure",true,"reported","oRJ4AP","textfile",456348,2,1,true,"NA",{"v":4.34759507061723e-5,"d":"4.35E-05"},19.8409388046363,18.5370652945758]
["rs117515677","G","A","G","A",1.84481,0.121476,0.0177978,0.016055,false,false,false,"MhKJn1",0.394211,0.142577,"outcome",true,"reported","textfile",0.413806,{"v":8.26658e-6,"d":"8.27E-06"},"exposure",true,"reported","oRJ4AP","textfile",456348,2,1,true,"NA",{"v":4.35506514295228e-5,"d":"4.36E-05"},19.8750311478107,18.5370652945758]
["rs117999278","T","A","T","A",2.25936,0.211569,0.0116597,0.0107023,false,true,false,"MhKJn1",0.213489,0.170068,"outcome",true,"reported","textfile",0.528604,{"v":1.91824e-5,"d":"1.92E-05"},"exposure",true,"reported","oRJ4AP","textfile",456348,2,1,true,"NA",{"v":4.00310004368753e-5,"d":"4.00E-05"},18.2687182404342,18.5370652945758]
["rs12230793","A","G","A","G",0.564135,-0.0118729,0.160104,0.164461,false,false,false,"MhKJn1",0.80443,0.0479484,"outcome",true,"reported","textfile",0.131524,{"v":1.79294e-5,"d":"1.79E-05"},"exposure",true,"reported","oRJ4AP","textfile",456348,2,1,true,"NA",{"v":4.031274891782e-5,"d":"4.03E-05"},18.3973033635228,18.5370652945758]
["rs12434934","C","T","C","T",0.647521,0.0345139,0.144882,0.139145,false,false,false,"MhKJn1",0.502913,0.05152,"outcome",true,"reported","textfile",0.138674,{"v":3.02099e-6,"d":"3.02E-06"},"exposure",true,"reported","oRJ4AP","textfile",456348,2,1,true,"NA",{"v":4.77750037120525e-5,"d":"4.78E-05"},21.8029734811193,18.5370652945758]
["rs12440932","G","A","G","A",1.61618,0.0958308,0.021241,0.0214805,false,false,false,"MhKJn1",0.434198,0.122541,"outcome",true,"reported","textfile",0.373461,{"v":1.50771e-5,"d":"1.51E-05"},"exposure",true,"reported","oRJ4AP","textfile",456348,2,1,true,"NA",{"v":4.10369401354784e-5,"d":"4.10E-05"},18.7278120151656,18.5370652945758]
["rs12620223","A","G","A","G",0.611698,0.108779,0.134957,0.134338,false,false,false,"MhKJn1",0.038025,0.0524341,"outcome",true,"reported","textfile",0.14049,{"v":1.33655e-5,"d":"1.34E-05"},"exposure",true,"reported","oRJ4AP","textfile",456348,2,1,true,"NA",{"v":4.1540249767288e-5,"d":"4.15E-05"},18.9575143201826,18.5370652945758]
["rs12952974","G","A","G","A",-0.427553,0.0103856,0.292442,0.295169,false,false,false,"MhKJn1",0.79175,0.0393335,"outcome",true,"reported","textfile",0.10416,{"v":4.04735e-5,"d":"4.05E-05"},"exposure",true,"reported","oRJ4AP","textfile",456348,2,1,true,"NA",{"v":3.69203481441761e-5,"d":"3.69E-05"},16.849075267927,18.5370652945758]
["rs13160735","A","G","A","G",-0.442902,0.0204742,0.321677,0.335671,false,false,false,"MhKJn1",0.582213,0.0372153,"outcome",true,"reported","textfile",0.101381,{"v":1.24983e-5,"d":"1.25E-05"},"exposure",true,"reported","oRJ4AP","textfile",456348,2,1,true,"NA",{"v":4.18203657954128e-5,"d":"4.18E-05"},19.0853548057928,18.5370652945758]
["rs134713","A","G","A","G",0.573504,-0.073208,0.13955,0.136932,false,false,false,"MhKJn1",0.165269,0.05276,"outcome",true,"reported","textfile",0.138474,{"v":3.44882e-5,"d":"3.45E-05"},"exposure",true,"reported","oRJ4AP","textfile",456348,2,1,true,"NA",{"v":3.75858133203266e-5,"d":"3.76E-05"},17.1527802666748,18.5370652945758]
["rs138432728","C","A","C","A",1.68551,-0.194475,0.019522,0.0162791,false,false,false,"MhKJn1",0.172506,0.142557,"outcome",true,"reported","textfile",0.388547,{"v":1.4379e-5,"d":"1.44E-05"},"exposure",true,"reported","oRJ4AP","textfile",456348,2,1,true,"NA",{"v":4.12345716088491e-5,"d":"4.12E-05"},18.8180077679007,18.5370652945758]
["rs138585571","T","C","T","C",1.10076,-0.124382,0.038463,0.0406291,false,false,false,"MhKJn1",0.168776,0.090384,"outcome",true,"reported","textfile",0.262786,{"v":2.804e-5,"d":"2.80E-05"},"exposure",true,"reported","oRJ4AP","textfile",456348,2,1,true,"NA",{"v":3.84474889735365e-5,"d":"3.84E-05"},17.5460324040049,18.5370652945758]
["rs138832752","C","G","C","G",2.42473,-0.0152636,0.00980181,0.0122517,false,true,false,"MhKJn1",0.925609,0.163474,"outcome",true,"reported","textfile",0.582254,{"v":3.12193e-5,"d":"3.12E-05"},"exposure",true,"reported","oRJ4AP","textfile",456348,2,1,true,"NA",{"v":3.80004863401919e-5,"d":"3.80E-05"},17.3420289449352,18.5370652945758]
["rs138912469","G","A","G","A",3.50123,0.330242,0.00617677,0.00559579,false,false,false,"MhKJn1",0.167741,0.239393,"outcome",true,"reported","textfile",0.769667,{"v":5.38953e-6,"d":"5.39E-06"},"exposure",true,"reported","oRJ4AP","textfile",456348,2,1,true,"NA",{"v":4.53439870852525e-5,"d":"4.53E-05"},20.6934854555439,18.5370652945758]
["rs139484354","T","G","T","G",2.36526,0.205878,0.00967161,0.0101907,false,false,false,"MhKJn1",0.247801,0.178141,"outcome",true,"reported","textfile",0.574582,{"v":3.84704e-5,"d":"3.85E-05"},"exposure",true,"reported","oRJ4AP","textfile",456348,2,1,true,"NA",{"v":3.71314119109658e-5,"d":"3.71E-05"},16.9454005065678,18.5370652945758]
["rs141152183","A","G","A","G",1.5543,0.214019,0.0214324,0.023386,false,false,false,"MhKJn1",0.0727118,0.119255,"outcome",true,"reported","textfile",0.366576,{"v":2.23463e-5,"d":"2.23E-05"},"exposure",true,"reported","oRJ4AP","textfile",456348,2,1,true,"NA",{"v":3.93938455330552e-5,"d":"3.94E-05"},17.9779320535059,18.5370652945758]
["rs143582126","C","G","C","G",0.857788,0.0134618,0.058795,0.0645478,false,true,false,"MhKJn1",0.847987,0.0702277,"outcome",true,"reported","textfile",0.210251,{"v":4.50685e-5,"d":"4.51E-05"},"exposure",true,"reported","oRJ4AP","textfile",456348,2,1,true,"NA",{"v":3.64730263831585e-5,"d":"3.65E-05"},16.6449267887027,18.5370652945758]
["rs145889251","T","C","T","C",1.30908,-0.2045,0.0274908,0.0242751,false,false,false,"MhKJn1",0.0845105,0.118544,"outcome",true,"reported","textfile",0.321286,{"v":4.61135e-5,"d":"4.61E-05"},"exposure",true,"reported","oRJ4AP","textfile",456348,2,1,true,"NA",{"v":3.6377832742988e-5,"d":"3.64E-05"},16.6014823868812,18.5370652945758]
["rs147985159","T","C","T","C",0.935119,0.110041,0.0571733,0.0588042,false,false,false,"MhKJn1",0.141489,0.0748438,"outcome",true,"reported","textfile",0.214662,{"v":1.32318e-5,"d":"1.32E-05"},"exposure",true,"reported","oRJ4AP","textfile",456348,2,1,true,"NA",{"v":4.15823671612387e-5,"d":"4.16E-05"},18.9767360221674,18.5370652945758]
["rs148512905","C","A","C","A",2.84362,-0.0802955,0.0074238,0.0063081,false,false,false,"MhKJn1",0.723239,0.226738,"outcome",true,"reported","textfile",0.679931,{"v":2.88679e-5,"d":"2.89E-05"},"exposure",true,"reported","oRJ4AP","textfile",456348,2,1,true,"NA",{"v":3.83266303946481e-5,"d":"3.83E-05"},17.4908748403713,18.5370652945758]
["rs148943709","G","T","G","T",1.59818,-0.178089,0.0196681,0.0203279,false,false,false,"MhKJn1",0.161698,0.127263,"outcome",true,"reported","textfile",0.385474,{"v":3.38301e-5,"d":"3.38E-05"},"exposure",true,"reported","oRJ4AP","textfile",456348,2,1,true,"NA",{"v":3.76659297560452e-5,"d":"3.77E-05"},17.1893438330696,18.5370652945758]
["rs149033535","C","T","C","T",2.27018,-0.154054,0.010751,0.0113182,false,false,false,"MhKJn1",0.351695,0.165417,"outcome",true,"reported","textfile",0.545186,{"v":3.12656e-5,"d":"3.13E-05"},"exposure",true,"reported","oRJ4AP","textfile",456348,2,1,true,"NA",{"v":3.79943084503518e-5,"d":"3.80E-05"},17.3392094753573,18.5370652945758]
["rs150911549","T","G","T","G",3.28211,0.174146,0.00784382,0.00889328,false,false,false,"MhKJn1",0.361039,0.19066,"outcome",true,"reported","textfile",0.693758,{"v":2.23516e-6,"d":"2.24E-06"},"exposure",true,"reported","oRJ4AP","textfile",456348,2,1,true,"NA",{"v":4.90425231091041e-5,"d":"4.90E-05"},22.3814568938642,18.5370652945758]
["rs16925961","C","T","C","T",0.932963,0.0755673,0.0551432,0.051114,false,false,false,"MhKJn1",0.34902,0.0806919,"outcome",true,"reported","textfile",0.218921,{"v":2.02922e-5,"d":"2.03E-05"},"exposure",true,"reported","oRJ4AP","textfile",456348,2,1,true,"NA",{"v":3.97961042179023e-5,"d":"3.98E-05"},18.1615157329957,18.5370652945758]
["rs16971801","G","T","G","T",0.596025,-0.0723733,0.146056,0.153947,false,false,false,"MhKJn1",0.142295,0.0493242,"outcome",true,"reported","textfile",0.136364,{"v":1.23767e-5,"d":"1.24E-05"},"exposure",true,"reported","oRJ4AP","textfile",456348,2,1,true,"NA",{"v":4.18615357157986e-5,"d":"4.19E-05"},19.1041441065727,18.5370652945758]
["rs16985452","G","T","G","T",0.883685,0.0562113,0.0586085,0.051918,false,false,false,"MhKJn1",0.479335,0.0794648,"outcome",true,"reported","textfile",0.210886,{"v":2.78531e-5,"d":"2.79E-05"},"exposure",true,"reported","oRJ4AP","textfile",456348,2,1,true,"NA",{"v":3.84757067470709e-5,"d":"3.85E-05"},17.5589104626886,18.5370652945758]
["rs181808493","G","A","G","A",1.98916,-0.135078,0.0162032,0.0191419,false,false,false,"MhKJn1",0.304153,0.131454,"outcome",true,"reported","textfile",0.438639,{"v":5.76454e-6,"d":"5.76E-06"},"exposure",true,"reported","oRJ4AP","textfile",456348,2,1,true,"NA",{"v":4.50618717503529e-5,"d":"4.51E-05"},20.564731611085,18.5370652945758]
["rs185567460","A","T","A","T",2.18834,-0.0202727,0.01168,0.0111989,false,true,false,"MhKJn1",0.90527,0.170349,"outcome",true,"reported","textfile",0.519769,{"v":2.55127e-5,"d":"2.55E-05"},"exposure",true,"reported","oRJ4AP","textfile",456348,2,1,true,"NA",{"v":3.88414853398874e-5,"d":"3.88E-05"},17.7258449670637,18.5370652945758]
["rs186536042","T","C","T","C",1.55679,0.0545845,0.0201719,0.0226965,false,false,false,"MhKJn1",0.651694,0.12092,"outcome",true,"reported","textfile",0.380484,{"v":4.28414e-5,"d":"4.28E-05"},"exposure",true,"reported","oRJ4AP","textfile",456348,2,1,true,"NA",{"v":3.66838733808875e-5,"d":"3.67E-05"},16.7411530122119,18.5370652945758]
["rs2735948","A","G","A","G",0.447476,0.0263186,0.41204,0.415431,false,false,false,"MhKJn1",0.47433,0.036786,"outcome",true,"reported","textfile",0.0964296,{"v":3.47672e-6,"d":"3.48E-06"},"exposure",true,"reported","oRJ4AP","textfile",456348,2,1,true,"NA",{"v":4.71848001423553e-5,"d":"4.72E-05"},21.5336108648883,18.5370652945758]
["rs34707016","G","A","G","A",0.395751,-0.0237541,0.445791,0.438036,false,false,false,"MhKJn1",0.50634,0.0357447,"outcome",true,"reported","textfile",0.094265,{"v":2.68944e-5,"d":"2.69E-05"},"exposure",true,"reported","oRJ4AP","textfile",456348,2,1,true,"NA",{"v":3.86215921340479e-5,"d":"3.86E-05"},17.6254898084828,18.5370652945758]
["rs35056927","A","G","A","G",0.729464,0.0486689,0.0995479,0.10352,false,false,false,"MhKJn1",0.426051,0.0611444,"outcome",true,"reported","textfile",0.166816,{"v":1.22625e-5,"d":"1.23E-05"},"exposure",true,"reported","oRJ4AP","textfile",456348,2,1,true,"NA",{"v":4.19003809994258e-5,"d":"4.19E-05"},19.1218724813064,18.5370652945758]
["rs3779941","C","A","C","A",0.54165,0.00523783,0.163224,0.171523,false,false,false,"MhKJn1",0.912934,0.0479049,"outcome",true,"reported","textfile",0.130198,{"v":3.17954e-5,"d":"3.18E-05"},"exposure",true,"reported","oRJ4AP","textfile",456348,2,1,true,"NA",{"v":3.79241841634602e-5,"d":"3.79E-05"},17.3072061079302,18.5370652945758]
["rs40815","G","A","G","A",-0.404138,0.0498945,0.340617,0.3441,false,false,false,"MhKJn1",0.173303,0.0366422,"outcome",true,"reported","textfile",0.0990062,{"v":4.46594e-5,"d":"4.47E-05"},"exposure",true,"reported","oRJ4AP","textfile",456348,2,1,true,"NA",{"v":3.65109037835769e-5,"d":"3.65E-05"},16.662213250485,18.5370652945758]
["rs4278653","G","C","G","C",0.976185,-0.0625837,0.0495992,0.0527523,false,true,false,"MhKJn1",0.425971,0.0786123,"outcome",true,"reported","textfile",0.231639,{"v":2.50604e-5,"d":"2.51E-05"},"exposure",true,"reported","oRJ4AP","textfile",456348,2,1,true,"NA",{"v":3.89159686120876e-5,"d":"3.89E-05"},17.7598377535403,18.5370652945758]
["rs4388169","A","C","A","C",-0.394237,0.00940294,0.443665,0.435667,false,false,false,"MhKJn1",0.794764,0.0361473,"outcome",true,"reported","textfile",0.0947536,{"v":3.1733e-5,"d":"3.17E-05"},"exposure",true,"reported","oRJ4AP","textfile",456348,2,1,true,"NA",{"v":3.79324329251318e-5,"d":"3.79E-05"},17.3109706828865,18.5370652945758]
["rs45499297","C","T","C","T",0.727114,-0.0204264,0.0936838,0.0951123,false,false,false,"MhKJn1",0.737723,0.0609981,"outcome",true,"reported","textfile",0.167721,{"v":1.4559e-5,"d":"1.46E-05"},"exposure",true,"reported","oRJ4AP","textfile",456348,2,1,true,"NA",{"v":4.11828207718841e-5,"d":"4.12E-05"},18.7943895339419,18.5370652945758]
["rs4833046","T","C","T","C",1.73431,0.139217,0.0185907,0.0199869,false,false,false,"MhKJn1",0.269777,0.126151,"outcome",true,"reported","textfile",0.400895,{"v":1.51775e-5,"d":"1.52E-05"},"exposure",true,"reported","oRJ4AP","textfile",456348,2,1,true,"NA",{"v":4.10089089730334e-5,"d":"4.10E-05"},18.7150190567208,18.5370652945758]
["rs56095768","G","C","G","C",0.566752,0.0299521,0.144701,0.137618,false,true,false,"MhKJn1",0.573599,0.0532236,"outcome",true,"reported","textfile",0.137263,{"v":3.64434e-5,"d":"3.64E-05"},"exposure",true,"reported","oRJ4AP","textfile",456348,2,1,true,"NA",{"v":3.7356551137179e-5,"d":"3.74E-05"},17.0481495453174,18.5370652945758]
["rs56101722","G","T","G","T",0.404753,-0.00208898,0.486816,0.476428,false,false,false,"MhKJn1",0.953313,0.0356802,"outcome",true,"reported","textfile",0.093908,{"v":1.63176e-5,"d":"1.63E-05"},"exposure",true,"reported","oRJ4AP","textfile",456348,2,1,true,"NA",{"v":4.07062541542406e-5,"d":"4.07E-05"},18.5768924539767,18.5370652945758]
["rs56266656","G","A","G","A",1.36117,0.0797544,0.0250551,0.0247688,false,false,false,"MhKJn1",0.486872,0.114706,"outcome",true,"reported","textfile",0.332432,{"v":4.22932e-5,"d":"4.23E-05"},"exposure",true,"reported","oRJ4AP","textfile",456348,2,1,true,"NA",{"v":3.67372789562694e-5,"d":"3.67E-05"},16.7655262223914,18.5370652945758]
["rs58776181","T","C","T","C",2.78639,-0.103286,0.00792476,0.00688525,false,false,false,"MhKJn1",0.632193,0.21579,"outcome",true,"reported","textfile",0.650283,{"v":1.82824e-5,"d":"1.83E-05"},"exposure",true,"reported","oRJ4AP","textfile",456348,2,1,true,"NA",{"v":4.02314217252477e-5,"d":"4.02E-05"},18.3601870350574,18.5370652945758]
["rs58835621","T","C","T","C",1.05439,0.101457,0.0559956,0.0547182,false,false,false,"MhKJn1",0.201485,0.0794285,"outcome",true,"reported","textfile",0.221044,{"v":1.84187e-6,"d":"1.84E-06"},"exposure",true,"reported","oRJ4AP","textfile",456348,2,1,true,"NA",{"v":4.98571317357099e-5,"d":"4.99E-05"},22.7532370502013,18.5370652945758]
["rs61883199","G","C","G","C",1.75364,-0.0172991,0.0159204,0.0165453,false,true,false,"MhKJn1",0.902524,0.141248,"outcome",true,"reported","textfile",0.430079,{"v":4.5525e-5,"d":"4.55E-05"},"exposure",true,"reported","oRJ4AP","textfile",456348,2,1,true,"NA",{"v":3.64311128723161e-5,"d":"3.64E-05"},16.6257983311656,18.5370652945758]
["rs61943481","A","C","A","C",1.06473,0.105147,0.0389224,0.040146,false,false,false,"MhKJn1",0.242072,0.0898825,"outcome",true,"reported","textfile",0.262439,{"v":4.96917e-5,"d":"4.97E-05"},"exposure",true,"reported","oRJ4AP","textfile",456348,2,1,true,"NA",{"v":3.60670330626729e-5,"d":"3.61E-05"},16.4596399203957,18.5370652945758]
["rs62099349","A","G","A","G",0.712082,-0.0284721,0.115627,0.114548,false,false,false,"MhKJn1",0.619224,0.0572935,"outcome",true,"reported","textfile",0.155413,{"v":4.60805e-6,"d":"4.61E-06"},"exposure",true,"reported","oRJ4AP","textfile",456348,2,1,true,"NA",{"v":4.60012039039282e-5,"d":"4.60E-05"},20.9934311198476,18.5370652945758]
["rs62201257","C","T","C","T",1.63242,-0.0196053,0.0196392,0.0212121,false,false,false,"MhKJn1",0.874773,0.1244,"outcome",true,"reported","textfile",0.389715,{"v":2.80505e-5,"d":"2.81E-05"},"exposure",true,"reported","oRJ4AP","textfile",456348,2,1,true,"NA",{"v":3.84464921610621e-5,"d":"3.84E-05"},17.545577477639,18.5370652945758]
["rs62431635","G","A","G","A",2.46279,-0.517467,0.00948176,0.00921053,false,false,false,"MhKJn1",0.00561969,0.186866,"outcome",true,"reported","textfile",0.587216,{"v":2.74063e-5,"d":"2.74E-05"},"exposure",true,"reported","oRJ4AP","textfile",456348,2,1,true,"NA",{"v":3.85430529242806e-5,"d":"3.85E-05"},17.58964598844,18.5370652945758]
["rs6574176","C","G","C","G",0.40954,-0.0145529,0.322772,0.322303,false,true,false,"MhKJn1",0.706844,0.0386944,"outcome",true,"reported","textfile",0.100382,{"v":4.50695e-5,"d":"4.51E-05"},"exposure",true,"reported","oRJ4AP","textfile",456348,2,1,true,"NA",{"v":3.64727887838658e-5,"d":"3.65E-05"},16.6448183533062,18.5370652945758]
["rs6602237","T","C","T","C",0.434625,0.0437909,0.295767,0.284911,false,false,false,"MhKJn1",0.273611,0.0399996,"outcome",true,"reported","textfile",0.103232,{"v":2.55183e-5,"d":"2.55E-05"},"exposure",true,"reported","oRJ4AP","textfile",456348,2,1,true,"NA",{"v":3.88407586825048e-5,"d":"3.88E-05"},17.7255133341123,18.5370652945758]
["rs66659964","A","G","A","G",1.96941,0.0896998,0.0195958,0.0209699,false,false,false,"MhKJn1",0.474424,0.125402,"outcome",true,"reported","textfile",0.397498,{"v":7.2515e-7,"d":"7.25E-07"},"exposure",true,"reported","oRJ4AP","textfile",456348,2,1,true,"NA",{"v":5.37876871291889e-5,"d":"5.38E-05"},24.5471162032631,18.5370652945758]
["rs6777144","C","T","C","T",-0.444966,-0.0290193,0.488688,0.480172,false,false,false,"MhKJn1",0.411669,0.035348,"outcome",true,"reported","textfile",0.0938798,{"v":2.13985e-6,"d":"2.14E-06"},"exposure",true,"reported","oRJ4AP","textfile",456348,2,1,true,"NA",{"v":4.92256901150243e-5,"d":"4.92E-05"},22.4650526389505,18.5370652945758]
["rs7047489","T","C","T","C",0.400074,-0.0360831,0.374328,0.391261,false,false,false,"MhKJn1",0.321709,0.0364125,"outcome",true,"reported","textfile",0.0967944,{"v":3.57688e-5,"d":"3.58E-05"},"exposure",true,"reported","oRJ4AP","textfile",456348,2,1,true,"NA",{"v":3.74341333661824e-5,"d":"3.74E-05"},17.0835565332575,18.5370652945758]
["rs729451","G","A","G","A",0.446131,0.0133069,0.28244,0.281455,false,false,false,"MhKJn1",0.734302,0.039206,"outcome",true,"reported","textfile",0.104826,{"v":2.08194e-5,"d":"2.08E-05"},"exposure",true,"reported","oRJ4AP","textfile",456348,2,1,true,"NA",{"v":3.96892951929051e-5,"d":"3.97E-05"},18.1127699871763,18.5370652945758]
["rs73127875","A","C","A","C",-0.646309,0.0148214,0.103492,0.0953947,false,false,false,"MhKJn1",0.804623,0.0599161,"outcome",true,"reported","textfile",0.158324,{"v":4.46116e-5,"d":"4.46E-05"},"exposure",true,"reported","oRJ4AP","textfile",456348,2,1,true,"NA",{"v":3.65153014053836e-5,"d":"3.65E-05"},16.6642202341657,18.5370652945758]
["rs74815106","G","A","G","A",0.544809,-0.0243642,0.155887,0.152559,false,false,false,"MhKJn1",0.617524,0.0487905,"outcome",true,"reported","textfile",0.131731,{"v":3.53759e-5,"d":"3.54E-05"},"exposure",true,"reported","oRJ4AP","textfile",456348,2,1,true,"NA",{"v":3.74800481452721e-5,"d":"3.75E-05"},17.1045111288029,18.5370652945758]
["rs74962116","G","A","G","A",1.38624,-0.406061,0.0248537,0.0282152,false,false,false,"MhKJn1",0.000126326,0.105924,"outcome",true,"reported","textfile",0.335114,{"v":3.52433e-5,"d":"3.52E-05"},"exposure",true,"reported","oRJ4AP","textfile",456348,2,1,true,"NA",{"v":3.74955107093627e-5,"d":"3.75E-05"},17.1115679371537,18.5370652945758]
["rs7531005","C","G","C","G",0.677421,0.00299005,0.139555,0.140966,false,true,false,"MhKJn1",0.954716,0.0526547,"outcome",true,"reported","textfile",0.140854,{"v":1.51408e-6,"d":"1.51E-06"},"exposure",true,"reported","oRJ4AP","textfile",456348,2,1,true,"NA",{"v":5.06828208664431e-5,"d":"5.07E-05"},23.130074868559,18.5370652945758]
["rs75392725","T","C","T","C",1.37965,-0.0308304,0.0333394,0.0329301,false,false,false,"MhKJn1",0.754118,0.0984322,"outcome",true,"reported","textfile",0.296538,{"v":3.27883e-6,"d":"3.28E-06"},"exposure",true,"reported","oRJ4AP","textfile",456348,2,1,true,"NA",{"v":4.74307936140858e-5,"d":"4.74E-05"},21.6458796238626,18.5370652945758]
["rs77891840","T","G","T","G",2.37945,-0.384419,0.011004,0.00828912,false,false,false,"MhKJn1",0.0519909,0.197827,"outcome",true,"reported","textfile",0.542215,{"v":1.14193e-5,"d":"1.14E-05"},"exposure",true,"reported","oRJ4AP","textfile",456348,2,1,true,"NA",{"v":4.21983657892392e-5,"d":"4.22E-05"},19.2578680850179,18.5370652945758]
["rs7849205","A","G","A","G",0.900301,-0.102837,0.0607894,0.0686146,false,false,false,"MhKJn1",0.136101,0.0689966,"outcome",true,"reported","textfile",0.208433,{"v":1.56466e-5,"d":"1.56E-05"},"exposure",true,"reported","oRJ4AP","textfile",456348,2,1,true,"NA",{"v":4.08816673083605e-5,"d":"4.09E-05"},18.6569480766453,18.5370652945758]
["rs7853608","G","A","G","A",0.41528,0.00479236,0.436973,0.415172,false,false,false,"MhKJn1",0.894663,0.0361945,"outcome",true,"reported","textfile",0.0967871,{"v":1.78145e-5,"d":"1.78E-05"},"exposure",true,"reported","oRJ4AP","textfile",456348,2,1,true,"NA",{"v":4.0339768879926e-5,"d":"4.03E-05"},18.4096348096921,18.5370652945758]
["rs79042862","A","G","A","G",1.21226,-0.0460688,0.0388015,0.0330251,false,false,false,"MhKJn1",0.646822,0.100547,"outcome",true,"reported","textfile",0.266818,{"v":5.53505e-6,"d":"5.54E-06"},"exposure",true,"reported","oRJ4AP","textfile",456348,2,1,true,"NA",{"v":4.52319702721907e-5,"d":"4.52E-05"},20.6423624005556,18.5370652945758]
["rs7951027","A","G","A","G",0.456531,0.00816416,0.292151,0.304032,false,false,false,"MhKJn1",0.836987,0.0396803,"outcome",true,"reported","textfile",0.10401,{"v":1.1372e-5,"d":"1.14E-05"},"exposure",true,"reported","oRJ4AP","textfile",456348,2,1,true,"NA",{"v":4.2215881984213e-5,"d":"4.22E-05"},19.2658622053328,18.5370652945758]
["rs79854354","C","T","C","T",2.17715,0.0983829,0.0129479,0.0137705,false,false,false,"MhKJn1",0.521985,0.153654,"outcome",true,"reported","textfile",0.492474,{"v":9.83125e-6,"d":"9.83E-06"},"exposure",true,"reported","oRJ4AP","textfile",456348,2,1,true,"NA",{"v":4.28247995821227e-5,"d":"4.28E-05"},19.5437629478347,18.5370652945758]
["rs80162725","G","A","G","A",2.33323,-0.00865277,0.0156089,0.0167984,false,false,false,"MhKJn1",0.95068,0.139894,"outcome",true,"reported","textfile",0.459267,{"v":3.76754e-7,"d":"3.77E-07"},"exposure",true,"reported","oRJ4AP","textfile",456348,2,1,true,"NA",{"v":5.65540756584711e-5,"d":"5.66E-05"},25.8096858533671,18.5370652945758]
["rs8045541","A","C","A","C",0.7594,-0.0235732,0.0725729,0.0717562,false,false,false,"MhKJn1",0.731993,0.0688316,"outcome",true,"reported","textfile",0.186868,{"v":4.82743e-5,"d":"4.83E-05"},"exposure",true,"reported","oRJ4AP","textfile",456348,2,1,true,"NA",{"v":3.61875718021051e-5,"d":"3.62E-05"},16.514651266732,18.5370652945758]
["rs9258656","C","G","C","G",0.536433,-0.0487568,0.166158,0.159667,false,true,false,"MhKJn1",0.32424,0.04946,"outcome",true,"reported","textfile",0.129207,{"v":3.29963e-5,"d":"3.30E-05"},"exposure",true,"reported","oRJ4AP","textfile",456348,2,1,true,"NA",{"v":3.77699432653523e-5,"d":"3.78E-05"},17.2368135628408,18.5370652945758]
["rs9607627","G","C","G","C",0.437355,-0.0406999,0.282987,0.286417,false,true,false,"MhKJn1",0.310336,0.0401174,"outcome",true,"reported","textfile",0.104809,{"v":3.00762e-5,"d":"3.01E-05"},"exposure",true,"reported","oRJ4AP","textfile",456348,2,1,true,"NA",{"v":3.81556023965366e-5,"d":"3.82E-05"},17.4128209279218,18.5370652945758]
["rs9938123","T","C","T","C",2.80326,-0.2001,0.00782553,0.00825600000000004,false,false,false,"MhKJn1",0.312201,0.197999,"outcome",true,"reported","textfile",0.651852,{"v":1.70442e-5,"d":"1.70E-05"},"exposure",true,"reported","oRJ4AP","textfile",456348,2,1,true,"NA",{"v":4.05242516962223e-5,"d":"4.05E-05"},18.4938296131703,18.5370652945758]
["rs999488","A","G","A","G",0.420115,-0.0365755,0.318075,0.334426,false,false,false,"MhKJn1",0.31423,0.0363434,"outcome",true,"reported","textfile",0.100636,{"v":2.98489e-5,"d":"2.98E-05"},"exposure",true,"reported","oRJ4AP","textfile",456348,2,1,true,"NA",{"v":3.81871200906747e-5,"d":"3.82E-05"},17.4272049996692,18.5370652945758]
["Helicobacter pylori GroEL antibody levels"]
["SNP","effect_allele.exposure","other_allele.exposure","effect_allele.outcome","other_allele.outcome","beta.exposure","beta.outcome","eaf.exposure","eaf.outcome","remove","palindromic","ambiguous","id.outcome","pval.outcome","se.outcome","outcome","mr_keep.outcome","pval_origin.outcome","data_source.outcome","se.exposure","pval.exposure","exposure","mr_keep.exposure","pval_origin.exposure","id.exposure","data_source.exposure","samplesize.exposure","action","SNP_index","mr_keep","samplesize.outcome","R2","f","meanf"]
["rs10739331","T","A","T","A",1.44908,0.00134053,0.0233273,0.023638,false,true,false,"Bhd1sb",0.987837,0.0879333,"outcome",true,"reported","textfile",0.347833,{"v":3.09959e-5,"d":"3.10E-05"},"exposure",true,"reported","oRJ4AP","textfile",456348,2,1,true,"NA",{"v":3.80303648275098e-5,"d":"3.80E-05"},17.3556649098431,18.5370652945758]
["rs10950789","G","A","G","A",-0.403782,0.00405787,0.337553,0.350698,false,false,false,"Bhd1sb",0.884535,0.0279424,"outcome",true,"reported","textfile",0.09882,{"v":4.38816e-5,"d":"4.39E-05"},"exposure",true,"reported","oRJ4AP","textfile",456348,2,1,true,"NA",{"v":3.65840827315648e-5,"d":"3.66E-05"},16.6956106118185,18.5370652945758]
["rs11203996","G","A","G","A",-0.394941,0.0269345,0.433391,0.420678,false,false,false,"Bhd1sb",0.32182,0.0271866,"outcome",true,"reported","textfile",0.0951771,{"v":3.33154e-5,"d":"3.33E-05"},"exposure",true,"reported","oRJ4AP","textfile",456348,2,1,true,"NA",{"v":3.77300142602084e-5,"d":"3.77E-05"},17.2185907452634,18.5370652945758]
["rs112946855","T","C","T","C",3.22308,-0.0706061,0.00712285,0.00791855,false,false,false,"Bhd1sb",0.644391,0.15297,"outcome",true,"reported","textfile",0.70868,{"v":5.41565e-6,"d":"5.42E-06"},"exposure",true,"reported","oRJ4AP","textfile",456348,2,1,true,"NA",{"v":4.53237652702887e-5,"d":"4.53E-05"},20.6842564744204,18.5370652945758]
["rs113300658","G","A","G","A",-0.415039,0.0750104,0.449507,0.44093,false,false,false,"Bhd1sb",0.00641196,0.0275173,"outcome",true,"reported","textfile",0.0943966,{"v":1.0988e-5,"d":"1.10E-05"},"exposure",true,"reported","oRJ4AP","textfile",456348,2,1,true,"NA",{"v":4.2359474478975e-5,"d":"4.24E-05"},19.3313956083413,18.5370652945758]
["rs115218493","A","G","A","G",2.3867,-0.0119084,0.00948532,0.0128447,false,false,false,"Bhd1sb",0.921489,0.120826,"outcome",true,"reported","textfile",0.576704,{"v":3.49548e-5,"d":"3.50E-05"},"exposure",true,"reported","oRJ4AP","textfile",456348,2,1,true,"NA",{"v":3.75298896996004e-5,"d":"3.75E-05"},17.127257828951,18.5370652945758]
["rs116684522","A","C","A","C",1.80124,0.0851904,0.0157086,0.0164461,false,false,false,"Bhd1sb",0.426874,0.107218,"outcome",true,"reported","textfile",0.436319,{"v":3.6552e-5,"d":"3.66E-05"},"exposure",true,"reported","oRJ4AP","textfile",456348,2,1,true,"NA",{"v":3.73441470788878e-5,"d":"3.73E-05"},17.0424885800623,18.5370652945758]
["rs116892119","C","T","C","T",1.14431,-0.0652416,0.03513,0.0343137,false,false,false,"Bhd1sb",0.376786,0.0738166,"outcome",true,"reported","textfile",0.277416,{"v":3.70906e-5,"d":"3.71E-05"},"exposure",true,"reported","oRJ4AP","textfile",456348,2,1,true,"NA",{"v":3.72831013851325e-5,"d":"3.73E-05"},17.0146285428207,18.5370652945758]
["rs116924465","T","C","T","C",1.31762,0.0904586,0.0271164,0.0275264,false,false,false,"Bhd1sb",0.269769,0.0819673,"outcome",true,"reported","textfile",0.316975,{"v":3.22666e-5,"d":"3.23E-05"},"exposure",true,"reported","oRJ4AP","textfile",456348,2,1,true,"NA",{"v":3.78632370089989e-5,"d":"3.79E-05"},17.2793910097858,18.5370652945758]
["rs11732017","G","A","G","A",-0.518154,-0.0760696,0.215211,0.212282,false,false,false,"Bhd1sb",0.0208484,0.0329203,"outcome",true,"reported","textfile",0.116326,{"v":8.41545e-6,"d":"8.42E-06"},"exposure",true,"reported","oRJ4AP","textfile",456348,2,1,true,"NA",{"v":4.34759507061723e-5,"d":"4.35E-05"},19.8409388046363,18.5370652945758]
["rs117515677","G","A","G","A",1.84481,0.166342,0.0177978,0.0165913,false,false,false,"Bhd1sb",0.114491,0.105392,"outcome",true,"reported","textfile",0.413806,{"v":8.26658e-6,"d":"8.27E-06"},"exposure",true,"reported","oRJ4AP","textfile",456348,2,1,true,"NA",{"v":4.35506514295228e-5,"d":"4.36E-05"},19.8750311478107,18.5370652945758]
["rs117999278","T","A","T","A",2.25936,0.164832,0.0116597,0.0115207,false,true,false,"Bhd1sb",0.19193,0.126318,"outcome",true,"reported","textfile",0.528604,{"v":1.91824e-5,"d":"1.92E-05"},"exposure",true,"reported","oRJ4AP","textfile",456348,2,1,true,"NA",{"v":4.00310004368753e-5,"d":"4.00E-05"},18.2687182404342,18.5370652945758]
["rs12230793","A","G","A","G",0.564135,0.0230124,0.160104,0.160313,false,false,false,"Bhd1sb",0.534888,0.0370833,"outcome",true,"reported","textfile",0.131524,{"v":1.79294e-5,"d":"1.79E-05"},"exposure",true,"reported","oRJ4AP","textfile",456348,2,1,true,"NA",{"v":4.031274891782e-5,"d":"4.03E-05"},18.3973033635228,18.5370652945758]
["rs12434934","C","T","C","T",0.647521,0.00374804,0.144882,0.143752,false,false,false,"Bhd1sb",0.923592,0.0390787,"outcome",true,"reported","textfile",0.138674,{"v":3.02099e-6,"d":"3.02E-06"},"exposure",true,"reported","oRJ4AP","textfile",456348,2,1,true,"NA",{"v":4.77750037120525e-5,"d":"4.78E-05"},21.8029734811193,18.5370652945758]
["rs12440932","G","A","G","A",1.61618,0.0807963,0.021241,0.0225635,false,false,false,"Bhd1sb",0.381174,0.0922612,"outcome",true,"reported","textfile",0.373461,{"v":1.50771e-5,"d":"1.51E-05"},"exposure",true,"reported","oRJ4AP","textfile",456348,2,1,true,"NA",{"v":4.10369401354784e-5,"d":"4.10E-05"},18.7278120151656,18.5370652945758]
["rs12620223","A","G","A","G",0.611698,0.0464003,0.134957,0.132541,false,false,false,"Bhd1sb",0.245996,0.0399958,"outcome",true,"reported","textfile",0.14049,{"v":1.33655e-5,"d":"1.34E-05"},"exposure",true,"reported","oRJ4AP","textfile",456348,2,1,true,"NA",{"v":4.1540249767288e-5,"d":"4.15E-05"},18.9575143201826,18.5370652945758]
["rs12952974","G","A","G","A",-0.427553,0.0366273,0.292442,0.294298,false,false,false,"Bhd1sb",0.220826,0.0299161,"outcome",true,"reported","textfile",0.10416,{"v":4.04735e-5,"d":"4.05E-05"},"exposure",true,"reported","oRJ4AP","textfile",456348,2,1,true,"NA",{"v":3.69203481441761e-5,"d":"3.69E-05"},16.849075267927,18.5370652945758]
["rs13160735","A","G","A","G",-0.442902,0.0366315,0.321677,0.336276,false,false,false,"Bhd1sb",0.195899,0.0283236,"outcome",true,"reported","textfile",0.101381,{"v":1.24983e-5,"d":"1.25E-05"},"exposure",true,"reported","oRJ4AP","textfile",456348,2,1,true,"NA",{"v":4.18203657954128e-5,"d":"4.18E-05"},19.0853548057928,18.5370652945758]
["rs134713","A","G","A","G",0.573504,-0.040304,0.13955,0.137794,false,false,false,"Bhd1sb",0.312,0.0398641,"outcome",true,"reported","textfile",0.138474,{"v":3.44882e-5,"d":"3.45E-05"},"exposure",true,"reported","oRJ4AP","textfile",456348,2,1,true,"NA",{"v":3.75858133203266e-5,"d":"3.76E-05"},17.1527802666748,18.5370652945758]
["rs138432728","C","A","C","A",1.68551,-0.111717,0.019522,0.0189801,false,false,false,"Bhd1sb",0.262645,0.0997329,"outcome",true,"reported","textfile",0.388547,{"v":1.4379e-5,"d":"1.44E-05"},"exposure",true,"reported","oRJ4AP","textfile",456348,2,1,true,"NA",{"v":4.12345716088491e-5,"d":"4.12E-05"},18.8180077679007,18.5370652945758]
["rs138585571","T","C","T","C",1.10076,-0.00528537,0.038463,0.0392157,false,false,false,"Bhd1sb",0.938863,0.0689103,"outcome",true,"reported","textfile",0.262786,{"v":2.804e-5,"d":"2.80E-05"},"exposure",true,"reported","oRJ4AP","textfile",456348,2,1,true,"NA",{"v":3.84474889735365e-5,"d":"3.84E-05"},17.5460324040049,18.5370652945758]
["rs138832752","C","G","C","G",2.42473,-0.149257,0.00980181,0.0118321,false,true,false,"Bhd1sb",0.237694,0.126407,"outcome",true,"reported","textfile",0.582254,{"v":3.12193e-5,"d":"3.12E-05"},"exposure",true,"reported","oRJ4AP","textfile",456348,2,1,true,"NA",{"v":3.80004863401919e-5,"d":"3.80E-05"},17.3420289449352,18.5370652945758]
["rs138912469","G","A","G","A",3.50123,-0.0090113,0.00617677,0.00643208,false,false,false,"Bhd1sb",0.957666,0.169761,"outcome",true,"reported","textfile",0.769667,{"v":5.38953e-6,"d":"5.39E-06"},"exposure",true,"reported","oRJ4AP","textfile",456348,2,1,true,"NA",{"v":4.53439870852525e-5,"d":"4.53E-05"},20.6934854555439,18.5370652945758]
["rs139484354","T","G","T","G",2.36526,-0.00813021,0.00967161,0.0104009,false,false,false,"Bhd1sb",0.951624,0.134013,"outcome",true,"reported","textfile",0.574582,{"v":3.84704e-5,"d":"3.85E-05"},"exposure",true,"reported","oRJ4AP","textfile",456348,2,1,true,"NA",{"v":3.71314119109658e-5,"d":"3.71E-05"},16.9454005065678,18.5370652945758]
["rs141152183","A","G","A","G",1.5543,0.108411,0.0214324,0.0221675,false,false,false,"Bhd1sb",0.243772,0.0930078,"outcome",true,"reported","textfile",0.366576,{"v":2.23463e-5,"d":"2.23E-05"},"exposure",true,"reported","oRJ4AP","textfile",456348,2,1,true,"NA",{"v":3.93938455330552e-5,"d":"3.94E-05"},17.9779320535059,18.5370652945758]
["rs143582126","C","G","C","G",0.857788,-0.0255321,0.058795,0.0605204,false,true,false,"Bhd1sb",0.645418,0.055488,"outcome",true,"reported","textfile",0.210251,{"v":4.50685e-5,"d":"4.51E-05"},"exposure",true,"reported","oRJ4AP","textfile",456348,2,1,true,"NA",{"v":3.64730263831585e-5,"d":"3.65E-05"},16.6449267887027,18.5370652945758]
["rs145889251","T","C","T","C",1.30908,-0.0735394,0.0274908,0.023865,false,false,false,"Bhd1sb",0.414421,0.0901065,"outcome",true,"reported","textfile",0.321286,{"v":4.61135e-5,"d":"4.61E-05"},"exposure",true,"reported","oRJ4AP","textfile",456348,2,1,true,"NA",{"v":3.6377832742988e-5,"d":"3.64E-05"},16.6014823868812,18.5370652945758]
["rs147985159","T","C","T","C",0.935119,-0.0320476,0.0571733,0.0614599,false,false,false,"Bhd1sb",0.569263,0.0563091,"outcome",true,"reported","textfile",0.214662,{"v":1.32318e-5,"d":"1.32E-05"},"exposure",true,"reported","oRJ4AP","textfile",456348,2,1,true,"NA",{"v":4.15823671612387e-5,"d":"4.16E-05"},18.9767360221674,18.5370652945758]
["rs148512905","C","A","C","A",2.84362,0.104096,0.0074238,0.00766284,false,false,false,"Bhd1sb",0.506516,0.156707,"outcome",true,"reported","textfile",0.679931,{"v":2.88679e-5,"d":"2.89E-05"},"exposure",true,"reported","oRJ4AP","textfile",456348,2,1,true,"NA",{"v":3.83266303946481e-5,"d":"3.83E-05"},17.4908748403713,18.5370652945758]
["rs148943709","G","T","G","T",1.59818,0.014817,0.0196681,0.0190638,false,false,false,"Bhd1sb",0.880752,0.098769,"outcome",true,"reported","textfile",0.385474,{"v":3.38301e-5,"d":"3.38E-05"},"exposure",true,"reported","oRJ4AP","textfile",456348,2,1,true,"NA",{"v":3.76659297560452e-5,"d":"3.77E-05"},17.1893438330696,18.5370652945758]
["rs149033535","C","T","C","T",2.27018,0.050696,0.010751,0.0108903,false,false,false,"Bhd1sb",0.695238,0.129407,"outcome",true,"reported","textfile",0.545186,{"v":3.12656e-5,"d":"3.13E-05"},"exposure",true,"reported","oRJ4AP","textfile",456348,2,1,true,"NA",{"v":3.79943084503518e-5,"d":"3.80E-05"},17.3392094753573,18.5370652945758]
["rs150911549","T","G","T","G",3.28211,-0.137278,0.00784382,0.00835232,false,false,false,"Bhd1sb",0.347672,0.146179,"outcome",true,"reported","textfile",0.693758,{"v":2.23516e-6,"d":"2.24E-06"},"exposure",true,"reported","oRJ4AP","textfile",456348,2,1,true,"NA",{"v":4.90425231091041e-5,"d":"4.90E-05"},22.3814568938642,18.5370652945758]
["rs16925961","C","T","C","T",0.932963,0.0617547,0.0551432,0.0480769,false,false,false,"Bhd1sb",0.328181,0.0631577,"outcome",true,"reported","textfile",0.218921,{"v":2.02922e-5,"d":"2.03E-05"},"exposure",true,"reported","oRJ4AP","textfile",456348,2,1,true,"NA",{"v":3.97961042179023e-5,"d":"3.98E-05"},18.1615157329957,18.5370652945758]
["rs16971801","G","T","G","T",0.596025,0.0312956,0.146056,0.145015,false,false,false,"Bhd1sb",0.419628,0.0387769,"outcome",true,"reported","textfile",0.136364,{"v":1.23767e-5,"d":"1.24E-05"},"exposure",true,"reported","oRJ4AP","textfile",456348,2,1,true,"NA",{"v":4.18615357157986e-5,"d":"4.19E-05"},19.1041441065727,18.5370652945758]
["rs16985452","G","T","G","T",0.883685,-0.0490375,0.0586085,0.054542,false,false,false,"Bhd1sb",0.401008,0.0583903,"outcome",true,"reported","textfile",0.210886,{"v":2.78531e-5,"d":"2.79E-05"},"exposure",true,"reported","oRJ4AP","textfile",456348,2,1,true,"NA",{"v":3.84757067470709e-5,"d":"3.85E-05"},17.5589104626886,18.5370652945758]
["rs181808493","G","A","G","A",1.98916,-0.0242428,0.0162032,0.0182371,false,false,false,"Bhd1sb",0.812599,0.102258,"outcome",true,"reported","textfile",0.438639,{"v":5.76454e-6,"d":"5.76E-06"},"exposure",true,"reported","oRJ4AP","textfile",456348,2,1,true,"NA",{"v":4.50618717503529e-5,"d":"4.51E-05"},20.564731611085,18.5370652945758]
["rs185567460","A","T","A","T",2.18834,-0.0208116,0.01168,0.011738,false,true,false,"Bhd1sb",0.869215,0.126394,"outcome",true,"reported","textfile",0.519769,{"v":2.55127e-5,"d":"2.55E-05"},"exposure",true,"reported","oRJ4AP","textfile",456348,2,1,true,"NA",{"v":3.88414853398874e-5,"d":"3.88E-05"},17.7258449670637,18.5370652945758]
["rs186536042","T","C","T","C",1.55679,-0.0220469,0.0201719,0.0197674,false,false,false,"Bhd1sb",0.824405,0.0993629,"outcome",true,"reported","textfile",0.380484,{"v":4.28414e-5,"d":"4.28E-05"},"exposure",true,"reported","oRJ4AP","textfile",456348,2,1,true,"NA",{"v":3.66838733808875e-5,"d":"3.67E-05"},16.7411530122119,18.5370652945758]
["rs2735948","A","G","A","G",0.447476,0.00543964,0.41204,0.409725,false,false,false,"Bhd1sb",0.845707,0.027953,"outcome",true,"reported","textfile",0.0964296,{"v":3.47672e-6,"d":"3.48E-06"},"exposure",true,"reported","oRJ4AP","textfile",456348,2,1,true,"NA",{"v":4.71848001423553e-5,"d":"4.72E-05"},21.5336108648883,18.5370652945758]
["rs34707016","G","A","G","A",0.395751,0.0232048,0.445791,0.43997,false,false,false,"Bhd1sb",0.399314,0.0275315,"outcome",true,"reported","textfile",0.094265,{"v":2.68944e-5,"d":"2.69E-05"},"exposure",true,"reported","oRJ4AP","textfile",456348,2,1,true,"NA",{"v":3.86215921340479e-5,"d":"3.86E-05"},17.6254898084828,18.5370652945758]
["rs35056927","A","G","A","G",0.729464,0.0538566,0.0995479,0.103811,false,false,false,"Bhd1sb",0.235942,0.0454413,"outcome",true,"reported","textfile",0.166816,{"v":1.22625e-5,"d":"1.23E-05"},"exposure",true,"reported","oRJ4AP","textfile",456348,2,1,true,"NA",{"v":4.19003809994258e-5,"d":"4.19E-05"},19.1218724813064,18.5370652945758]
["rs3779941","C","A","C","A",0.54165,0.014617,0.163224,0.162533,false,false,false,"Bhd1sb",0.693937,0.0371444,"outcome",true,"reported","textfile",0.130198,{"v":3.17954e-5,"d":"3.18E-05"},"exposure",true,"reported","oRJ4AP","textfile",456348,2,1,true,"NA",{"v":3.79241841634602e-5,"d":"3.79E-05"},17.3072061079302,18.5370652945758]
["rs40815","G","A","G","A",-0.404138,-0.0169813,0.340617,0.349886,false,false,false,"Bhd1sb",0.541518,0.0278145,"outcome",true,"reported","textfile",0.0990062,{"v":4.46594e-5,"d":"4.47E-05"},"exposure",true,"reported","oRJ4AP","textfile",456348,2,1,true,"NA",{"v":3.65109037835769e-5,"d":"3.65E-05"},16.662213250485,18.5370652945758]
["rs4278653","G","C","G","C",0.976185,0.0547515,0.0495992,0.0522247,false,true,false,"Bhd1sb",0.360251,0.0598452,"outcome",true,"reported","textfile",0.231639,{"v":2.50604e-5,"d":"2.51E-05"},"exposure",true,"reported","oRJ4AP","textfile",456348,2,1,true,"NA",{"v":3.89159686120876e-5,"d":"3.89E-05"},17.7598377535403,18.5370652945758]
["rs4388169","A","C","A","C",-0.394237,-0.0445785,0.443665,0.448752,false,false,false,"Bhd1sb",0.105193,0.0275145,"outcome",true,"reported","textfile",0.0947536,{"v":3.1733e-5,"d":"3.17E-05"},"exposure",true,"reported","oRJ4AP","textfile",456348,2,1,true,"NA",{"v":3.79324329251318e-5,"d":"3.79E-05"},17.3109706828865,18.5370652945758]
["rs45499297","C","T","C","T",0.727114,-0.00429746,0.0936838,0.100573,false,false,false,"Bhd1sb",0.92397,0.0450306,"outcome",true,"reported","textfile",0.167721,{"v":1.4559e-5,"d":"1.46E-05"},"exposure",true,"reported","oRJ4AP","textfile",456348,2,1,true,"NA",{"v":4.11828207718841e-5,"d":"4.12E-05"},18.7943895339419,18.5370652945758]
["rs4833046","T","C","T","C",1.73431,0.0320147,0.0185907,0.0182881,false,false,false,"Bhd1sb",0.750457,0.100664,"outcome",true,"reported","textfile",0.400895,{"v":1.51775e-5,"d":"1.52E-05"},"exposure",true,"reported","oRJ4AP","textfile",456348,2,1,true,"NA",{"v":4.10089089730334e-5,"d":"4.10E-05"},18.7150190567208,18.5370652945758]
["rs56095768","G","C","G","C",0.566752,-0.0140598,0.144701,0.145761,false,true,false,"Bhd1sb",0.723702,0.0397715,"outcome",true,"reported","textfile",0.137263,{"v":3.64434e-5,"d":"3.64E-05"},"exposure",true,"reported","oRJ4AP","textfile",456348,2,1,true,"NA",{"v":3.7356551137179e-5,"d":"3.74E-05"},17.0481495453174,18.5370652945758]
["rs56101722","G","T","G","T",0.404753,-0.0216743,0.486816,0.491432,false,false,false,"Bhd1sb",0.422567,0.0270261,"outcome",true,"reported","textfile",0.093908,{"v":1.63176e-5,"d":"1.63E-05"},"exposure",true,"reported","oRJ4AP","textfile",456348,2,1,true,"NA",{"v":4.07062541542406e-5,"d":"4.07E-05"},18.5768924539767,18.5370652945758]
["rs56266656","G","A","G","A",1.36117,-0.0157065,0.0250551,0.026016,false,false,false,"Bhd1sb",0.854488,0.0856425,"outcome",true,"reported","textfile",0.332432,{"v":4.22932e-5,"d":"4.23E-05"},"exposure",true,"reported","oRJ4AP","textfile",456348,2,1,true,"NA",{"v":3.67372789562694e-5,"d":"3.67E-05"},16.7655262223914,18.5370652945758]
["rs58776181","T","C","T","C",2.78639,-0.307854,0.00792476,0.00735849,false,false,false,"Bhd1sb",0.0523301,0.158654,"outcome",true,"reported","textfile",0.650283,{"v":1.82824e-5,"d":"1.83E-05"},"exposure",true,"reported","oRJ4AP","textfile",456348,2,1,true,"NA",{"v":4.02314217252477e-5,"d":"4.02E-05"},18.3601870350574,18.5370652945758]
["rs58835621","T","C","T","C",1.05439,0.164404,0.0559956,0.0563725,false,false,false,"Bhd1sb",0.0052115,0.0588489,"outcome",true,"reported","textfile",0.221044,{"v":1.84187e-6,"d":"1.84E-06"},"exposure",true,"reported","oRJ4AP","textfile",456348,2,1,true,"NA",{"v":4.98571317357099e-5,"d":"4.99E-05"},22.7532370502013,18.5370652945758]
["rs61883199","G","C","G","C",1.75364,0.231572,0.0159204,0.0152905,false,true,false,"Bhd1sb",0.033471,0.108904,"outcome",true,"reported","textfile",0.430079,{"v":4.5525e-5,"d":"4.55E-05"},"exposure",true,"reported","oRJ4AP","textfile",456348,2,1,true,"NA",{"v":3.64311128723161e-5,"d":"3.64E-05"},16.6257983311656,18.5370652945758]
["rs61943481","A","C","A","C",1.06473,0.111409,0.0389224,0.034542,false,false,false,"Bhd1sb",0.132338,0.0740283,"outcome",true,"reported","textfile",0.262439,{"v":4.96917e-5,"d":"4.97E-05"},"exposure",true,"reported","oRJ4AP","textfile",456348,2,1,true,"NA",{"v":3.60670330626729e-5,"d":"3.61E-05"},16.4596399203957,18.5370652945758]
["rs62099349","A","G","A","G",0.712082,-0.0792217,0.115627,0.112726,false,false,false,"Bhd1sb",0.0726447,0.0441332,"outcome",true,"reported","textfile",0.155413,{"v":4.60805e-6,"d":"4.61E-06"},"exposure",true,"reported","oRJ4AP","textfile",456348,2,1,true,"NA",{"v":4.60012039039282e-5,"d":"4.60E-05"},20.9934311198476,18.5370652945758]
["rs62201257","C","T","C","T",1.63242,0.0763281,0.0196392,0.0201707,false,false,false,"Bhd1sb",0.429102,0.0965288,"outcome",true,"reported","textfile",0.389715,{"v":2.80505e-5,"d":"2.81E-05"},"exposure",true,"reported","oRJ4AP","textfile",456348,2,1,true,"NA",{"v":3.84464921610621e-5,"d":"3.84E-05"},17.545577477639,18.5370652945758]
["rs62431635","G","A","G","A",2.46279,-0.132292,0.00948176,0.00833333,false,false,false,"Bhd1sb",0.376266,0.149516,"outcome",true,"reported","textfile",0.587216,{"v":2.74063e-5,"d":"2.74E-05"},"exposure",true,"reported","oRJ4AP","textfile",456348,2,1,true,"NA",{"v":3.85430529242806e-5,"d":"3.85E-05"},17.58964598844,18.5370652945758]
["rs6574176","C","G","C","G",0.40954,0.0078144,0.322772,0.319031,false,true,false,"Bhd1sb",0.791819,0.0296057,"outcome",true,"reported","textfile",0.100382,{"v":4.50695e-5,"d":"4.51E-05"},"exposure",true,"reported","oRJ4AP","textfile",456348,2,1,true,"NA",{"v":3.64727887838658e-5,"d":"3.65E-05"},16.6448183533062,18.5370652945758]
["rs6602237","T","C","T","C",0.434625,-0.021924,0.295767,0.291873,false,false,false,"Bhd1sb",0.46905,0.0302807,"outcome",true,"reported","textfile",0.103232,{"v":2.55183e-5,"d":"2.55E-05"},"exposure",true,"reported","oRJ4AP","textfile",456348,2,1,true,"NA",{"v":3.88407586825048e-5,"d":"3.88E-05"},17.7255133341123,18.5370652945758]
["rs66659964","A","G","A","G",1.96941,-0.0367364,0.0195958,0.0194193,false,false,false,"Bhd1sb",0.707365,0.09786,"outcome",true,"reported","textfile",0.397498,{"v":7.2515e-7,"d":"7.25E-07"},"exposure",true,"reported","oRJ4AP","textfile",456348,2,1,true,"NA",{"v":5.37876871291889e-5,"d":"5.38E-05"},24.5471162032631,18.5370652945758]
["rs6777144","C","T","C","T",-0.444966,0.0651393,0.488688,0.486138,false,false,false,"Bhd1sb",0.0167272,0.0272247,"outcome",true,"reported","textfile",0.0938798,{"v":2.13985e-6,"d":"2.14E-06"},"exposure",true,"reported","oRJ4AP","textfile",456348,2,1,true,"NA",{"v":4.92256901150243e-5,"d":"4.92E-05"},22.4650526389505,18.5370652945758]
["rs7047489","T","C","T","C",0.400074,0.0227039,0.374328,0.379258,false,false,false,"Bhd1sb",0.416278,0.0279297,"outcome",true,"reported","textfile",0.0967944,{"v":3.57688e-5,"d":"3.58E-05"},"exposure",true,"reported","oRJ4AP","textfile",456348,2,1,true,"NA",{"v":3.74341333661824e-5,"d":"3.74E-05"},17.0835565332575,18.5370652945758]
["rs729451","G","A","G","A",0.446131,-0.028848,0.28244,0.278469,false,false,false,"Bhd1sb",0.336317,0.0300042,"outcome",true,"reported","textfile",0.104826,{"v":2.08194e-5,"d":"2.08E-05"},"exposure",true,"reported","oRJ4AP","textfile",456348,2,1,true,"NA",{"v":3.96892951929051e-5,"d":"3.97E-05"},18.1127699871763,18.5370652945758]
["rs73127875","A","C","A","C",-0.646309,-0.021628,0.103492,0.103337,false,false,false,"Bhd1sb",0.629103,0.0447794,"outcome",true,"reported","textfile",0.158324,{"v":4.46116e-5,"d":"4.46E-05"},"exposure",true,"reported","oRJ4AP","textfile",456348,2,1,true,"NA",{"v":3.65153014053836e-5,"d":"3.65E-05"},16.6642202341657,18.5370652945758]
["rs74815106","G","A","G","A",0.544809,-0.0529864,0.155887,0.157984,false,false,false,"Bhd1sb",0.148687,0.0366895,"outcome",true,"reported","textfile",0.131731,{"v":3.53759e-5,"d":"3.54E-05"},"exposure",true,"reported","oRJ4AP","textfile",456348,2,1,true,"NA",{"v":3.74800481452721e-5,"d":"3.75E-05"},17.1045111288029,18.5370652945758]
["rs74962116","G","A","G","A",1.38624,-0.102351,0.0248537,0.0266239,false,false,false,"Bhd1sb",0.225746,0.0844906,"outcome",true,"reported","textfile",0.335114,{"v":3.52433e-5,"d":"3.52E-05"},"exposure",true,"reported","oRJ4AP","textfile",456348,2,1,true,"NA",{"v":3.74955107093627e-5,"d":"3.75E-05"},17.1115679371537,18.5370652945758]
["rs7531005","C","G","C","G",0.677421,0.000545462,0.139555,0.141737,false,true,false,"Bhd1sb",0.988991,0.0395311,"outcome",true,"reported","textfile",0.140854,{"v":1.51408e-6,"d":"1.51E-06"},"exposure",true,"reported","oRJ4AP","textfile",456348,2,1,true,"NA",{"v":5.06828208664431e-5,"d":"5.07E-05"},23.130074868559,18.5370652945758]
["rs75392725","T","C","T","C",1.37965,-0.00869736,0.0333394,0.0339637,false,false,false,"Bhd1sb",0.908192,0.0754195,"outcome",true,"reported","textfile",0.296538,{"v":3.27883e-6,"d":"3.28E-06"},"exposure",true,"reported","oRJ4AP","textfile",456348,2,1,true,"NA",{"v":4.74307936140858e-5,"d":"4.74E-05"},21.6458796238626,18.5370652945758]
["rs77891840","T","G","T","G",2.37945,-0.246599,0.011004,0.0118321,false,false,false,"Bhd1sb",0.0510759,0.126407,"outcome",true,"reported","textfile",0.542215,{"v":1.14193e-5,"d":"1.14E-05"},"exposure",true,"reported","oRJ4AP","textfile",456348,2,1,true,"NA",{"v":4.21983657892392e-5,"d":"4.22E-05"},19.2578680850179,18.5370652945758]
["rs7849205","A","G","A","G",0.900301,0.0605922,0.0607894,0.0701058,false,false,false,"Bhd1sb",0.248405,0.0524956,"outcome",true,"reported","textfile",0.208433,{"v":1.56466e-5,"d":"1.56E-05"},"exposure",true,"reported","oRJ4AP","textfile",456348,2,1,true,"NA",{"v":4.08816673083605e-5,"d":"4.09E-05"},18.6569480766453,18.5370652945758]
["rs7853608","G","A","G","A",0.41528,-0.000971873,0.436973,0.4318,false,false,false,"Bhd1sb",0.971968,0.0276572,"outcome",true,"reported","textfile",0.0967871,{"v":1.78145e-5,"d":"1.78E-05"},"exposure",true,"reported","oRJ4AP","textfile",456348,2,1,true,"NA",{"v":4.0339768879926e-5,"d":"4.03E-05"},18.4096348096921,18.5370652945758]
["rs79042862","A","G","A","G",1.21226,-0.148166,0.0388015,0.0372482,false,false,false,"Bhd1sb",0.0381399,0.0714622,"outcome",true,"reported","textfile",0.266818,{"v":5.53505e-6,"d":"5.54E-06"},"exposure",true,"reported","oRJ4AP","textfile",456348,2,1,true,"NA",{"v":4.52319702721907e-5,"d":"4.52E-05"},20.6423624005556,18.5370652945758]
["rs7951027","A","G","A","G",0.456531,0.0164182,0.292151,0.295844,false,false,false,"Bhd1sb",0.587181,0.0302402,"outcome",true,"reported","textfile",0.10401,{"v":1.1372e-5,"d":"1.14E-05"},"exposure",true,"reported","oRJ4AP","textfile",456348,2,1,true,"NA",{"v":4.2215881984213e-5,"d":"4.22E-05"},19.2658622053328,18.5370652945758]
["rs79854354","C","T","C","T",2.17715,0.0441735,0.0129479,0.0150886,false,false,false,"Bhd1sb",0.684964,0.108882,"outcome",true,"reported","textfile",0.492474,{"v":9.83125e-6,"d":"9.83E-06"},"exposure",true,"reported","oRJ4AP","textfile",456348,2,1,true,"NA",{"v":4.28247995821227e-5,"d":"4.28E-05"},19.5437629478347,18.5370652945758]
["rs80162725","G","A","G","A",2.33323,-0.112583,0.0156089,0.0150247,false,false,false,"Bhd1sb",0.316314,0.112351,"outcome",true,"reported","textfile",0.459267,{"v":3.76754e-7,"d":"3.77E-07"},"exposure",true,"reported","oRJ4AP","textfile",456348,2,1,true,"NA",{"v":5.65540756584711e-5,"d":"5.66E-05"},25.8096858533671,18.5370652945758]
["rs8045541","A","C","A","C",0.7594,-0.0144231,0.0725729,0.0759804,false,false,false,"Bhd1sb",0.776775,0.0508708,"outcome",true,"reported","textfile",0.186868,{"v":4.82743e-5,"d":"4.83E-05"},"exposure",true,"reported","oRJ4AP","textfile",456348,2,1,true,"NA",{"v":3.61875718021051e-5,"d":"3.62E-05"},16.514651266732,18.5370652945758]
["rs9258656","C","G","C","G",0.536433,-0.0317811,0.166158,0.156298,false,true,false,"Bhd1sb",0.394075,0.0372908,"outcome",true,"reported","textfile",0.129207,{"v":3.29963e-5,"d":"3.30E-05"},"exposure",true,"reported","oRJ4AP","textfile",456348,2,1,true,"NA",{"v":3.77699432653523e-5,"d":"3.78E-05"},17.2368135628408,18.5370652945758]
["rs9607627","G","C","G","C",0.437355,-0.0286109,0.282987,0.289166,false,true,false,"Bhd1sb",0.337267,0.0298161,"outcome",true,"reported","textfile",0.104809,{"v":3.00762e-5,"d":"3.01E-05"},"exposure",true,"reported","oRJ4AP","textfile",456348,2,1,true,"NA",{"v":3.81556023965366e-5,"d":"3.82E-05"},17.4128209279218,18.5370652945758]
["rs9938123","T","C","T","C",2.80326,-0.19103,0.00782553,0.00741199999999997,false,false,false,"Bhd1sb",0.228589,0.158663,"outcome",true,"reported","textfile",0.651852,{"v":1.70442e-5,"d":"1.70E-05"},"exposure",true,"reported","oRJ4AP","textfile",456348,2,1,true,"NA",{"v":4.05242516962223e-5,"d":"4.05E-05"},18.4938296131703,18.5370652945758]
["rs999488","A","G","A","G",0.420115,-0.0117122,0.318075,0.322075,false,false,false,"Bhd1sb",0.679011,0.0283031,"outcome",true,"reported","textfile",0.100636,{"v":2.98489e-5,"d":"2.98E-05"},"exposure",true,"reported","oRJ4AP","textfile",456348,2,1,true,"NA",{"v":3.81871200906747e-5,"d":"3.82E-05"},17.4272049996692,18.5370652945758]
["Helicobacter pylori OMP antibody levels"]
["SNP","effect_allele.exposure","other_allele.exposure","effect_allele.outcome","other_allele.outcome","beta.exposure","beta.outcome","eaf.exposure","eaf.outcome","remove","palindromic","ambiguous","id.outcome","pval.outcome","se.outcome","outcome","mr_keep.outcome","pval_origin.outcome","data_source.outcome","se.exposure","pval.exposure","exposure","mr_keep.exposure","pval_origin.exposure","id.exposure","data_source.exposure","samplesize.exposure","action","SNP_index","mr_keep","samplesize.outcome","R2","f","meanf"]
["rs10739331","T","A","T","A",1.44908,0.030048,0.0233273,0.026674,false,true,false,"i8p9Nv",0.725024,0.0854238,"outcome",true,"reported","textfile",0.347833,{"v":3.09959e-5,"d":"3.10E-05"},"exposure",true,"reported","oRJ4AP","textfile",456348,2,1,true,"NA",{"v":3.80303648275098e-5,"d":"3.80E-05"},17.3556649098431,18.5370652945758]
["rs10950789","G","A","G","A",-0.403782,0.0396811,0.337553,0.340856,false,false,false,"i8p9Nv",0.169572,0.0288888,"outcome",true,"reported","textfile",0.09882,{"v":4.38816e-5,"d":"4.39E-05"},"exposure",true,"reported","oRJ4AP","textfile",456348,2,1,true,"NA",{"v":3.65840827315648e-5,"d":"3.66E-05"},16.6956106118185,18.5370652945758]
["rs11203996","G","A","G","A",-0.394941,-0.0268966,0.433391,0.427608,false,false,false,"i8p9Nv",0.331534,0.0276991,"outcome",true,"reported","textfile",0.0951771,{"v":3.33154e-5,"d":"3.33E-05"},"exposure",true,"reported","oRJ4AP","textfile",456348,2,1,true,"NA",{"v":3.77300142602084e-5,"d":"3.77E-05"},17.2185907452634,18.5370652945758]
["rs112946855","T","C","T","C",3.22308,-0.0816761,0.00712285,0.00582977,false,false,false,"i8p9Nv",0.65491,0.18274,"outcome",true,"reported","textfile",0.70868,{"v":5.41565e-6,"d":"5.42E-06"},"exposure",true,"reported","oRJ4AP","textfile",456348,2,1,true,"NA",{"v":4.53237652702887e-5,"d":"4.53E-05"},20.6842564744204,18.5370652945758]
["rs113300658","G","A","G","A",-0.415039,-0.00204237,0.449507,0.454528,false,false,false,"i8p9Nv",0.942317,0.0282258,"outcome",true,"reported","textfile",0.0943966,{"v":1.0988e-5,"d":"1.10E-05"},"exposure",true,"reported","oRJ4AP","textfile",456348,2,1,true,"NA",{"v":4.2359474478975e-5,"d":"4.24E-05"},19.3313956083413,18.5370652945758]
["rs115218493","A","G","A","G",2.3867,0.156148,0.00948532,0.012252,false,false,false,"i8p9Nv",0.218509,0.126898,"outcome",true,"reported","textfile",0.576704,{"v":3.49548e-5,"d":"3.50E-05"},"exposure",true,"reported","oRJ4AP","textfile",456348,2,1,true,"NA",{"v":3.75298896996004e-5,"d":"3.75E-05"},17.127257828951,18.5370652945758]
["rs116684522","A","C","A","C",1.80124,0.0215305,0.0157086,0.0161856,false,false,false,"i8p9Nv",0.846252,0.111037,"outcome",true,"reported","textfile",0.436319,{"v":3.6552e-5,"d":"3.66E-05"},"exposure",true,"reported","oRJ4AP","textfile",456348,2,1,true,"NA",{"v":3.73441470788878e-5,"d":"3.73E-05"},17.0424885800623,18.5370652945758]
["rs116892119","C","T","C","T",1.14431,-0.160989,0.03513,0.03459,false,false,false,"i8p9Nv",0.0349229,0.076325,"outcome",true,"reported","textfile",0.277416,{"v":3.70906e-5,"d":"3.71E-05"},"exposure",true,"reported","oRJ4AP","textfile",456348,2,1,true,"NA",{"v":3.72831013851325e-5,"d":"3.73E-05"},17.0146285428207,18.5370652945758]
["rs116924465","T","C","T","C",1.31762,-0.0775562,0.0271164,0.025651,false,false,false,"i8p9Nv",0.383044,0.0889099,"outcome",true,"reported","textfile",0.316975,{"v":3.22666e-5,"d":"3.23E-05"},"exposure",true,"reported","oRJ4AP","textfile",456348,2,1,true,"NA",{"v":3.78632370089989e-5,"d":"3.79E-05"},17.2793910097858,18.5370652945758]
["rs11732017","G","A","G","A",-0.518154,0.0351329,0.215211,0.213951,false,false,false,"i8p9Nv",0.309435,0.0345657,"outcome",true,"reported","textfile",0.116326,{"v":8.41545e-6,"d":"8.42E-06"},"exposure",true,"reported","oRJ4AP","textfile",456348,2,1,true,"NA",{"v":4.34759507061723e-5,"d":"4.35E-05"},19.8409388046363,18.5370652945758]
["rs117515677","G","A","G","A",1.84481,0.0267642,0.0177978,0.0180723,false,false,false,"i8p9Nv",0.798994,0.105102,"outcome",true,"reported","textfile",0.413806,{"v":8.26658e-6,"d":"8.27E-06"},"exposure",true,"reported","oRJ4AP","textfile",456348,2,1,true,"NA",{"v":4.35506514295228e-5,"d":"4.36E-05"},19.8750311478107,18.5370652945758]
["rs117999278","T","A","T","A",2.25936,0.0891109,0.0116597,0.0090945,false,true,false,"i8p9Nv",0.547273,0.148061,"outcome",true,"reported","textfile",0.528604,{"v":1.91824e-5,"d":"1.92E-05"},"exposure",true,"reported","oRJ4AP","textfile",456348,2,1,true,"NA",{"v":4.00310004368753e-5,"d":"4.00E-05"},18.2687182404342,18.5370652945758]
["rs12230793","A","G","A","G",0.564135,0.000654348,0.160104,0.162019,false,false,false,"i8p9Nv",0.986103,0.0375664,"outcome",true,"reported","textfile",0.131524,{"v":1.79294e-5,"d":"1.79E-05"},"exposure",true,"reported","oRJ4AP","textfile",456348,2,1,true,"NA",{"v":4.031274891782e-5,"d":"4.03E-05"},18.3973033635228,18.5370652945758]
["rs12434934","C","T","C","T",0.647521,-0.00629653,0.144882,0.145174,false,false,false,"i8p9Nv",0.87508,0.0400521,"outcome",true,"reported","textfile",0.138674,{"v":3.02099e-6,"d":"3.02E-06"},"exposure",true,"reported","oRJ4AP","textfile",456348,2,1,true,"NA",{"v":4.77750037120525e-5,"d":"4.78E-05"},21.8029734811193,18.5370652945758]
["rs12440932","G","A","G","A",1.61618,0.0440849,0.021241,0.0203522,false,false,false,"i8p9Nv",0.654922,0.0986383,"outcome",true,"reported","textfile",0.373461,{"v":1.50771e-5,"d":"1.51E-05"},"exposure",true,"reported","oRJ4AP","textfile",456348,2,1,true,"NA",{"v":4.10369401354784e-5,"d":"4.10E-05"},18.7278120151656,18.5370652945758]
["rs12620223","A","G","A","G",0.611698,0.0169187,0.134957,0.132919,false,false,false,"i8p9Nv",0.680597,0.0410999,"outcome",true,"reported","textfile",0.14049,{"v":1.33655e-5,"d":"1.34E-05"},"exposure",true,"reported","oRJ4AP","textfile",456348,2,1,true,"NA",{"v":4.1540249767288e-5,"d":"4.15E-05"},18.9575143201826,18.5370652945758]
["rs12952974","G","A","G","A",-0.427553,0.0160865,0.292442,0.300197,false,false,false,"i8p9Nv",0.59806,0.0305136,"outcome",true,"reported","textfile",0.10416,{"v":4.04735e-5,"d":"4.05E-05"},"exposure",true,"reported","oRJ4AP","textfile",456348,2,1,true,"NA",{"v":3.69203481441761e-5,"d":"3.69E-05"},16.849075267927,18.5370652945758]
["rs13160735","A","G","A","G",-0.442902,0.040891,0.321677,0.343837,false,false,false,"i8p9Nv",0.159352,0.0290573,"outcome",true,"reported","textfile",0.101381,{"v":1.24983e-5,"d":"1.25E-05"},"exposure",true,"reported","oRJ4AP","textfile",456348,2,1,true,"NA",{"v":4.18203657954128e-5,"d":"4.18E-05"},19.0853548057928,18.5370652945758]
["rs134713","A","G","A","G",0.573504,0.0307491,0.13955,0.138943,false,false,false,"i8p9Nv",0.451828,0.0408695,"outcome",true,"reported","textfile",0.138474,{"v":3.44882e-5,"d":"3.45E-05"},"exposure",true,"reported","oRJ4AP","textfile",456348,2,1,true,"NA",{"v":3.75858133203266e-5,"d":"3.76E-05"},17.1527802666748,18.5370652945758]
["rs138432728","C","A","C","A",1.68551,-0.0524706,0.019522,0.0217134,false,false,false,"i8p9Nv",0.588565,0.097003,"outcome",true,"reported","textfile",0.388547,{"v":1.4379e-5,"d":"1.44E-05"},"exposure",true,"reported","oRJ4AP","textfile",456348,2,1,true,"NA",{"v":4.12345716088491e-5,"d":"4.12E-05"},18.8180077679007,18.5370652945758]
["rs138585571","T","C","T","C",1.10076,-0.0133919,0.038463,0.0376992,false,false,false,"i8p9Nv",0.852308,0.071932,"outcome",true,"reported","textfile",0.262786,{"v":2.804e-5,"d":"2.80E-05"},"exposure",true,"reported","oRJ4AP","textfile",456348,2,1,true,"NA",{"v":3.84474889735365e-5,"d":"3.84E-05"},17.5460324040049,18.5370652945758]
["rs138832752","C","G","C","G",2.42473,-0.0460529,0.00980181,0.0108524,false,true,false,"i8p9Nv",0.734246,0.135656,"outcome",true,"reported","textfile",0.582254,{"v":3.12193e-5,"d":"3.12E-05"},"exposure",true,"reported","oRJ4AP","textfile",456348,2,1,true,"NA",{"v":3.80004863401919e-5,"d":"3.80E-05"},17.3420289449352,18.5370652945758]
["rs138912469","G","A","G","A",3.50123,0.159157,0.00617677,0.00585709,false,false,false,"i8p9Nv",0.383744,0.182726,"outcome",true,"reported","textfile",0.769667,{"v":5.38953e-6,"d":"5.39E-06"},"exposure",true,"reported","oRJ4AP","textfile",456348,2,1,true,"NA",{"v":4.53439870852525e-5,"d":"4.53E-05"},20.6934854555439,18.5370652945758]
["rs139484354","T","G","T","G",2.36526,-0.165177,0.00967161,0.0103394,false,false,false,"i8p9Nv",0.231616,0.138084,"outcome",true,"reported","textfile",0.574582,{"v":3.84704e-5,"d":"3.85E-05"},"exposure",true,"reported","oRJ4AP","textfile",456348,2,1,true,"NA",{"v":3.71314119109658e-5,"d":"3.71E-05"},16.9454005065678,18.5370652945758]
["rs141152183","A","G","A","G",1.5543,-0.0221861,0.0214324,0.0226828,false,false,false,"i8p9Nv",0.814503,0.0945612,"outcome",true,"reported","textfile",0.366576,{"v":2.23463e-5,"d":"2.23E-05"},"exposure",true,"reported","oRJ4AP","textfile",456348,2,1,true,"NA",{"v":3.93938455330552e-5,"d":"3.94E-05"},17.9779320535059,18.5370652945758]
["rs143582126","C","G","C","G",0.857788,-0.0428062,0.058795,0.0581034,false,true,false,"i8p9Nv",0.468246,0.0590157,"outcome",true,"reported","textfile",0.210251,{"v":4.50685e-5,"d":"4.51E-05"},"exposure",true,"reported","oRJ4AP","textfile",456348,2,1,true,"NA",{"v":3.64730263831585e-5,"d":"3.65E-05"},16.6449267887027,18.5370652945758]
["rs145889251","T","C","T","C",1.30908,-0.0492015,0.0274908,0.025498,false,false,false,"i8p9Nv",0.582701,0.0895477,"outcome",true,"reported","textfile",0.321286,{"v":4.61135e-5,"d":"4.61E-05"},"exposure",true,"reported","oRJ4AP","textfile",456348,2,1,true,"NA",{"v":3.6377832742988e-5,"d":"3.64E-05"},16.6014823868812,18.5370652945758]
["rs147985159","T","C","T","C",0.935119,0.0541763,0.0571733,0.0631579,false,false,false,"i8p9Nv",0.343145,0.0571499,"outcome",true,"reported","textfile",0.214662,{"v":1.32318e-5,"d":"1.32E-05"},"exposure",true,"reported","oRJ4AP","textfile",456348,2,1,true,"NA",{"v":4.15823671612387e-5,"d":"4.16E-05"},18.9767360221674,18.5370652945758]
["rs148512905","C","A","C","A",2.84362,-0.0590319,0.0074238,0.00612164,false,false,false,"i8p9Nv",0.742704,0.179825,"outcome",true,"reported","textfile",0.679931,{"v":2.88679e-5,"d":"2.89E-05"},"exposure",true,"reported","oRJ4AP","textfile",456348,2,1,true,"NA",{"v":3.83266303946481e-5,"d":"3.83E-05"},17.4908748403713,18.5370652945758]
["rs148943709","G","T","G","T",1.59818,-0.0545138,0.0196681,0.0167185,false,false,false,"i8p9Nv",0.613233,0.107849,"outcome",true,"reported","textfile",0.385474,{"v":3.38301e-5,"d":"3.38E-05"},"exposure",true,"reported","oRJ4AP","textfile",456348,2,1,true,"NA",{"v":3.76659297560452e-5,"d":"3.77E-05"},17.1893438330696,18.5370652945758]
["rs149033535","C","T","C","T",2.27018,0.00040821,0.010751,0.0116187,false,false,false,"i8p9Nv",0.997473,0.128865,"outcome",true,"reported","textfile",0.545186,{"v":3.12656e-5,"d":"3.13E-05"},"exposure",true,"reported","oRJ4AP","textfile",456348,2,1,true,"NA",{"v":3.79943084503518e-5,"d":"3.80E-05"},17.3392094753573,18.5370652945758]
["rs150911549","T","G","T","G",3.28211,0.10311,0.00784382,0.00801407,false,false,false,"i8p9Nv",0.500108,0.15291,"outcome",true,"reported","textfile",0.693758,{"v":2.23516e-6,"d":"2.24E-06"},"exposure",true,"reported","oRJ4AP","textfile",456348,2,1,true,"NA",{"v":4.90425231091041e-5,"d":"4.90E-05"},22.3814568938642,18.5370652945758]
["rs16925961","C","T","C","T",0.932963,0.0202827,0.0551432,0.0478041,false,false,false,"i8p9Nv",0.755963,0.0652625,"outcome",true,"reported","textfile",0.218921,{"v":2.02922e-5,"d":"2.03E-05"},"exposure",true,"reported","oRJ4AP","textfile",456348,2,1,true,"NA",{"v":3.97961042179023e-5,"d":"3.98E-05"},18.1615157329957,18.5370652945758]
["rs16971801","G","T","G","T",0.596025,0.0120813,0.146056,0.147311,false,false,false,"i8p9Nv",0.759231,0.0394182,"outcome",true,"reported","textfile",0.136364,{"v":1.23767e-5,"d":"1.24E-05"},"exposure",true,"reported","oRJ4AP","textfile",456348,2,1,true,"NA",{"v":4.18615357157986e-5,"d":"4.19E-05"},19.1041441065727,18.5370652945758]
["rs16985452","G","T","G","T",0.883685,-0.0126598,0.0586085,0.0576471,false,false,false,"i8p9Nv",0.828449,0.0584231,"outcome",true,"reported","textfile",0.210886,{"v":2.78531e-5,"d":"2.79E-05"},"exposure",true,"reported","oRJ4AP","textfile",456348,2,1,true,"NA",{"v":3.84757067470709e-5,"d":"3.85E-05"},17.5589104626886,18.5370652945758]
["rs181808493","G","A","G","A",1.98916,0.0681356,0.0162032,0.0180039,false,false,false,"i8p9Nv",0.519009,0.105657,"outcome",true,"reported","textfile",0.438639,{"v":5.76454e-6,"d":"5.76E-06"},"exposure",true,"reported","oRJ4AP","textfile",456348,2,1,true,"NA",{"v":4.50618717503529e-5,"d":"4.51E-05"},20.564731611085,18.5370652945758]
["rs185567460","A","T","A","T",2.18834,0.00290226,0.01168,0.0111111,false,true,false,"i8p9Nv",0.982629,0.133293,"outcome",true,"reported","textfile",0.519769,{"v":2.55127e-5,"d":"2.55E-05"},"exposure",true,"reported","oRJ4AP","textfile",456348,2,1,true,"NA",{"v":3.88414853398874e-5,"d":"3.88E-05"},17.7258449670637,18.5370652945758]
["rs186536042","T","C","T","C",1.55679,-0.0336826,0.0201719,0.0195765,false,false,false,"i8p9Nv",0.739938,0.101473,"outcome",true,"reported","textfile",0.380484,{"v":4.28414e-5,"d":"4.28E-05"},"exposure",true,"reported","oRJ4AP","textfile",456348,2,1,true,"NA",{"v":3.66838733808875e-5,"d":"3.67E-05"},16.7411530122119,18.5370652945758]
["rs2735948","A","G","A","G",0.447476,-0.00107381,0.41204,0.419297,false,false,false,"i8p9Nv",0.970072,0.0286213,"outcome",true,"reported","textfile",0.0964296,{"v":3.47672e-6,"d":"3.48E-06"},"exposure",true,"reported","oRJ4AP","textfile",456348,2,1,true,"NA",{"v":4.71848001423553e-5,"d":"4.72E-05"},21.5336108648883,18.5370652945758]
["rs34707016","G","A","G","A",0.395751,0.0129702,0.445791,0.440094,false,false,false,"i8p9Nv",0.649534,0.028543,"outcome",true,"reported","textfile",0.094265,{"v":2.68944e-5,"d":"2.69E-05"},"exposure",true,"reported","oRJ4AP","textfile",456348,2,1,true,"NA",{"v":3.86215921340479e-5,"d":"3.86E-05"},17.6254898084828,18.5370652945758]
["rs35056927","A","G","A","G",0.729464,-0.0220213,0.0995479,0.105714,false,false,false,"i8p9Nv",0.634124,0.04627,"outcome",true,"reported","textfile",0.166816,{"v":1.22625e-5,"d":"1.23E-05"},"exposure",true,"reported","oRJ4AP","textfile",456348,2,1,true,"NA",{"v":4.19003809994258e-5,"d":"4.19E-05"},19.1218724813064,18.5370652945758]
["rs3779941","C","A","C","A",0.54165,0.0251742,0.163224,0.165485,false,false,false,"i8p9Nv",0.511292,0.0383269,"outcome",true,"reported","textfile",0.130198,{"v":3.17954e-5,"d":"3.18E-05"},"exposure",true,"reported","oRJ4AP","textfile",456348,2,1,true,"NA",{"v":3.79241841634602e-5,"d":"3.79E-05"},17.3072061079302,18.5370652945758]
["rs40815","G","A","G","A",-0.404138,0.00951106,0.340617,0.337305,false,false,false,"i8p9Nv",0.740363,0.028702,"outcome",true,"reported","textfile",0.0990062,{"v":4.46594e-5,"d":"4.47E-05"},"exposure",true,"reported","oRJ4AP","textfile",456348,2,1,true,"NA",{"v":3.65109037835769e-5,"d":"3.65E-05"},16.662213250485,18.5370652945758]
["rs4278653","G","C","G","C",0.976185,0.0063266,0.0495992,0.0546055,false,true,false,"i8p9Nv",0.917986,0.0614406,"outcome",true,"reported","textfile",0.231639,{"v":2.50604e-5,"d":"2.51E-05"},"exposure",true,"reported","oRJ4AP","textfile",456348,2,1,true,"NA",{"v":3.89159686120876e-5,"d":"3.89E-05"},17.7598377535403,18.5370652945758]
["rs4388169","A","C","A","C",-0.394237,-0.0353568,0.443665,0.443587,false,false,false,"i8p9Nv",0.214669,0.0284945,"outcome",true,"reported","textfile",0.0947536,{"v":3.1733e-5,"d":"3.17E-05"},"exposure",true,"reported","oRJ4AP","textfile",456348,2,1,true,"NA",{"v":3.79324329251318e-5,"d":"3.79E-05"},17.3109706828865,18.5370652945758]
["rs45499297","C","T","C","T",0.727114,-0.022537,0.0936838,0.097456,false,false,false,"i8p9Nv",0.633595,0.0472799,"outcome",true,"reported","textfile",0.167721,{"v":1.4559e-5,"d":"1.46E-05"},"exposure",true,"reported","oRJ4AP","textfile",456348,2,1,true,"NA",{"v":4.11828207718841e-5,"d":"4.12E-05"},18.7943895339419,18.5370652945758]
["rs4833046","T","C","T","C",1.73431,0.000741306,0.0185907,0.0227361,false,false,false,"i8p9Nv",0.993607,0.0925202,"outcome",true,"reported","textfile",0.400895,{"v":1.51775e-5,"d":"1.52E-05"},"exposure",true,"reported","oRJ4AP","textfile",456348,2,1,true,"NA",{"v":4.10089089730334e-5,"d":"4.10E-05"},18.7150190567208,18.5370652945758]
["rs56095768","G","C","G","C",0.566752,0.0655513,0.144701,0.141487,false,true,false,"i8p9Nv",0.108907,0.0408897,"outcome",true,"reported","textfile",0.137263,{"v":3.64434e-5,"d":"3.64E-05"},"exposure",true,"reported","oRJ4AP","textfile",456348,2,1,true,"NA",{"v":3.7356551137179e-5,"d":"3.74E-05"},17.0481495453174,18.5370652945758]
["rs56101722","G","T","G","T",0.404753,0.00854129,0.486816,0.484289,false,false,false,"i8p9Nv",0.754658,0.0273319,"outcome",true,"reported","textfile",0.093908,{"v":1.63176e-5,"d":"1.63E-05"},"exposure",true,"reported","oRJ4AP","textfile",456348,2,1,true,"NA",{"v":4.07062541542406e-5,"d":"4.07E-05"},18.5768924539767,18.5370652945758]
["rs56266656","G","A","G","A",1.36117,-0.00732792,0.0250551,0.0248144,false,false,false,"i8p9Nv",0.934462,0.0891121,"outcome",true,"reported","textfile",0.332432,{"v":4.22932e-5,"d":"4.23E-05"},"exposure",true,"reported","oRJ4AP","textfile",456348,2,1,true,"NA",{"v":3.67372789562694e-5,"d":"3.67E-05"},16.7655262223914,18.5370652945758]
["rs58776181","T","C","T","C",2.78639,0.130878,0.00792476,0.00836902,false,false,false,"i8p9Nv",0.39237,0.153015,"outcome",true,"reported","textfile",0.650283,{"v":1.82824e-5,"d":"1.83E-05"},"exposure",true,"reported","oRJ4AP","textfile",456348,2,1,true,"NA",{"v":4.02314217252477e-5,"d":"4.02E-05"},18.3601870350574,18.5370652945758]
["rs58835621","T","C","T","C",1.05439,0.0817285,0.0559956,0.0557715,false,false,false,"i8p9Nv",0.177821,0.0606521,"outcome",true,"reported","textfile",0.221044,{"v":1.84187e-6,"d":"1.84E-06"},"exposure",true,"reported","oRJ4AP","textfile",456348,2,1,true,"NA",{"v":4.98571317357099e-5,"d":"4.99E-05"},22.7532370502013,18.5370652945758]
["rs61883199","G","C","G","C",1.75364,0.207104,0.0159204,0.0157109,false,true,false,"i8p9Nv",0.0601048,0.11016,"outcome",true,"reported","textfile",0.430079,{"v":4.5525e-5,"d":"4.55E-05"},"exposure",true,"reported","oRJ4AP","textfile",456348,2,1,true,"NA",{"v":3.64311128723161e-5,"d":"3.64E-05"},16.6257983311656,18.5370652945758]
["rs61943481","A","C","A","C",1.06473,0.0775889,0.0389224,0.0346048,false,false,false,"i8p9Nv",0.309495,0.0763457,"outcome",true,"reported","textfile",0.262439,{"v":4.96917e-5,"d":"4.97E-05"},"exposure",true,"reported","oRJ4AP","textfile",456348,2,1,true,"NA",{"v":3.60670330626729e-5,"d":"3.61E-05"},16.4596399203957,18.5370652945758]
["rs62099349","A","G","A","G",0.712082,0.00296857,0.115627,0.110552,false,false,false,"i8p9Nv",0.948018,0.045533,"outcome",true,"reported","textfile",0.155413,{"v":4.60805e-6,"d":"4.61E-06"},"exposure",true,"reported","oRJ4AP","textfile",456348,2,1,true,"NA",{"v":4.60012039039282e-5,"d":"4.60E-05"},20.9934311198476,18.5370652945758]
["rs62201257","C","T","C","T",1.63242,-0.0125295,0.0196392,0.0204327,false,false,false,"i8p9Nv",0.900888,0.100606,"outcome",true,"reported","textfile",0.389715,{"v":2.80505e-5,"d":"2.81E-05"},"exposure",true,"reported","oRJ4AP","textfile",456348,2,1,true,"NA",{"v":3.84464921610621e-5,"d":"3.84E-05"},17.545577477639,18.5370652945758]
["rs62431635","G","A","G","A",2.46279,0.0364637,0.00948176,0.0083788,false,false,false,"i8p9Nv",0.811673,0.153037,"outcome",true,"reported","textfile",0.587216,{"v":2.74063e-5,"d":"2.74E-05"},"exposure",true,"reported","oRJ4AP","textfile",456348,2,1,true,"NA",{"v":3.85430529242806e-5,"d":"3.85E-05"},17.58964598844,18.5370652945758]
["rs6574176","C","G","C","G",0.40954,0.0226469,0.322772,0.322397,false,true,false,"i8p9Nv",0.452606,0.0301526,"outcome",true,"reported","textfile",0.100382,{"v":4.50695e-5,"d":"4.51E-05"},"exposure",true,"reported","oRJ4AP","textfile",456348,2,1,true,"NA",{"v":3.64727887838658e-5,"d":"3.65E-05"},16.6448183533062,18.5370652945758]
["rs6602237","T","C","T","C",0.434625,0.000715825,0.295767,0.290474,false,false,false,"i8p9Nv",0.98143,0.0307528,"outcome",true,"reported","textfile",0.103232,{"v":2.55183e-5,"d":"2.55E-05"},"exposure",true,"reported","oRJ4AP","textfile",456348,2,1,true,"NA",{"v":3.88407586825048e-5,"d":"3.88E-05"},17.7255133341123,18.5370652945758]
["rs66659964","A","G","A","G",1.96941,0.0233961,0.0195958,0.0211815,false,false,false,"i8p9Nv",0.810165,0.0973972,"outcome",true,"reported","textfile",0.397498,{"v":7.2515e-7,"d":"7.25E-07"},"exposure",true,"reported","oRJ4AP","textfile",456348,2,1,true,"NA",{"v":5.37876871291889e-5,"d":"5.38E-05"},24.5471162032631,18.5370652945758]
["rs6777144","C","T","C","T",-0.444966,{"v":7.13012e-5,"d":"7.13E-05"},0.488688,0.491986,false,false,false,"i8p9Nv",0.997961,0.0278974,"outcome",true,"reported","textfile",0.0938798,{"v":2.13985e-6,"d":"2.14E-06"},"exposure",true,"reported","oRJ4AP","textfile",456348,2,1,true,"NA",{"v":4.92256901150243e-5,"d":"4.92E-05"},22.4650526389505,18.5370652945758]
["rs7047489","T","C","T","C",0.400074,-0.00243907,0.374328,0.369252,false,false,false,"i8p9Nv",0.932742,0.0289006,"outcome",true,"reported","textfile",0.0967944,{"v":3.57688e-5,"d":"3.58E-05"},"exposure",true,"reported","oRJ4AP","textfile",456348,2,1,true,"NA",{"v":3.74341333661824e-5,"d":"3.74E-05"},17.0835565332575,18.5370652945758]
["rs729451","G","A","G","A",0.446131,0.00255488,0.28244,0.27536,false,false,false,"i8p9Nv",0.933992,0.0308472,"outcome",true,"reported","textfile",0.104826,{"v":2.08194e-5,"d":"2.08E-05"},"exposure",true,"reported","oRJ4AP","textfile",456348,2,1,true,"NA",{"v":3.96892951929051e-5,"d":"3.97E-05"},18.1127699871763,18.5370652945758]
["rs73127875","A","C","A","C",-0.646309,-0.100211,0.103492,0.0994129,false,false,false,"i8p9Nv",0.030451,0.0463043,"outcome",true,"reported","textfile",0.158324,{"v":4.46116e-5,"d":"4.46E-05"},"exposure",true,"reported","oRJ4AP","textfile",456348,2,1,true,"NA",{"v":3.65153014053836e-5,"d":"3.65E-05"},16.6642202341657,18.5370652945758]
["rs74815106","G","A","G","A",0.544809,-0.0290836,0.155887,0.1544,false,false,false,"i8p9Nv",0.447896,0.038322,"outcome",true,"reported","textfile",0.131731,{"v":3.53759e-5,"d":"3.54E-05"},"exposure",true,"reported","oRJ4AP","textfile",456348,2,1,true,"NA",{"v":3.74800481452721e-5,"d":"3.75E-05"},17.1045111288029,18.5370652945758]
["rs74962116","G","A","G","A",1.38624,-0.0471151,0.0248537,0.0250973,false,false,false,"i8p9Nv",0.597236,0.0891689,"outcome",true,"reported","textfile",0.335114,{"v":3.52433e-5,"d":"3.52E-05"},"exposure",true,"reported","oRJ4AP","textfile",456348,2,1,true,"NA",{"v":3.74955107093627e-5,"d":"3.75E-05"},17.1115679371537,18.5370652945758]
["rs7531005","C","G","C","G",0.677421,0.000968021,0.139555,0.147871,false,true,false,"i8p9Nv",0.980579,0.0397659,"outcome",true,"reported","textfile",0.140854,{"v":1.51408e-6,"d":"1.51E-06"},"exposure",true,"reported","oRJ4AP","textfile",456348,2,1,true,"NA",{"v":5.06828208664431e-5,"d":"5.07E-05"},23.130074868559,18.5370652945758]
["rs75392725","T","C","T","C",1.37965,0.0237298,0.0333394,0.035259,false,false,false,"i8p9Nv",0.754111,0.0757599,"outcome",true,"reported","textfile",0.296538,{"v":3.27883e-6,"d":"3.28E-06"},"exposure",true,"reported","oRJ4AP","textfile",456348,2,1,true,"NA",{"v":4.74307936140858e-5,"d":"4.74E-05"},21.6458796238626,18.5370652945758]
["rs77891840","T","G","T","G",2.37945,-0.0776599,0.011004,0.0117786,false,false,false,"i8p9Nv",0.550245,0.129998,"outcome",true,"reported","textfile",0.542215,{"v":1.14193e-5,"d":"1.14E-05"},"exposure",true,"reported","oRJ4AP","textfile",456348,2,1,true,"NA",{"v":4.21983657892392e-5,"d":"4.22E-05"},19.2578680850179,18.5370652945758]
["rs7849205","A","G","A","G",0.900301,0.156539,0.0607894,0.0608187,false,false,false,"i8p9Nv",0.00601354,0.0569845,"outcome",true,"reported","textfile",0.208433,{"v":1.56466e-5,"d":"1.56E-05"},"exposure",true,"reported","oRJ4AP","textfile",456348,2,1,true,"NA",{"v":4.08816673083605e-5,"d":"4.09E-05"},18.6569480766453,18.5370652945758]
["rs7853608","G","A","G","A",0.41528,0.0587555,0.436973,0.424722,false,false,false,"i8p9Nv",0.0381466,0.0283395,"outcome",true,"reported","textfile",0.0967871,{"v":1.78145e-5,"d":"1.78E-05"},"exposure",true,"reported","oRJ4AP","textfile",456348,2,1,true,"NA",{"v":4.0339768879926e-5,"d":"4.03E-05"},18.4096348096921,18.5370652945758]
["rs79042862","A","G","A","G",1.21226,0.00756569,0.0388015,0.0368917,false,false,false,"i8p9Nv",0.919175,0.0745585,"outcome",true,"reported","textfile",0.266818,{"v":5.53505e-6,"d":"5.54E-06"},"exposure",true,"reported","oRJ4AP","textfile",456348,2,1,true,"NA",{"v":4.52319702721907e-5,"d":"4.52E-05"},20.6423624005556,18.5370652945758]
["rs7951027","A","G","A","G",0.456531,0.0266111,0.292151,0.293103,false,false,false,"i8p9Nv",0.387701,0.0308072,"outcome",true,"reported","textfile",0.10401,{"v":1.1372e-5,"d":"1.14E-05"},"exposure",true,"reported","oRJ4AP","textfile",456348,2,1,true,"NA",{"v":4.2215881984213e-5,"d":"4.22E-05"},19.2658622053328,18.5370652945758]
["rs79854354","C","T","C","T",2.17715,0.178985,0.0129479,0.0126361,false,false,false,"i8p9Nv",0.152069,0.124967,"outcome",true,"reported","textfile",0.492474,{"v":9.83125e-6,"d":"9.83E-06"},"exposure",true,"reported","oRJ4AP","textfile",456348,2,1,true,"NA",{"v":4.28247995821227e-5,"d":"4.28E-05"},19.5437629478347,18.5370652945758]
["rs80162725","G","A","G","A",2.33323,0.0853379,0.0156089,0.0143644,false,false,false,"i8p9Nv",0.470177,0.118165,"outcome",true,"reported","textfile",0.459267,{"v":3.76754e-7,"d":"3.77E-07"},"exposure",true,"reported","oRJ4AP","textfile",456348,2,1,true,"NA",{"v":5.65540756584711e-5,"d":"5.66E-05"},25.8096858533671,18.5370652945758]
["rs8045541","A","C","A","C",0.7594,-0.0992457,0.0725729,0.0779246,false,false,false,"i8p9Nv",0.0553752,0.0518005,"outcome",true,"reported","textfile",0.186868,{"v":4.82743e-5,"d":"4.83E-05"},"exposure",true,"reported","oRJ4AP","textfile",456348,2,1,true,"NA",{"v":3.61875718021051e-5,"d":"3.62E-05"},16.514651266732,18.5370652945758]
["rs9258656","C","G","C","G",0.536433,-0.00632108,0.166158,0.161893,false,true,false,"i8p9Nv",0.867819,0.0379807,"outcome",true,"reported","textfile",0.129207,{"v":3.29963e-5,"d":"3.30E-05"},"exposure",true,"reported","oRJ4AP","textfile",456348,2,1,true,"NA",{"v":3.77699432653523e-5,"d":"3.78E-05"},17.2368135628408,18.5370652945758]
["rs9607627","G","C","G","C",0.437355,-0.0562709,0.282987,0.280739,false,true,false,"i8p9Nv",0.0671371,0.0307364,"outcome",true,"reported","textfile",0.104809,{"v":3.00762e-5,"d":"3.01E-05"},"exposure",true,"reported","oRJ4AP","textfile",456348,2,1,true,"NA",{"v":3.81556023965366e-5,"d":"3.82E-05"},17.4128209279218,18.5370652945758]
["rs9938123","T","C","T","C",2.80326,-0.0589048,0.00782553,0.00705900000000004,false,false,false,"i8p9Nv",0.724341,0.167029,"outcome",true,"reported","textfile",0.651852,{"v":1.70442e-5,"d":"1.70E-05"},"exposure",true,"reported","oRJ4AP","textfile",456348,2,1,true,"NA",{"v":4.05242516962223e-5,"d":"4.05E-05"},18.4938296131703,18.5370652945758]
["rs999488","A","G","A","G",0.420115,-0.0170641,0.318075,0.317263,false,false,false,"i8p9Nv",0.558749,0.0291842,"outcome",true,"reported","textfile",0.100636,{"v":2.98489e-5,"d":"2.98E-05"},"exposure",true,"reported","oRJ4AP","textfile",456348,2,1,true,"NA",{"v":3.81871200906747e-5,"d":"3.82E-05"},17.4272049996692,18.5370652945758]
["Helicobacter pylori UREA antibody levels"]
["SNP","effect_allele.exposure","other_allele.exposure","effect_allele.outcome","other_allele.outcome","beta.exposure","beta.outcome","eaf.exposure","eaf.outcome","remove","palindromic","ambiguous","id.outcome","pval.outcome","se.outcome","outcome","mr_keep.outcome","pval_origin.outcome","data_source.outcome","se.exposure","pval.exposure","exposure","mr_keep.exposure","pval_origin.exposure","id.exposure","data_source.exposure","samplesize.exposure","action","SNP_index","mr_keep","samplesize.outcome","R2","f","meanf"]
["rs10739331","T","A","T","A",1.44908,-0.00767849,0.0233273,0.021878,false,true,false,"cgbiQB",0.939692,0.10149,"outcome",true,"reported","textfile",0.347833,{"v":3.09959e-5,"d":"3.10E-05"},"exposure",true,"reported","oRJ4AP","textfile",456348,2,1,true,"NA",{"v":3.80303648275098e-5,"d":"3.80E-05"},17.3556649098431,18.5098856593879]
["rs10950789","G","A","G","A",-0.403782,-0.0475053,0.337553,0.345822,false,false,false,"cgbiQB",0.116843,0.0302936,"outcome",true,"reported","textfile",0.09882,{"v":4.38816e-5,"d":"4.39E-05"},"exposure",true,"reported","oRJ4AP","textfile",456348,2,1,true,"NA",{"v":3.65840827315648e-5,"d":"3.66E-05"},16.6956106118185,18.5098856593879]
["rs11203996","G","A","G","A",-0.394941,-0.0259239,0.433391,0.428969,false,false,false,"cgbiQB",0.383262,0.0297326,"outcome",true,"reported","textfile",0.0951771,{"v":3.33154e-5,"d":"3.33E-05"},"exposure",true,"reported","oRJ4AP","textfile",456348,2,1,true,"NA",{"v":3.77300142602084e-5,"d":"3.77E-05"},17.2185907452634,18.5098856593879]
["rs113300658","G","A","G","A",-0.415039,-0.0440069,0.449507,0.457457,false,false,false,"cgbiQB",0.137347,0.0296194,"outcome",true,"reported","textfile",0.0943966,{"v":1.0988e-5,"d":"1.10E-05"},"exposure",true,"reported","oRJ4AP","textfile",456348,2,1,true,"NA",{"v":4.2359474478975e-5,"d":"4.24E-05"},19.3313956083413,18.5098856593879]
["rs115218493","A","G","A","G",2.3867,0.0210675,0.00948532,0.0111364,false,false,false,"cgbiQB",0.882064,0.142009,"outcome",true,"reported","textfile",0.576704,{"v":3.49548e-5,"d":"3.50E-05"},"exposure",true,"reported","oRJ4AP","textfile",456348,2,1,true,"NA",{"v":3.75298896996004e-5,"d":"3.75E-05"},17.127257828951,18.5098856593879]
["rs116684522","A","C","A","C",1.80124,0.0124982,0.0157086,0.0150547,false,false,false,"cgbiQB",0.918969,0.122854,"outcome",true,"reported","textfile",0.436319,{"v":3.6552e-5,"d":"3.66E-05"},"exposure",true,"reported","oRJ4AP","textfile",456348,2,1,true,"NA",{"v":3.73441470788878e-5,"d":"3.73E-05"},17.0424885800623,18.5098856593879]
["rs116892119","C","T","C","T",1.14431,-0.059193,0.03513,0.0335753,false,false,false,"cgbiQB",0.463645,0.08077,"outcome",true,"reported","textfile",0.277416,{"v":3.70906e-5,"d":"3.71E-05"},"exposure",true,"reported","oRJ4AP","textfile",456348,2,1,true,"NA",{"v":3.72831013851325e-5,"d":"3.73E-05"},17.0146285428207,18.5098856593879]
["rs116924465","T","C","T","C",1.31762,-0.0408927,0.0271164,0.0281307,false,false,false,"cgbiQB",0.641789,0.0879037,"outcome",true,"reported","textfile",0.316975,{"v":3.22666e-5,"d":"3.23E-05"},"exposure",true,"reported","oRJ4AP","textfile",456348,2,1,true,"NA",{"v":3.78632370089989e-5,"d":"3.79E-05"},17.2793910097858,18.5098856593879]
["rs11732017","G","A","G","A",-0.518154,-0.0395114,0.215211,0.210023,false,false,false,"cgbiQB",0.285119,0.0369648,"outcome",true,"reported","textfile",0.116326,{"v":8.41545e-6,"d":"8.42E-06"},"exposure",true,"reported","oRJ4AP","textfile",456348,2,1,true,"NA",{"v":4.34759507061723e-5,"d":"4.35E-05"},19.8409388046363,18.5098856593879]
["rs117515677","G","A","G","A",1.84481,0.0283847,0.0177978,0.0174682,false,false,false,"cgbiQB",0.800836,0.11252,"outcome",true,"reported","textfile",0.413806,{"v":8.26658e-6,"d":"8.27E-06"},"exposure",true,"reported","oRJ4AP","textfile",456348,2,1,true,"NA",{"v":4.35506514295228e-5,"d":"4.36E-05"},19.8750311478107,18.5098856593879]
["rs117999278","T","A","T","A",2.25936,0.235541,0.0116597,0.0101664,false,true,false,"cgbiQB",0.107329,0.14627,"outcome",true,"reported","textfile",0.528604,{"v":1.91824e-5,"d":"1.92E-05"},"exposure",true,"reported","oRJ4AP","textfile",456348,2,1,true,"NA",{"v":4.00310004368753e-5,"d":"4.00E-05"},18.2687182404342,18.5098856593879]
["rs12230793","A","G","A","G",0.564135,-0.0346923,0.160104,0.162999,false,false,false,"cgbiQB",0.384371,0.0398821,"outcome",true,"reported","textfile",0.131524,{"v":1.79294e-5,"d":"1.79E-05"},"exposure",true,"reported","oRJ4AP","textfile",456348,2,1,true,"NA",{"v":4.031274891782e-5,"d":"4.03E-05"},18.3973033635228,18.5098856593879]
["rs12434934","C","T","C","T",0.647521,0.0010061,0.144882,0.145567,false,false,false,"cgbiQB",0.980996,0.0422383,"outcome",true,"reported","textfile",0.138674,{"v":3.02099e-6,"d":"3.02E-06"},"exposure",true,"reported","oRJ4AP","textfile",456348,2,1,true,"NA",{"v":4.77750037120525e-5,"d":"4.78E-05"},21.8029734811193,18.5098856593879]
["rs12440932","G","A","G","A",1.61618,0.0903815,0.021241,0.0194686,false,false,false,"cgbiQB",0.405858,0.108735,"outcome",true,"reported","textfile",0.373461,{"v":1.50771e-5,"d":"1.51E-05"},"exposure",true,"reported","oRJ4AP","textfile",456348,2,1,true,"NA",{"v":4.10369401354784e-5,"d":"4.10E-05"},18.7278120151656,18.5098856593879]
["rs12620223","A","G","A","G",0.611698,0.0246623,0.134957,0.133394,false,false,false,"cgbiQB",0.566771,0.0430546,"outcome",true,"reported","textfile",0.14049,{"v":1.33655e-5,"d":"1.34E-05"},"exposure",true,"reported","oRJ4AP","textfile",456348,2,1,true,"NA",{"v":4.1540249767288e-5,"d":"4.15E-05"},18.9575143201826,18.5098856593879]
["rs12952974","G","A","G","A",-0.427553,0.0075043,0.292442,0.290842,false,false,false,"cgbiQB",0.82236,0.0334252,"outcome",true,"reported","textfile",0.10416,{"v":4.04735e-5,"d":"4.05E-05"},"exposure",true,"reported","oRJ4AP","textfile",456348,2,1,true,"NA",{"v":3.69203481441761e-5,"d":"3.69E-05"},16.849075267927,18.5098856593879]
["rs13160735","A","G","A","G",-0.442902,0.0172304,0.321677,0.329393,false,false,false,"cgbiQB",0.585291,0.0315765,"outcome",true,"reported","textfile",0.101381,{"v":1.24983e-5,"d":"1.25E-05"},"exposure",true,"reported","oRJ4AP","textfile",456348,2,1,true,"NA",{"v":4.18203657954128e-5,"d":"4.18E-05"},19.0853548057928,18.5098856593879]
["rs134713","A","G","A","G",0.573504,-0.0603274,0.13955,0.131159,false,false,false,"cgbiQB",0.176683,0.0446526,"outcome",true,"reported","textfile",0.138474,{"v":3.44882e-5,"d":"3.45E-05"},"exposure",true,"reported","oRJ4AP","textfile",456348,2,1,true,"NA",{"v":3.75858133203266e-5,"d":"3.76E-05"},17.1527802666748,18.5098856593879]
["rs138432728","C","A","C","A",1.68551,-0.136924,0.019522,0.0179889,false,false,false,"cgbiQB",0.226914,0.113316,"outcome",true,"reported","textfile",0.388547,{"v":1.4379e-5,"d":"1.44E-05"},"exposure",true,"reported","oRJ4AP","textfile",456348,2,1,true,"NA",{"v":4.12345716088491e-5,"d":"4.12E-05"},18.8180077679007,18.5098856593879]
["rs138585571","T","C","T","C",1.10076,0.0839927,0.038463,0.0394737,false,false,false,"cgbiQB",0.261924,0.0748694,"outcome",true,"reported","textfile",0.262786,{"v":2.804e-5,"d":"2.80E-05"},"exposure",true,"reported","oRJ4AP","textfile",456348,2,1,true,"NA",{"v":3.84474889735365e-5,"d":"3.84E-05"},17.5460324040049,18.5098856593879]
["rs138832752","C","G","C","G",2.42473,0.195527,0.00980181,0.00939936,false,true,false,"cgbiQB",0.206895,0.154916,"outcome",true,"reported","textfile",0.582254,{"v":3.12193e-5,"d":"3.12E-05"},"exposure",true,"reported","oRJ4AP","textfile",456348,2,1,true,"NA",{"v":3.80004863401919e-5,"d":"3.80E-05"},17.3420289449352,18.5098856593879]
["rs138912469","G","A","G","A",3.50123,0.313598,0.00617677,0.00705829,false,false,false,"cgbiQB",0.077561,0.177674,"outcome",true,"reported","textfile",0.769667,{"v":5.38953e-6,"d":"5.39E-06"},"exposure",true,"reported","oRJ4AP","textfile",456348,2,1,true,"NA",{"v":4.53439870852525e-5,"d":"4.53E-05"},20.6934854555439,18.5098856593879]
["rs139484354","T","G","T","G",2.36526,0.0942619,0.00967161,0.0106915,false,false,false,"cgbiQB",0.515407,0.14492,"outcome",true,"reported","textfile",0.574582,{"v":3.84704e-5,"d":"3.85E-05"},"exposure",true,"reported","oRJ4AP","textfile",456348,2,1,true,"NA",{"v":3.71314119109658e-5,"d":"3.71E-05"},16.9454005065678,18.5098856593879]
["rs141152183","A","G","A","G",1.5543,0.140601,0.0214324,0.0228206,false,false,false,"cgbiQB",0.157773,0.0995333,"outcome",true,"reported","textfile",0.366576,{"v":2.23463e-5,"d":"2.23E-05"},"exposure",true,"reported","oRJ4AP","textfile",456348,2,1,true,"NA",{"v":3.93938455330552e-5,"d":"3.94E-05"},17.9779320535059,18.5098856593879]
["rs143582126","C","G","C","G",0.857788,-0.0917119,0.058795,0.0571688,false,true,false,"cgbiQB",0.148825,0.0635258,"outcome",true,"reported","textfile",0.210251,{"v":4.50685e-5,"d":"4.51E-05"},"exposure",true,"reported","oRJ4AP","textfile",456348,2,1,true,"NA",{"v":3.64730263831585e-5,"d":"3.65E-05"},16.6449267887027,18.5098856593879]
["rs145889251","T","C","T","C",1.30908,-0.144653,0.0274908,0.0237873,false,false,false,"cgbiQB",0.142628,0.098667,"outcome",true,"reported","textfile",0.321286,{"v":4.61135e-5,"d":"4.61E-05"},"exposure",true,"reported","oRJ4AP","textfile",456348,2,1,true,"NA",{"v":3.6377832742988e-5,"d":"3.64E-05"},16.6014823868812,18.5098856593879]
["rs147985159","T","C","T","C",0.935119,0.0752095,0.0571733,0.0626138,false,false,false,"cgbiQB",0.216632,0.0608721,"outcome",true,"reported","textfile",0.214662,{"v":1.32318e-5,"d":"1.32E-05"},"exposure",true,"reported","oRJ4AP","textfile",456348,2,1,true,"NA",{"v":4.15823671612387e-5,"d":"4.16E-05"},18.9767360221674,18.5098856593879]
["rs148512905","C","A","C","A",2.84362,0.0783823,0.0074238,0.00828729,false,false,false,"cgbiQB",0.635142,0.165189,"outcome",true,"reported","textfile",0.679931,{"v":2.88679e-5,"d":"2.89E-05"},"exposure",true,"reported","oRJ4AP","textfile",456348,2,1,true,"NA",{"v":3.83266303946481e-5,"d":"3.83E-05"},17.4908748403713,18.5098856593879]
["rs148943709","G","T","G","T",1.59818,-0.0675231,0.0196681,0.0193006,false,false,false,"cgbiQB",0.534566,0.108724,"outcome",true,"reported","textfile",0.385474,{"v":3.38301e-5,"d":"3.38E-05"},"exposure",true,"reported","oRJ4AP","textfile",456348,2,1,true,"NA",{"v":3.76659297560452e-5,"d":"3.77E-05"},17.1893438330696,18.5098856593879]
["rs149033535","C","T","C","T",2.27018,-0.138618,0.010751,0.00923788,false,false,false,"cgbiQB",0.364918,0.152994,"outcome",true,"reported","textfile",0.545186,{"v":3.12656e-5,"d":"3.13E-05"},"exposure",true,"reported","oRJ4AP","textfile",456348,2,1,true,"NA",{"v":3.79943084503518e-5,"d":"3.80E-05"},17.3392094753573,18.5098856593879]
["rs150911549","T","G","T","G",3.28211,-0.0768943,0.00784382,0.0077484,false,false,false,"cgbiQB",0.64125,0.165026,"outcome",true,"reported","textfile",0.693758,{"v":2.23516e-6,"d":"2.24E-06"},"exposure",true,"reported","oRJ4AP","textfile",456348,2,1,true,"NA",{"v":4.90425231091041e-5,"d":"4.90E-05"},22.3814568938642,18.5098856593879]
["rs16925961","C","T","C","T",0.932963,0.0245684,0.0551432,0.0483212,false,false,false,"cgbiQB",0.723445,0.06943,"outcome",true,"reported","textfile",0.218921,{"v":2.02922e-5,"d":"2.03E-05"},"exposure",true,"reported","oRJ4AP","textfile",456348,2,1,true,"NA",{"v":3.97961042179023e-5,"d":"3.98E-05"},18.1615157329957,18.5098856593879]
["rs16971801","G","T","G","T",0.596025,-0.0417745,0.146056,0.154318,false,false,false,"cgbiQB",0.314679,0.041548,"outcome",true,"reported","textfile",0.136364,{"v":1.23767e-5,"d":"1.24E-05"},"exposure",true,"reported","oRJ4AP","textfile",456348,2,1,true,"NA",{"v":4.18615357157986e-5,"d":"4.19E-05"},19.1041441065727,18.5098856593879]
["rs16985452","G","T","G","T",0.883685,-0.0883459,0.0586085,0.0632158,false,false,false,"cgbiQB",0.144676,0.060569,"outcome",true,"reported","textfile",0.210886,{"v":2.78531e-5,"d":"2.79E-05"},"exposure",true,"reported","oRJ4AP","textfile",456348,2,1,true,"NA",{"v":3.84757067470709e-5,"d":"3.85E-05"},17.5589104626886,18.5098856593879]
["rs181808493","G","A","G","A",1.98916,-0.122149,0.0162032,0.0180695,false,false,false,"cgbiQB",0.271839,0.111162,"outcome",true,"reported","textfile",0.438639,{"v":5.76454e-6,"d":"5.76E-06"},"exposure",true,"reported","oRJ4AP","textfile",456348,2,1,true,"NA",{"v":4.50618717503529e-5,"d":"4.51E-05"},20.564731611085,18.5098856593879]
["rs185567460","A","T","A","T",2.18834,-0.0202433,0.01168,0.0118289,false,true,false,"cgbiQB",0.883334,0.137949,"outcome",true,"reported","textfile",0.519769,{"v":2.55127e-5,"d":"2.55E-05"},"exposure",true,"reported","oRJ4AP","textfile",456348,2,1,true,"NA",{"v":3.88414853398874e-5,"d":"3.88E-05"},17.7258449670637,18.5098856593879]
["rs186536042","T","C","T","C",1.55679,0.113023,0.0201719,0.0198043,false,false,false,"cgbiQB",0.292883,0.107455,"outcome",true,"reported","textfile",0.380484,{"v":4.28414e-5,"d":"4.28E-05"},"exposure",true,"reported","oRJ4AP","textfile",456348,2,1,true,"NA",{"v":3.66838733808875e-5,"d":"3.67E-05"},16.7411530122119,18.5098856593879]
["rs2735948","A","G","A","G",0.447476,-0.0171819,0.41204,0.414339,false,false,false,"cgbiQB",0.583256,0.0313175,"outcome",true,"reported","textfile",0.0964296,{"v":3.47672e-6,"d":"3.48E-06"},"exposure",true,"reported","oRJ4AP","textfile",456348,2,1,true,"NA",{"v":4.71848001423553e-5,"d":"4.72E-05"},21.5336108648883,18.5098856593879]
["rs34707016","G","A","G","A",0.395751,-0.00466323,0.445791,0.441674,false,false,false,"cgbiQB",0.877635,0.030287,"outcome",true,"reported","textfile",0.094265,{"v":2.68944e-5,"d":"2.69E-05"},"exposure",true,"reported","oRJ4AP","textfile",456348,2,1,true,"NA",{"v":3.86215921340479e-5,"d":"3.86E-05"},17.6254898084828,18.5098856593879]
["rs35056927","A","G","A","G",0.729464,-0.0327883,0.0995479,0.103606,false,false,false,"cgbiQB",0.517875,0.0507069,"outcome",true,"reported","textfile",0.166816,{"v":1.22625e-5,"d":"1.23E-05"},"exposure",true,"reported","oRJ4AP","textfile",456348,2,1,true,"NA",{"v":4.19003809994258e-5,"d":"4.19E-05"},19.1218724813064,18.5098856593879]
["rs3779941","C","A","C","A",0.54165,0.0295856,0.163224,0.163753,false,false,false,"cgbiQB",0.471238,0.0410645,"outcome",true,"reported","textfile",0.130198,{"v":3.17954e-5,"d":"3.18E-05"},"exposure",true,"reported","oRJ4AP","textfile",456348,2,1,true,"NA",{"v":3.79241841634602e-5,"d":"3.79E-05"},17.3072061079302,18.5098856593879]
["rs40815","G","A","G","A",-0.404138,0.0219653,0.340617,0.339498,false,false,false,"cgbiQB",0.469507,0.030369,"outcome",true,"reported","textfile",0.0990062,{"v":4.46594e-5,"d":"4.47E-05"},"exposure",true,"reported","oRJ4AP","textfile",456348,2,1,true,"NA",{"v":3.65109037835769e-5,"d":"3.65E-05"},16.662213250485,18.5098856593879]
["rs4278653","G","C","G","C",0.976185,-0.0229715,0.0495992,0.050363,false,true,false,"cgbiQB",0.732653,0.067247,"outcome",true,"reported","textfile",0.231639,{"v":2.50604e-5,"d":"2.51E-05"},"exposure",true,"reported","oRJ4AP","textfile",456348,2,1,true,"NA",{"v":3.89159686120876e-5,"d":"3.89E-05"},17.7598377535403,18.5098856593879]
["rs4388169","A","C","A","C",-0.394237,-0.0752873,0.443665,0.44749,false,false,false,"cgbiQB",0.0127661,0.0302331,"outcome",true,"reported","textfile",0.0947536,{"v":3.1733e-5,"d":"3.17E-05"},"exposure",true,"reported","oRJ4AP","textfile",456348,2,1,true,"NA",{"v":3.79324329251318e-5,"d":"3.79E-05"},17.3109706828865,18.5098856593879]
["rs45499297","C","T","C","T",0.727114,0.0205748,0.0936838,0.087196,false,false,false,"cgbiQB",0.694627,0.0524088,"outcome",true,"reported","textfile",0.167721,{"v":1.4559e-5,"d":"1.46E-05"},"exposure",true,"reported","oRJ4AP","textfile",456348,2,1,true,"NA",{"v":4.11828207718841e-5,"d":"4.12E-05"},18.7943895339419,18.5098856593879]
["rs4833046","T","C","T","C",1.73431,-0.0286805,0.0185907,0.0199637,false,false,false,"cgbiQB",0.788544,0.106936,"outcome",true,"reported","textfile",0.400895,{"v":1.51775e-5,"d":"1.52E-05"},"exposure",true,"reported","oRJ4AP","textfile",456348,2,1,true,"NA",{"v":4.10089089730334e-5,"d":"4.10E-05"},18.7150190567208,18.5098856593879]
["rs56095768","G","C","G","C",0.566752,-0.0069969,0.144701,0.145843,false,true,false,"cgbiQB",0.871688,0.0433205,"outcome",true,"reported","textfile",0.137263,{"v":3.64434e-5,"d":"3.64E-05"},"exposure",true,"reported","oRJ4AP","textfile",456348,2,1,true,"NA",{"v":3.7356551137179e-5,"d":"3.74E-05"},17.0481495453174,18.5098856593879]
["rs56101722","G","T","G","T",0.404753,0.0269569,0.486816,0.48921,false,false,false,"cgbiQB",0.356489,0.0292351,"outcome",true,"reported","textfile",0.093908,{"v":1.63176e-5,"d":"1.63E-05"},"exposure",true,"reported","oRJ4AP","textfile",456348,2,1,true,"NA",{"v":4.07062541542406e-5,"d":"4.07E-05"},18.5768924539767,18.5098856593879]
["rs56266656","G","A","G","A",1.36117,-0.00295808,0.0250551,0.0267367,false,false,false,"cgbiQB",0.97406,0.090972,"outcome",true,"reported","textfile",0.332432,{"v":4.22932e-5,"d":"4.23E-05"},"exposure",true,"reported","oRJ4AP","textfile",456348,2,1,true,"NA",{"v":3.67372789562694e-5,"d":"3.67E-05"},16.7655262223914,18.5098856593879]
["rs58776181","T","C","T","C",2.78639,-0.0635796,0.00792476,0.00772727,false,false,false,"cgbiQB",0.708217,0.169884,"outcome",true,"reported","textfile",0.650283,{"v":1.82824e-5,"d":"1.83E-05"},"exposure",true,"reported","oRJ4AP","textfile",456348,2,1,true,"NA",{"v":4.02314217252477e-5,"d":"4.02E-05"},18.3601870350574,18.5098856593879]
["rs58835621","T","C","T","C",1.05439,0.0964924,0.0559956,0.0614791,false,false,false,"cgbiQB",0.120658,0.0621723,"outcome",true,"reported","textfile",0.221044,{"v":1.84187e-6,"d":"1.84E-06"},"exposure",true,"reported","oRJ4AP","textfile",456348,2,1,true,"NA",{"v":4.98571317357099e-5,"d":"4.99E-05"},22.7532370502013,18.5098856593879]
["rs61883199","G","C","G","C",1.75364,-0.176205,0.0159204,0.0190717,false,true,false,"cgbiQB",0.100515,0.107287,"outcome",true,"reported","textfile",0.430079,{"v":4.5525e-5,"d":"4.55E-05"},"exposure",true,"reported","oRJ4AP","textfile",456348,2,1,true,"NA",{"v":3.64311128723161e-5,"d":"3.64E-05"},16.6257983311656,18.5098856593879]
["rs61943481","A","C","A","C",1.06473,-0.0567965,0.0389224,0.0376838,false,false,false,"cgbiQB",0.46529,0.077786,"outcome",true,"reported","textfile",0.262439,{"v":4.96917e-5,"d":"4.97E-05"},"exposure",true,"reported","oRJ4AP","textfile",456348,2,1,true,"NA",{"v":3.60670330626729e-5,"d":"3.61E-05"},16.4596399203957,18.5098856593879]
["rs62099349","A","G","A","G",0.712082,-0.024496,0.115627,0.119586,false,false,false,"cgbiQB",0.60676,0.0475925,"outcome",true,"reported","textfile",0.155413,{"v":4.60805e-6,"d":"4.61E-06"},"exposure",true,"reported","oRJ4AP","textfile",456348,2,1,true,"NA",{"v":4.60012039039282e-5,"d":"4.60E-05"},20.9934311198476,18.5098856593879]
["rs62201257","C","T","C","T",1.63242,0.0753127,0.0196392,0.0188899,false,false,false,"cgbiQB",0.498723,0.111327,"outcome",true,"reported","textfile",0.389715,{"v":2.80505e-5,"d":"2.81E-05"},"exposure",true,"reported","oRJ4AP","textfile",456348,2,1,true,"NA",{"v":3.84464921610621e-5,"d":"3.84E-05"},17.545577477639,18.5098856593879]
["rs62431635","G","A","G","A",2.46279,0.0991736,0.00948176,0.00683995,false,false,false,"cgbiQB",0.583093,0.180686,"outcome",true,"reported","textfile",0.587216,{"v":2.74063e-5,"d":"2.74E-05"},"exposure",true,"reported","oRJ4AP","textfile",456348,2,1,true,"NA",{"v":3.85430529242806e-5,"d":"3.85E-05"},17.58964598844,18.5098856593879]
["rs6574176","C","G","C","G",0.40954,0.0194929,0.322772,0.316139,false,true,false,"cgbiQB",0.544199,0.0321412,"outcome",true,"reported","textfile",0.100382,{"v":4.50695e-5,"d":"4.51E-05"},"exposure",true,"reported","oRJ4AP","textfile",456348,2,1,true,"NA",{"v":3.64727887838658e-5,"d":"3.65E-05"},16.6448183533062,18.5098856593879]
["rs6602237","T","C","T","C",0.434625,-0.0202855,0.295767,0.295736,false,false,false,"cgbiQB",0.525769,0.0319719,"outcome",true,"reported","textfile",0.103232,{"v":2.55183e-5,"d":"2.55E-05"},"exposure",true,"reported","oRJ4AP","textfile",456348,2,1,true,"NA",{"v":3.88407586825048e-5,"d":"3.88E-05"},17.7255133341123,18.5098856593879]
["rs66659964","A","G","A","G",1.96941,-0.0679951,0.0195958,0.0201906,false,false,false,"cgbiQB",0.517766,0.105127,"outcome",true,"reported","textfile",0.397498,{"v":7.2515e-7,"d":"7.25E-07"},"exposure",true,"reported","oRJ4AP","textfile",456348,2,1,true,"NA",{"v":5.37876871291889e-5,"d":"5.38E-05"},24.5471162032631,18.5098856593879]
["rs6777144","C","T","C","T",-0.444966,0.0132416,0.488688,0.493391,false,false,false,"cgbiQB",0.659649,0.0300673,"outcome",true,"reported","textfile",0.0938798,{"v":2.13985e-6,"d":"2.14E-06"},"exposure",true,"reported","oRJ4AP","textfile",456348,2,1,true,"NA",{"v":4.92256901150243e-5,"d":"4.92E-05"},22.4650526389505,18.5098856593879]
["rs7047489","T","C","T","C",0.400074,0.0397793,0.374328,0.374602,false,false,false,"cgbiQB",0.196273,0.0307832,"outcome",true,"reported","textfile",0.0967944,{"v":3.57688e-5,"d":"3.58E-05"},"exposure",true,"reported","oRJ4AP","textfile",456348,2,1,true,"NA",{"v":3.74341333661824e-5,"d":"3.74E-05"},17.0835565332575,18.5098856593879]
["rs729451","G","A","G","A",0.446131,0.0345041,0.28244,0.283348,false,false,false,"cgbiQB",0.29132,0.0326982,"outcome",true,"reported","textfile",0.104826,{"v":2.08194e-5,"d":"2.08E-05"},"exposure",true,"reported","oRJ4AP","textfile",456348,2,1,true,"NA",{"v":3.96892951929051e-5,"d":"3.97E-05"},18.1127699871763,18.5098856593879]
["rs73127875","A","C","A","C",-0.646309,-0.0603778,0.103492,0.106752,false,false,false,"cgbiQB",0.204654,0.0476015,"outcome",true,"reported","textfile",0.158324,{"v":4.46116e-5,"d":"4.46E-05"},"exposure",true,"reported","oRJ4AP","textfile",456348,2,1,true,"NA",{"v":3.65153014053836e-5,"d":"3.65E-05"},16.6642202341657,18.5098856593879]
["rs74815106","G","A","G","A",0.544809,0.0450446,0.155887,0.153043,false,false,false,"cgbiQB",0.275601,0.0413157,"outcome",true,"reported","textfile",0.131731,{"v":3.53759e-5,"d":"3.54E-05"},"exposure",true,"reported","oRJ4AP","textfile",456348,2,1,true,"NA",{"v":3.74800481452721e-5,"d":"3.75E-05"},17.1045111288029,18.5098856593879]
["rs74962116","G","A","G","A",1.38624,-0.0883066,0.0248537,0.0249773,false,false,false,"cgbiQB",0.349269,0.0943438,"outcome",true,"reported","textfile",0.335114,{"v":3.52433e-5,"d":"3.52E-05"},"exposure",true,"reported","oRJ4AP","textfile",456348,2,1,true,"NA",{"v":3.74955107093627e-5,"d":"3.75E-05"},17.1115679371537,18.5098856593879]
["rs7531005","C","G","C","G",0.677421,-0.0658384,0.139555,0.141479,false,true,false,"cgbiQB",0.129529,0.0434301,"outcome",true,"reported","textfile",0.140854,{"v":1.51408e-6,"d":"1.51E-06"},"exposure",true,"reported","oRJ4AP","textfile",456348,2,1,true,"NA",{"v":5.06828208664431e-5,"d":"5.07E-05"},23.130074868559,18.5098856593879]
["rs75392725","T","C","T","C",1.37965,0.0556237,0.0333394,0.0334112,false,false,false,"cgbiQB",0.503934,0.08323,"outcome",true,"reported","textfile",0.296538,{"v":3.27883e-6,"d":"3.28E-06"},"exposure",true,"reported","oRJ4AP","textfile",456348,2,1,true,"NA",{"v":4.74307936140858e-5,"d":"4.74E-05"},21.6458796238626,18.5098856593879]
["rs77891840","T","G","T","G",2.37945,-0.0485586,0.011004,0.0116705,false,false,false,"cgbiQB",0.72734,0.13927,"outcome",true,"reported","textfile",0.542215,{"v":1.14193e-5,"d":"1.14E-05"},"exposure",true,"reported","oRJ4AP","textfile",456348,2,1,true,"NA",{"v":4.21983657892392e-5,"d":"4.22E-05"},19.2578680850179,18.5098856593879]
["rs7849205","A","G","A","G",0.900301,-0.0233492,0.0607894,0.0682749,false,false,false,"cgbiQB",0.688374,0.0582183,"outcome",true,"reported","textfile",0.208433,{"v":1.56466e-5,"d":"1.56E-05"},"exposure",true,"reported","oRJ4AP","textfile",456348,2,1,true,"NA",{"v":4.08816673083605e-5,"d":"4.09E-05"},18.6569480766453,18.5098856593879]
["rs7853608","G","A","G","A",0.41528,-0.0360141,0.436973,0.417501,false,false,false,"cgbiQB",0.240656,0.0306935,"outcome",true,"reported","textfile",0.0967871,{"v":1.78145e-5,"d":"1.78E-05"},"exposure",true,"reported","oRJ4AP","textfile",456348,2,1,true,"NA",{"v":4.0339768879926e-5,"d":"4.03E-05"},18.4096348096921,18.5098856593879]
["rs79042862","A","G","A","G",1.21226,-0.0848375,0.0388015,0.035372,false,false,false,"cgbiQB",0.290296,0.0802266,"outcome",true,"reported","textfile",0.266818,{"v":5.53505e-6,"d":"5.54E-06"},"exposure",true,"reported","oRJ4AP","textfile",456348,2,1,true,"NA",{"v":4.52319702721907e-5,"d":"4.52E-05"},20.6423624005556,18.5098856593879]
["rs7951027","A","G","A","G",0.456531,0.00169106,0.292151,0.308134,false,false,false,"cgbiQB",0.95887,0.0327903,"outcome",true,"reported","textfile",0.10401,{"v":1.1372e-5,"d":"1.14E-05"},"exposure",true,"reported","oRJ4AP","textfile",456348,2,1,true,"NA",{"v":4.2215881984213e-5,"d":"4.22E-05"},19.2658622053328,18.5098856593879]
["rs79854354","C","T","C","T",2.17715,0.170342,0.0129479,0.011343,false,false,false,"cgbiQB",0.20749,0.135139,"outcome",true,"reported","textfile",0.492474,{"v":9.83125e-6,"d":"9.83E-06"},"exposure",true,"reported","oRJ4AP","textfile",456348,2,1,true,"NA",{"v":4.28247995821227e-5,"d":"4.28E-05"},19.5437629478347,18.5098856593879]
["rs80162725","G","A","G","A",2.33323,-0.0412562,0.0156089,0.015582,false,false,false,"cgbiQB",0.733339,0.121097,"outcome",true,"reported","textfile",0.459267,{"v":3.76754e-7,"d":"3.77E-07"},"exposure",true,"reported","oRJ4AP","textfile",456348,2,1,true,"NA",{"v":5.65540756584711e-5,"d":"5.66E-05"},25.8096858533671,18.5098856593879]
["rs8045541","A","C","A","C",0.7594,0.0193955,0.0725729,0.0710073,false,false,false,"cgbiQB",0.734865,0.0572709,"outcome",true,"reported","textfile",0.186868,{"v":4.82743e-5,"d":"4.83E-05"},"exposure",true,"reported","oRJ4AP","textfile",456348,2,1,true,"NA",{"v":3.61875718021051e-5,"d":"3.62E-05"},16.514651266732,18.5098856593879]
["rs9258656","C","G","C","G",0.536433,-0.0587617,0.166158,0.163109,false,true,false,"cgbiQB",0.143014,0.0401197,"outcome",true,"reported","textfile",0.129207,{"v":3.29963e-5,"d":"3.30E-05"},"exposure",true,"reported","oRJ4AP","textfile",456348,2,1,true,"NA",{"v":3.77699432653523e-5,"d":"3.78E-05"},17.2368135628408,18.5098856593879]
["rs9607627","G","C","G","C",0.437355,0.0422865,0.282987,0.295227,false,true,false,"cgbiQB",0.195179,0.0326434,"outcome",true,"reported","textfile",0.104809,{"v":3.00762e-5,"d":"3.01E-05"},"exposure",true,"reported","oRJ4AP","textfile",456348,2,1,true,"NA",{"v":3.81556023965366e-5,"d":"3.82E-05"},17.4128209279218,18.5098856593879]
["rs9938123","T","C","T","C",2.80326,-0.0920168,0.00782553,0.010069,false,false,false,"cgbiQB",0.538729,0.149685,"outcome",true,"reported","textfile",0.651852,{"v":1.70442e-5,"d":"1.70E-05"},"exposure",true,"reported","oRJ4AP","textfile",456348,2,1,true,"NA",{"v":4.05242516962223e-5,"d":"4.05E-05"},18.4938296131703,18.5098856593879]
["rs999488","A","G","A","G",0.420115,-0.0153816,0.318075,0.320618,false,false,false,"cgbiQB",0.624452,0.0314198,"outcome",true,"reported","textfile",0.100636,{"v":2.98489e-5,"d":"2.98E-05"},"exposure",true,"reported","oRJ4AP","textfile",456348,2,1,true,"NA",{"v":3.81871200906747e-5,"d":"3.82E-05"},17.4272049996692,18.5098856593879]
["Helicobacter pylori VacA antibody levels"]
["SNP","effect_allele.exposure","other_allele.exposure","effect_allele.outcome","other_allele.outcome","beta.exposure","beta.outcome","eaf.exposure","eaf.outcome","remove","palindromic","ambiguous","id.outcome","pval.outcome","se.outcome","outcome","mr_keep.outcome","pval_origin.outcome","data_source.outcome","se.exposure","pval.exposure","exposure","mr_keep.exposure","pval_origin.exposure","id.exposure","data_source.exposure","samplesize.exposure","action","SNP_index","mr_keep","samplesize.outcome","R2","f","meanf"]
["rs10739331","T","A","T","A",1.44908,0.0928187,0.0233273,0.0247230000000001,false,true,false,"DgFfkt",0.42462,0.116251,"outcome",true,"reported","textfile",0.347833,{"v":3.09959e-5,"d":"3.10E-05"},"exposure",true,"reported","oRJ4AP","textfile",456348,2,1,true,"NA",{"v":3.80303648275098e-5,"d":"3.80E-05"},17.3556649098431,18.5370652945758]
["rs10950789","G","A","G","A",-0.403782,-0.0269038,0.337553,0.347231,false,false,false,"DgFfkt",0.464504,0.0367814,"outcome",true,"reported","textfile",0.09882,{"v":4.38816e-5,"d":"4.39E-05"},"exposure",true,"reported","oRJ4AP","textfile",456348,2,1,true,"NA",{"v":3.65840827315648e-5,"d":"3.66E-05"},16.6956106118185,18.5370652945758]
["rs11203996","G","A","G","A",-0.394941,-0.0104997,0.433391,0.434307,false,false,false,"DgFfkt",0.766389,0.0353404,"outcome",true,"reported","textfile",0.0951771,{"v":3.33154e-5,"d":"3.33E-05"},"exposure",true,"reported","oRJ4AP","textfile",456348,2,1,true,"NA",{"v":3.77300142602084e-5,"d":"3.77E-05"},17.2185907452634,18.5370652945758]
["rs112946855","T","C","T","C",3.22308,-0.373427,0.00712285,0.00616483,false,false,false,"DgFfkt",0.101367,0.227941,"outcome",true,"reported","textfile",0.70868,{"v":5.41565e-6,"d":"5.42E-06"},"exposure",true,"reported","oRJ4AP","textfile",456348,2,1,true,"NA",{"v":4.53237652702887e-5,"d":"4.53E-05"},20.6842564744204,18.5370652945758]
["rs113300658","G","A","G","A",-0.415039,0.0256768,0.449507,0.455709,false,false,false,"DgFfkt",0.482315,0.0365462,"outcome",true,"reported","textfile",0.0943966,{"v":1.0988e-5,"d":"1.10E-05"},"exposure",true,"reported","oRJ4AP","textfile",456348,2,1,true,"NA",{"v":4.2359474478975e-5,"d":"4.24E-05"},19.3313956083413,18.5370652945758]
["rs115218493","A","G","A","G",2.3867,-0.0769935,0.00948532,0.0133117,false,false,false,"DgFfkt",0.622581,0.156429,"outcome",true,"reported","textfile",0.576704,{"v":3.49548e-5,"d":"3.50E-05"},"exposure",true,"reported","oRJ4AP","textfile",456348,2,1,true,"NA",{"v":3.75298896996004e-5,"d":"3.75E-05"},17.127257828951,18.5370652945758]
["rs116684522","A","C","A","C",1.80124,0.00450615,0.0157086,0.0159505,false,false,false,"DgFfkt",0.974948,0.143491,"outcome",true,"reported","textfile",0.436319,{"v":3.6552e-5,"d":"3.66E-05"},"exposure",true,"reported","oRJ4AP","textfile",456348,2,1,true,"NA",{"v":3.73441470788878e-5,"d":"3.73E-05"},17.0424885800623,18.5370652945758]
["rs116892119","C","T","C","T",1.14431,-0.0475083,0.03513,0.03634,false,false,false,"DgFfkt",0.614334,0.0942818,"outcome",true,"reported","textfile",0.277416,{"v":3.70906e-5,"d":"3.71E-05"},"exposure",true,"reported","oRJ4AP","textfile",456348,2,1,true,"NA",{"v":3.72831013851325e-5,"d":"3.73E-05"},17.0146285428207,18.5370652945758]
["rs116924465","T","C","T","C",1.31762,0.131706,0.0271164,0.0266061,false,false,false,"DgFfkt",0.234119,0.110695,"outcome",true,"reported","textfile",0.316975,{"v":3.22666e-5,"d":"3.23E-05"},"exposure",true,"reported","oRJ4AP","textfile",456348,2,1,true,"NA",{"v":3.78632370089989e-5,"d":"3.79E-05"},17.2793910097858,18.5370652945758]
["rs11732017","G","A","G","A",-0.518154,0.0164572,0.215211,0.213728,false,false,false,"DgFfkt",0.709017,0.0441003,"outcome",true,"reported","textfile",0.116326,{"v":8.41545e-6,"d":"8.42E-06"},"exposure",true,"reported","oRJ4AP","textfile",456348,2,1,true,"NA",{"v":4.34759507061723e-5,"d":"4.35E-05"},19.8409388046363,18.5370652945758]
["rs117515677","G","A","G","A",1.84481,0.0856831,0.0177978,0.0175211,false,false,false,"DgFfkt",0.52359,0.134337,"outcome",true,"reported","textfile",0.413806,{"v":8.26658e-6,"d":"8.27E-06"},"exposure",true,"reported","oRJ4AP","textfile",456348,2,1,true,"NA",{"v":4.35506514295228e-5,"d":"4.36E-05"},19.8750311478107,18.5370652945758]
["rs117999278","T","A","T","A",2.25936,0.021054,0.0116597,0.0128628,false,true,false,"DgFfkt",0.892825,0.156267,"outcome",true,"reported","textfile",0.528604,{"v":1.91824e-5,"d":"1.92E-05"},"exposure",true,"reported","oRJ4AP","textfile",456348,2,1,true,"NA",{"v":4.00310004368753e-5,"d":"4.00E-05"},18.2687182404342,18.5370652945758]
["rs12230793","A","G","A","G",0.564135,0.0745562,0.160104,0.15703,false,false,false,"DgFfkt",0.121855,0.0481929,"outcome",true,"reported","textfile",0.131524,{"v":1.79294e-5,"d":"1.79E-05"},"exposure",true,"reported","oRJ4AP","textfile",456348,2,1,true,"NA",{"v":4.031274891782e-5,"d":"4.03E-05"},18.3973033635228,18.5370652945758]
["rs12434934","C","T","C","T",0.647521,-0.0361266,0.144882,0.143277,false,false,false,"DgFfkt",0.477658,0.0508773,"outcome",true,"reported","textfile",0.138674,{"v":3.02099e-6,"d":"3.02E-06"},"exposure",true,"reported","oRJ4AP","textfile",456348,2,1,true,"NA",{"v":4.77750037120525e-5,"d":"4.78E-05"},21.8029734811193,18.5370652945758]
["rs12440932","G","A","G","A",1.61618,0.0124797,0.021241,0.0242623,false,false,false,"DgFfkt",0.915615,0.117779,"outcome",true,"reported","textfile",0.373461,{"v":1.50771e-5,"d":"1.51E-05"},"exposure",true,"reported","oRJ4AP","textfile",456348,2,1,true,"NA",{"v":4.10369401354784e-5,"d":"4.10E-05"},18.7278120151656,18.5370652945758]
["rs12620223","A","G","A","G",0.611698,-0.0707161,0.134957,0.137249,false,false,false,"DgFfkt",0.16679,0.0511475,"outcome",true,"reported","textfile",0.14049,{"v":1.33655e-5,"d":"1.34E-05"},"exposure",true,"reported","oRJ4AP","textfile",456348,2,1,true,"NA",{"v":4.1540249767288e-5,"d":"4.15E-05"},18.9575143201826,18.5370652945758]
["rs12952974","G","A","G","A",-0.427553,0.00640447,0.292442,0.297705,false,false,false,"DgFfkt",0.869839,0.0390844,"outcome",true,"reported","textfile",0.10416,{"v":4.04735e-5,"d":"4.05E-05"},"exposure",true,"reported","oRJ4AP","textfile",456348,2,1,true,"NA",{"v":3.69203481441761e-5,"d":"3.69E-05"},16.849075267927,18.5370652945758]
["rs13160735","A","G","A","G",-0.442902,0.0495806,0.321677,0.340924,false,false,false,"DgFfkt",0.181459,0.0371035,"outcome",true,"reported","textfile",0.101381,{"v":1.24983e-5,"d":"1.25E-05"},"exposure",true,"reported","oRJ4AP","textfile",456348,2,1,true,"NA",{"v":4.18203657954128e-5,"d":"4.18E-05"},19.0853548057928,18.5370652945758]
["rs134713","A","G","A","G",0.573504,-0.0566103,0.13955,0.129243,false,false,false,"DgFfkt",0.29671,0.0542495,"outcome",true,"reported","textfile",0.138474,{"v":3.44882e-5,"d":"3.45E-05"},"exposure",true,"reported","oRJ4AP","textfile",456348,2,1,true,"NA",{"v":3.75858133203266e-5,"d":"3.76E-05"},17.1527802666748,18.5370652945758]
["rs138432728","C","A","C","A",1.68551,-0.013359,0.019522,0.0168206,false,false,false,"DgFfkt",0.922884,0.138003,"outcome",true,"reported","textfile",0.388547,{"v":1.4379e-5,"d":"1.44E-05"},"exposure",true,"reported","oRJ4AP","textfile",456348,2,1,true,"NA",{"v":4.12345716088491e-5,"d":"4.12E-05"},18.8180077679007,18.5370652945758]
["rs138585571","T","C","T","C",1.10076,-0.229721,0.038463,0.0392602,false,false,false,"DgFfkt",0.0108867,0.0902169,"outcome",true,"reported","textfile",0.262786,{"v":2.804e-5,"d":"2.80E-05"},"exposure",true,"reported","oRJ4AP","textfile",456348,2,1,true,"NA",{"v":3.84474889735365e-5,"d":"3.84E-05"},17.5460324040049,18.5370652945758]
["rs138832752","C","G","C","G",2.42473,0.149617,0.00980181,0.0091683,false,true,false,"DgFfkt",0.427274,0.188466,"outcome",true,"reported","textfile",0.582254,{"v":3.12193e-5,"d":"3.12E-05"},"exposure",true,"reported","oRJ4AP","textfile",456348,2,1,true,"NA",{"v":3.80004863401919e-5,"d":"3.80E-05"},17.3420289449352,18.5370652945758]
["rs138912469","G","A","G","A",3.50123,-0.0938816,0.00617677,0.00553385,false,false,false,"DgFfkt",0.696894,0.24102,"outcome",true,"reported","textfile",0.769667,{"v":5.38953e-6,"d":"5.39E-06"},"exposure",true,"reported","oRJ4AP","textfile",456348,2,1,true,"NA",{"v":4.53439870852525e-5,"d":"4.53E-05"},20.6934854555439,18.5370652945758]
["rs139484354","T","G","T","G",2.36526,0.251076,0.00967161,0.00877193,false,false,false,"DgFfkt",0.19047,0.19178,"outcome",true,"reported","textfile",0.574582,{"v":3.84704e-5,"d":"3.85E-05"},"exposure",true,"reported","oRJ4AP","textfile",456348,2,1,true,"NA",{"v":3.71314119109658e-5,"d":"3.71E-05"},16.9454005065678,18.5370652945758]
["rs141152183","A","G","A","G",1.5543,0.0213431,0.0214324,0.0228162,false,false,false,"DgFfkt",0.859888,0.120913,"outcome",true,"reported","textfile",0.366576,{"v":2.23463e-5,"d":"2.23E-05"},"exposure",true,"reported","oRJ4AP","textfile",456348,2,1,true,"NA",{"v":3.93938455330552e-5,"d":"3.94E-05"},17.9779320535059,18.5370652945758]
["rs143582126","C","G","C","G",0.857788,-0.0202564,0.058795,0.0613238,false,true,false,"DgFfkt",0.779933,0.072498,"outcome",true,"reported","textfile",0.210251,{"v":4.50685e-5,"d":"4.51E-05"},"exposure",true,"reported","oRJ4AP","textfile",456348,2,1,true,"NA",{"v":3.64730263831585e-5,"d":"3.65E-05"},16.6449267887027,18.5370652945758]
["rs145889251","T","C","T","C",1.30908,-0.0200411,0.0274908,0.0237141,false,false,false,"DgFfkt",0.863727,0.116768,"outcome",true,"reported","textfile",0.321286,{"v":4.61135e-5,"d":"4.61E-05"},"exposure",true,"reported","oRJ4AP","textfile",456348,2,1,true,"NA",{"v":3.6377832742988e-5,"d":"3.64E-05"},16.6014823868812,18.5370652945758]
["rs147985159","T","C","T","C",0.935119,-0.103018,0.0571733,0.0608724,false,false,false,"DgFfkt",0.166155,0.0743992,"outcome",true,"reported","textfile",0.214662,{"v":1.32318e-5,"d":"1.32E-05"},"exposure",true,"reported","oRJ4AP","textfile",456348,2,1,true,"NA",{"v":4.15823671612387e-5,"d":"4.16E-05"},18.9767360221674,18.5370652945758]
["rs148512905","C","A","C","A",2.84362,0.176032,0.0074238,0.00693527,false,false,false,"DgFfkt",0.417519,0.217127,"outcome",true,"reported","textfile",0.679931,{"v":2.88679e-5,"d":"2.89E-05"},"exposure",true,"reported","oRJ4AP","textfile",456348,2,1,true,"NA",{"v":3.83266303946481e-5,"d":"3.83E-05"},17.4908748403713,18.5370652945758]
["rs148943709","G","T","G","T",1.59818,-0.0714199,0.0196681,0.0178571,false,false,false,"DgFfkt",0.598657,0.135694,"outcome",true,"reported","textfile",0.385474,{"v":3.38301e-5,"d":"3.38E-05"},"exposure",true,"reported","oRJ4AP","textfile",456348,2,1,true,"NA",{"v":3.76659297560452e-5,"d":"3.77E-05"},17.1893438330696,18.5370652945758]
["rs149033535","C","T","C","T",2.27018,-0.366128,0.010751,0.0118265,false,false,false,"DgFfkt",0.023714,0.161879,"outcome",true,"reported","textfile",0.545186,{"v":3.12656e-5,"d":"3.13E-05"},"exposure",true,"reported","oRJ4AP","textfile",456348,2,1,true,"NA",{"v":3.79943084503518e-5,"d":"3.80E-05"},17.3392094753573,18.5370652945758]
["rs150911549","T","G","T","G",3.28211,-0.205176,0.00784382,0.00815395,false,false,false,"DgFfkt",0.30306,0.19922,"outcome",true,"reported","textfile",0.693758,{"v":2.23516e-6,"d":"2.24E-06"},"exposure",true,"reported","oRJ4AP","textfile",456348,2,1,true,"NA",{"v":4.90425231091041e-5,"d":"4.90E-05"},22.3814568938642,18.5370652945758]
["rs16925961","C","T","C","T",0.932963,0.13059,0.0551432,0.0467229,false,false,false,"DgFfkt",0.122286,0.0845104,"outcome",true,"reported","textfile",0.218921,{"v":2.02922e-5,"d":"2.03E-05"},"exposure",true,"reported","oRJ4AP","textfile",456348,2,1,true,"NA",{"v":3.97961042179023e-5,"d":"3.98E-05"},18.1615157329957,18.5370652945758]
["rs16971801","G","T","G","T",0.596025,-0.0447915,0.146056,0.145644,false,false,false,"DgFfkt",0.379687,0.0509879,"outcome",true,"reported","textfile",0.136364,{"v":1.23767e-5,"d":"1.24E-05"},"exposure",true,"reported","oRJ4AP","textfile",456348,2,1,true,"NA",{"v":4.18615357157986e-5,"d":"4.19E-05"},19.1041441065727,18.5370652945758]
["rs16985452","G","T","G","T",0.883685,-0.0430285,0.0586085,0.0531984,false,false,false,"DgFfkt",0.584565,0.0787016,"outcome",true,"reported","textfile",0.210886,{"v":2.78531e-5,"d":"2.79E-05"},"exposure",true,"reported","oRJ4AP","textfile",456348,2,1,true,"NA",{"v":3.84757067470709e-5,"d":"3.85E-05"},17.5589104626886,18.5370652945758]
["rs181808493","G","A","G","A",1.98916,-0.0411136,0.0162032,0.0169935,false,false,false,"DgFfkt",0.768105,0.139437,"outcome",true,"reported","textfile",0.438639,{"v":5.76454e-6,"d":"5.76E-06"},"exposure",true,"reported","oRJ4AP","textfile",456348,2,1,true,"NA",{"v":4.50618717503529e-5,"d":"4.51E-05"},20.564731611085,18.5370652945758]
["rs185567460","A","T","A","T",2.18834,-0.183848,0.01168,0.0123698,false,true,false,"DgFfkt",0.257238,0.162274,"outcome",true,"reported","textfile",0.519769,{"v":2.55127e-5,"d":"2.55E-05"},"exposure",true,"reported","oRJ4AP","textfile",456348,2,1,true,"NA",{"v":3.88414853398874e-5,"d":"3.88E-05"},17.7258449670637,18.5370652945758]
["rs186536042","T","C","T","C",1.55679,0.124745,0.0201719,0.0210702,false,false,false,"DgFfkt",0.318778,0.125124,"outcome",true,"reported","textfile",0.380484,{"v":4.28414e-5,"d":"4.28E-05"},"exposure",true,"reported","oRJ4AP","textfile",456348,2,1,true,"NA",{"v":3.66838733808875e-5,"d":"3.67E-05"},16.7411530122119,18.5370652945758]
["rs2735948","A","G","A","G",0.447476,-0.0224928,0.41204,0.412608,false,false,false,"DgFfkt",0.541855,0.0368728,"outcome",true,"reported","textfile",0.0964296,{"v":3.47672e-6,"d":"3.48E-06"},"exposure",true,"reported","oRJ4AP","textfile",456348,2,1,true,"NA",{"v":4.71848001423553e-5,"d":"4.72E-05"},21.5336108648883,18.5370652945758]
["rs34707016","G","A","G","A",0.395751,-0.0141287,0.445791,0.451792,false,false,false,"DgFfkt",0.696613,0.0362371,"outcome",true,"reported","textfile",0.094265,{"v":2.68944e-5,"d":"2.69E-05"},"exposure",true,"reported","oRJ4AP","textfile",456348,2,1,true,"NA",{"v":3.86215921340479e-5,"d":"3.86E-05"},17.6254898084828,18.5370652945758]
["rs35056927","A","G","A","G",0.729464,0.0869816,0.0995479,0.100413,false,false,false,"DgFfkt",0.14833,0.0601759,"outcome",true,"reported","textfile",0.166816,{"v":1.22625e-5,"d":"1.23E-05"},"exposure",true,"reported","oRJ4AP","textfile",456348,2,1,true,"NA",{"v":4.19003809994258e-5,"d":"4.19E-05"},19.1218724813064,18.5370652945758]
["rs3779941","C","A","C","A",0.54165,0.0636404,0.163224,0.165574,false,false,false,"DgFfkt",0.189991,0.048558,"outcome",true,"reported","textfile",0.130198,{"v":3.17954e-5,"d":"3.18E-05"},"exposure",true,"reported","oRJ4AP","textfile",456348,2,1,true,"NA",{"v":3.79241841634602e-5,"d":"3.79E-05"},17.3072061079302,18.5370652945758]
["rs40815","G","A","G","A",-0.404138,-0.00592732,0.340617,0.331596,false,false,false,"DgFfkt",0.87402,0.0373836,"outcome",true,"reported","textfile",0.0990062,{"v":4.46594e-5,"d":"4.47E-05"},"exposure",true,"reported","oRJ4AP","textfile",456348,2,1,true,"NA",{"v":3.65109037835769e-5,"d":"3.65E-05"},16.662213250485,18.5370652945758]
["rs4278653","G","C","G","C",0.976185,-0.0127909,0.0495992,0.0541856,false,true,false,"DgFfkt",0.872028,0.0794055,"outcome",true,"reported","textfile",0.231639,{"v":2.50604e-5,"d":"2.51E-05"},"exposure",true,"reported","oRJ4AP","textfile",456348,2,1,true,"NA",{"v":3.89159686120876e-5,"d":"3.89E-05"},17.7598377535403,18.5370652945758]
["rs4388169","A","C","A","C",-0.394237,-0.0154171,0.443665,0.434323,false,false,false,"DgFfkt",0.661663,0.0352295,"outcome",true,"reported","textfile",0.0947536,{"v":3.1733e-5,"d":"3.17E-05"},"exposure",true,"reported","oRJ4AP","textfile",456348,2,1,true,"NA",{"v":3.79324329251318e-5,"d":"3.79E-05"},17.3109706828865,18.5370652945758]
["rs45499297","C","T","C","T",0.727114,0.0486013,0.0936838,0.0971766,false,false,false,"DgFfkt",0.429068,0.0614594,"outcome",true,"reported","textfile",0.167721,{"v":1.4559e-5,"d":"1.46E-05"},"exposure",true,"reported","oRJ4AP","textfile",456348,2,1,true,"NA",{"v":4.11828207718841e-5,"d":"4.12E-05"},18.7943895339419,18.5370652945758]
["rs4833046","T","C","T","C",1.73431,-0.100842,0.0185907,0.0204545,false,false,false,"DgFfkt",0.427592,0.127114,"outcome",true,"reported","textfile",0.400895,{"v":1.51775e-5,"d":"1.52E-05"},"exposure",true,"reported","oRJ4AP","textfile",456348,2,1,true,"NA",{"v":4.10089089730334e-5,"d":"4.10E-05"},18.7150190567208,18.5370652945758]
["rs56095768","G","C","G","C",0.566752,-0.094827,0.144701,0.145903,false,true,false,"DgFfkt",0.0653055,0.051448,"outcome",true,"reported","textfile",0.137263,{"v":3.64434e-5,"d":"3.64E-05"},"exposure",true,"reported","oRJ4AP","textfile",456348,2,1,true,"NA",{"v":3.7356551137179e-5,"d":"3.74E-05"},17.0481495453174,18.5370652945758]
["rs56101722","G","T","G","T",0.404753,0.0153286,0.486816,0.48622,false,false,false,"DgFfkt",0.666314,0.0355477,"outcome",true,"reported","textfile",0.093908,{"v":1.63176e-5,"d":"1.63E-05"},"exposure",true,"reported","oRJ4AP","textfile",456348,2,1,true,"NA",{"v":4.07062541542406e-5,"d":"4.07E-05"},18.5768924539767,18.5370652945758]
["rs56266656","G","A","G","A",1.36117,0.00488581,0.0250551,0.0244938,false,false,false,"DgFfkt",0.965776,0.11387,"outcome",true,"reported","textfile",0.332432,{"v":4.22932e-5,"d":"4.23E-05"},"exposure",true,"reported","oRJ4AP","textfile",456348,2,1,true,"NA",{"v":3.67372789562694e-5,"d":"3.67E-05"},16.7655262223914,18.5370652945758]
["rs58776181","T","C","T","C",2.78639,-0.525862,0.00792476,0.00812216,false,false,false,"DgFfkt",0.00817481,0.198831,"outcome",true,"reported","textfile",0.650283,{"v":1.82824e-5,"d":"1.83E-05"},"exposure",true,"reported","oRJ4AP","textfile",456348,2,1,true,"NA",{"v":4.02314217252477e-5,"d":"4.02E-05"},18.3601870350574,18.5370652945758]
["rs58835621","T","C","T","C",1.05439,0.127523,0.0559956,0.0564568,false,false,false,"DgFfkt",0.0998503,0.0774945,"outcome",true,"reported","textfile",0.221044,{"v":1.84187e-6,"d":"1.84E-06"},"exposure",true,"reported","oRJ4AP","textfile",456348,2,1,true,"NA",{"v":4.98571317357099e-5,"d":"4.99E-05"},22.7532370502013,18.5370652945758]
["rs61883199","G","C","G","C",1.75364,-0.0297026,0.0159204,0.0204351,false,true,false,"DgFfkt",0.813717,0.126054,"outcome",true,"reported","textfile",0.430079,{"v":4.5525e-5,"d":"4.55E-05"},"exposure",true,"reported","oRJ4AP","textfile",456348,2,1,true,"NA",{"v":3.64311128723161e-5,"d":"3.64E-05"},16.6257983311656,18.5370652945758]
["rs61943481","A","C","A","C",1.06473,-0.122586,0.0389224,0.0346405,false,false,false,"DgFfkt",0.204225,0.0965546,"outcome",true,"reported","textfile",0.262439,{"v":4.96917e-5,"d":"4.97E-05"},"exposure",true,"reported","oRJ4AP","textfile",456348,2,1,true,"NA",{"v":3.60670330626729e-5,"d":"3.61E-05"},16.4596399203957,18.5370652945758]
["rs62099349","A","G","A","G",0.712082,-0.0418875,0.115627,0.107843,false,false,false,"DgFfkt",0.482715,0.0596737,"outcome",true,"reported","textfile",0.155413,{"v":4.60805e-6,"d":"4.61E-06"},"exposure",true,"reported","oRJ4AP","textfile",456348,2,1,true,"NA",{"v":4.60012039039282e-5,"d":"4.60E-05"},20.9934311198476,18.5370652945758]
["rs62201257","C","T","C","T",1.63242,-0.220955,0.0196392,0.0205111,false,false,false,"DgFfkt",0.0869694,0.129092,"outcome",true,"reported","textfile",0.389715,{"v":2.80505e-5,"d":"2.81E-05"},"exposure",true,"reported","oRJ4AP","textfile",456348,2,1,true,"NA",{"v":3.84464921610621e-5,"d":"3.84E-05"},17.545577477639,18.5370652945758]
["rs62431635","G","A","G","A",2.46279,-0.00115884,0.00948176,0.0071568,false,false,false,"DgFfkt",0.995643,0.212228,"outcome",true,"reported","textfile",0.587216,{"v":2.74063e-5,"d":"2.74E-05"},"exposure",true,"reported","oRJ4AP","textfile",456348,2,1,true,"NA",{"v":3.85430529242806e-5,"d":"3.85E-05"},17.58964598844,18.5370652945758]
["rs6574176","C","G","C","G",0.40954,0.0452362,0.322772,0.319882,false,true,false,"DgFfkt",0.243293,0.0387696,"outcome",true,"reported","textfile",0.100382,{"v":4.50695e-5,"d":"4.51E-05"},"exposure",true,"reported","oRJ4AP","textfile",456348,2,1,true,"NA",{"v":3.64727887838658e-5,"d":"3.65E-05"},16.6448183533062,18.5370652945758]
["rs6602237","T","C","T","C",0.434625,-0.0175937,0.295767,0.289784,false,false,false,"DgFfkt",0.661172,0.0401412,"outcome",true,"reported","textfile",0.103232,{"v":2.55183e-5,"d":"2.55E-05"},"exposure",true,"reported","oRJ4AP","textfile",456348,2,1,true,"NA",{"v":3.88407586825048e-5,"d":"3.88E-05"},17.7255133341123,18.5370652945758]
["rs66659964","A","G","A","G",1.96941,0.0166012,0.0195958,0.0217391,false,false,false,"DgFfkt",0.893026,0.123451,"outcome",true,"reported","textfile",0.397498,{"v":7.2515e-7,"d":"7.25E-07"},"exposure",true,"reported","oRJ4AP","textfile",456348,2,1,true,"NA",{"v":5.37876871291889e-5,"d":"5.38E-05"},24.5471162032631,18.5370652945758]
["rs6777144","C","T","C","T",-0.444966,-0.00441123,0.488688,0.487247,false,false,false,"DgFfkt",0.902066,0.0358486,"outcome",true,"reported","textfile",0.0938798,{"v":2.13985e-6,"d":"2.14E-06"},"exposure",true,"reported","oRJ4AP","textfile",456348,2,1,true,"NA",{"v":4.92256901150243e-5,"d":"4.92E-05"},22.4650526389505,18.5370652945758]
["rs7047489","T","C","T","C",0.400074,0.0226654,0.374328,0.376708,false,false,false,"DgFfkt",0.547557,0.0376861,"outcome",true,"reported","textfile",0.0967944,{"v":3.57688e-5,"d":"3.58E-05"},"exposure",true,"reported","oRJ4AP","textfile",456348,2,1,true,"NA",{"v":3.74341333661824e-5,"d":"3.74E-05"},17.0835565332575,18.5370652945758]
["rs729451","G","A","G","A",0.446131,-0.00469562,0.28244,0.273524,false,false,false,"DgFfkt",0.90767,0.0404871,"outcome",true,"reported","textfile",0.104826,{"v":2.08194e-5,"d":"2.08E-05"},"exposure",true,"reported","oRJ4AP","textfile",456348,2,1,true,"NA",{"v":3.96892951929051e-5,"d":"3.97E-05"},18.1127699871763,18.5370652945758]
["rs73127875","A","C","A","C",-0.646309,0.0497461,0.103492,0.0986283,false,false,false,"DgFfkt",0.402549,0.0594282,"outcome",true,"reported","textfile",0.158324,{"v":4.46116e-5,"d":"4.46E-05"},"exposure",true,"reported","oRJ4AP","textfile",456348,2,1,true,"NA",{"v":3.65153014053836e-5,"d":"3.65E-05"},16.6642202341657,18.5370652945758]
["rs74815106","G","A","G","A",0.544809,-0.0500768,0.155887,0.149317,false,false,false,"DgFfkt",0.313183,0.0496514,"outcome",true,"reported","textfile",0.131731,{"v":3.53759e-5,"d":"3.54E-05"},"exposure",true,"reported","oRJ4AP","textfile",456348,2,1,true,"NA",{"v":3.74800481452721e-5,"d":"3.75E-05"},17.1045111288029,18.5370652945758]
["rs74962116","G","A","G","A",1.38624,0.0387981,0.0248537,0.0230669,false,false,false,"DgFfkt",0.743048,0.118352,"outcome",true,"reported","textfile",0.335114,{"v":3.52433e-5,"d":"3.52E-05"},"exposure",true,"reported","oRJ4AP","textfile",456348,2,1,true,"NA",{"v":3.74955107093627e-5,"d":"3.75E-05"},17.1115679371537,18.5370652945758]
["rs7531005","C","G","C","G",0.677421,-0.0384272,0.139555,0.15415,false,true,false,"DgFfkt",0.442643,0.0500525,"outcome",true,"reported","textfile",0.140854,{"v":1.51408e-6,"d":"1.51E-06"},"exposure",true,"reported","oRJ4AP","textfile",456348,2,1,true,"NA",{"v":5.06828208664431e-5,"d":"5.07E-05"},23.130074868559,18.5370652945758]
["rs75392725","T","C","T","C",1.37965,0.0658934,0.0333394,0.0334881,false,false,false,"DgFfkt",0.504373,0.0986983,"outcome",true,"reported","textfile",0.296538,{"v":3.27883e-6,"d":"3.28E-06"},"exposure",true,"reported","oRJ4AP","textfile",456348,2,1,true,"NA",{"v":4.74307936140858e-5,"d":"4.74E-05"},21.6458796238626,18.5370652945758]
["rs77891840","T","G","T","G",2.37945,0.256946,0.011004,0.0131234,false,false,false,"DgFfkt",0.104376,0.158218,"outcome",true,"reported","textfile",0.542215,{"v":1.14193e-5,"d":"1.14E-05"},"exposure",true,"reported","oRJ4AP","textfile",456348,2,1,true,"NA",{"v":4.21983657892392e-5,"d":"4.22E-05"},19.2578680850179,18.5370652945758]
["rs7849205","A","G","A","G",0.900301,0.102074,0.0607894,0.0712891,false,false,false,"DgFfkt",0.128939,0.067229,"outcome",true,"reported","textfile",0.208433,{"v":1.56466e-5,"d":"1.56E-05"},"exposure",true,"reported","oRJ4AP","textfile",456348,2,1,true,"NA",{"v":4.08816673083605e-5,"d":"4.09E-05"},18.6569480766453,18.5370652945758]
["rs7853608","G","A","G","A",0.41528,0.0472532,0.436973,0.415139,false,false,false,"DgFfkt",0.187922,0.0358862,"outcome",true,"reported","textfile",0.0967871,{"v":1.78145e-5,"d":"1.78E-05"},"exposure",true,"reported","oRJ4AP","textfile",456348,2,1,true,"NA",{"v":4.0339768879926e-5,"d":"4.03E-05"},18.4096348096921,18.5370652945758]
["rs79042862","A","G","A","G",1.21226,0.00936587,0.0388015,0.0395942,false,false,false,"DgFfkt",0.916831,0.0896891,"outcome",true,"reported","textfile",0.266818,{"v":5.53505e-6,"d":"5.54E-06"},"exposure",true,"reported","oRJ4AP","textfile",456348,2,1,true,"NA",{"v":4.52319702721907e-5,"d":"4.52E-05"},20.6423624005556,18.5370652945758]
["rs7951027","A","G","A","G",0.456531,-0.00422313,0.292151,0.298039,false,false,false,"DgFfkt",0.914291,0.0392381,"outcome",true,"reported","textfile",0.10401,{"v":1.1372e-5,"d":"1.14E-05"},"exposure",true,"reported","oRJ4AP","textfile",456348,2,1,true,"NA",{"v":4.2215881984213e-5,"d":"4.22E-05"},19.2658622053328,18.5370652945758]
["rs79854354","C","T","C","T",2.17715,-0.0202814,0.0129479,0.0142764,false,false,false,"DgFfkt",0.893269,0.151163,"outcome",true,"reported","textfile",0.492474,{"v":9.83125e-6,"d":"9.83E-06"},"exposure",true,"reported","oRJ4AP","textfile",456348,2,1,true,"NA",{"v":4.28247995821227e-5,"d":"4.28E-05"},19.5437629478347,18.5370652945758]
["rs80162725","G","A","G","A",2.33323,0.149022,0.0156089,0.0127618,false,false,false,"DgFfkt",0.352456,0.160267,"outcome",true,"reported","textfile",0.459267,{"v":3.76754e-7,"d":"3.77E-07"},"exposure",true,"reported","oRJ4AP","textfile",456348,2,1,true,"NA",{"v":5.65540756584711e-5,"d":"5.66E-05"},25.8096858533671,18.5370652945758]
["rs8045541","A","C","A","C",0.7594,-0.0322178,0.0725729,0.0785204,false,false,false,"DgFfkt",0.625592,0.0660281,"outcome",true,"reported","textfile",0.186868,{"v":4.82743e-5,"d":"4.83E-05"},"exposure",true,"reported","oRJ4AP","textfile",456348,2,1,true,"NA",{"v":3.61875718021051e-5,"d":"3.62E-05"},16.514651266732,18.5370652945758]
["rs9258656","C","G","C","G",0.536433,0.0192593,0.166158,0.160278,false,true,false,"DgFfkt",0.694008,0.0489532,"outcome",true,"reported","textfile",0.129207,{"v":3.29963e-5,"d":"3.30E-05"},"exposure",true,"reported","oRJ4AP","textfile",456348,2,1,true,"NA",{"v":3.77699432653523e-5,"d":"3.78E-05"},17.2368135628408,18.5370652945758]
["rs9607627","G","C","G","C",0.437355,0.0841909,0.282987,0.28251,false,true,false,"DgFfkt",0.0336462,0.0396325,"outcome",true,"reported","textfile",0.104809,{"v":3.00762e-5,"d":"3.01E-05"},"exposure",true,"reported","oRJ4AP","textfile",456348,2,1,true,"NA",{"v":3.81556023965366e-5,"d":"3.82E-05"},17.4128209279218,18.5370652945758]
["rs9938123","T","C","T","C",2.80326,0.338942,0.00782553,0.007853,false,false,false,"DgFfkt",0.0952348,0.203153,"outcome",true,"reported","textfile",0.651852,{"v":1.70442e-5,"d":"1.70E-05"},"exposure",true,"reported","oRJ4AP","textfile",456348,2,1,true,"NA",{"v":4.05242516962223e-5,"d":"4.05E-05"},18.4938296131703,18.5370652945758]
["rs999488","A","G","A","G",0.420115,-0.0533195,0.318075,0.317975,false,false,false,"DgFfkt",0.149485,0.0369927,"outcome",true,"reported","textfile",0.100636,{"v":2.98489e-5,"d":"2.98E-05"},"exposure",true,"reported","oRJ4AP","textfile",456348,2,1,true,"NA",{"v":3.81871200906747e-5,"d":"3.82E-05"},17.4272049996692,18.5370652945758]

{"sheet":"Supplementary Table S4","index":3,"n_rows":99,"n_cols":10,"rows_kept":99,"merged":[[0,0,0,19],[1,0,1,9],[8,0,8,9],[15,0,15,9],[22,0,22,9],[29,0,29,9],[36,0,36,9],[43,0,43,9]]}
["Mendelian Randomization Analysis: Results of Different Methods for Causal Relationship Between Helicobacter pylori Infection and Pancreatic Cancer"]
["The Impact of Anti-Helicobacter pylori IgG Seropositivity on Pancreatic Cancer "]
["method","nsnp","b","se","pval","lo_ci","up_ci","or","or_lci95","or_uci95"]
["MR Egger",16,-0.418503198523983,0.342538546908714,0.24196884059925,-1.08987875046506,0.252872353417095,0.658031024860798,0.336257262271768,1.28771889342688]
["Weighted median",16,0.00157720358551185,0.196761856490399,0.993604385847889,-0.38407603513567,0.387230442306694,1.00157844802525,0.681079639227949,1.47289586968979]
["Inverse variance weighted",16,0.140286290198061,0.146851126756074,0.339428042786651,-0.147541918243843,0.428114498639966,1.15060315811484,0.862826269401357,1.53436175324423]
["Simple mode",16,-0.0712167589080024,0.321857627263122,0.827867731684591,-0.702057708343722,0.559624190527718,0.931260011345528,0.495564526659417,1.75001470459829]
["Weighted mode",16,-0.05221937786334,0.33310118681993,0.877518796062014,-0.705097704030404,0.600658948303724,0.949120627946812,0.494060300215302,1.82331987816383]
["The Impact of Helicobacter pylori CagA antibody levels on Pancreatic Cancer "]
["method","nsnp","b","se","pval","lo_ci","up_ci","or","or_lci95","or_uci95"]
["MR Egger",15,-0.178788084743104,0.264147073421168,0.51036574749734,-0.696516348648593,0.338940179162385,0.836283101768778,0.498318250594726,1.40345938658545]
["Weighted median",15,0.0596584933010695,0.150631672139051,0.692064129260206,-0.23557958409147,0.354896570693609,1.06147398416381,0.790112780098839,1.42603315303373]
["Inverse variance weighted",15,0.0467852904925673,0.117166443302132,0.689667578863027,-0.182860938379612,0.276431519364747,1.04789699147693,0.8328839698787,1.31841666361561]
["Simple mode",15,0.0800416664078589,0.256719711119668,0.759797874694949,-0.423128967386691,0.583212300202408,1.0833322052961,0.654994154780009,1.79178494718918]
["Weighted mode",15,0.0909533747546103,0.236455165205594,0.706273873980942,-0.372498749048353,0.554405498557573,1.09521793926282,0.689010513476178,1.74090570611383]
["The Impact of Helicobacter pylori Catalase antibody levels on Pancreatic Cancer "]
["method","nsnp","b","se","pval","lo_ci","up_ci","or","or_lci95","or_uci95"]
["MR Egger",17,0.130429800558996,0.310192348835804,0.68009638563269,-0.47754720315918,0.738406804277172,1.13931795760249,0.620303004643639,2.09259893761312]
["Weighted median",17,0.0856979971134648,0.19322414298903,0.657392555914798,-0.293021323145033,0.464417317371963,1.08947725334151,0.746006233328515,1.59108682008273]
["Inverse variance weighted",17,0.0631730140146067,0.140276520375312,0.65246074833719,-0.211768965921005,0.338114993950218,1.06521111974152,0.809151617571956,1.4023017503516]
["Simple mode",17,0.370190755337156,0.347220452609091,0.302178159095584,-0.310361331776662,1.05074284245098,1.44801080410933,0.733181986406399,2.85977469126625]
["Weighted mode",17,0.378098592410248,0.342277086938875,0.285644231498766,-0.292764497989946,1.04896168281044,1.45950683207884,0.746197851100165,2.85468550967304]
["The Impact of Helicobacter pylori GroEL antibody levels on Pancreatic Cancer "]
["method","nsnp","b","se","pval","lo_ci","up_ci","or","or_lci95","or_uci95"]
["MR Egger",15,-0.394198343720879,0.497112386234199,0.442024228745917,-1.36853862073991,0.580141933298151,0.674220315611485,0.2544785776647,1.78629194706595]
["Weighted median",15,-0.164652945755723,0.281735147142225,0.558934691805781,-0.716853834154484,0.387547942643038,0.8481880202655,0.488286070835701,1.47336358887039]
["Inverse variance weighted",15,0.0265089265831208,0.21811946979119,0.903268104551182,-0.401005234207613,0.454023087373854,1.02686341360239,0.66964655595966,1.57463435122731]
["Simple mode",15,-0.427042222875311,0.554746290223976,0.454213727177322,-1.5143449517143,0.660260505963682,0.652436003922278,0.219952216991282,1.93529642500008]
["Weighted mode",15,-0.4480605974199,0.514554556475626,0.398563465259557,-1.45658752811213,0.560466333272328,0.638865969229522,0.233030128219611,1.75148908751804]
["The Impact of Helicobacter pylori OMP antibody levels on Pancreatic Cancer "]
["method","nsnp","b","se","pval","lo_ci","up_ci","or","or_lci95","or_uci95"]
["MR Egger",22,0.130736843262168,0.460474053399499,0.779391734592765,-0.77179230140085,1.03326598792519,1.13966783057819,0.46218395257488,2.81022903720215]
["Weighted median",22,0.674906810991574,0.222926519463104,0.00246597523431712,0.237970832843889,1.11184278913926,1.96384995821205,1.26867218872548,3.03995523244186]
["Inverse variance weighted",22,0.594515085070123,0.161996499332164,0.000242621161482944,0.277001946379081,0.912028223761165,1.81215199231247,1.31916893863529,2.48936640870223]
["Simple mode",22,0.736032831379332,0.45782294079202,0.122837444117452,-0.161300132573028,1.63336579533169,2.08763705646518,0.851036608965624,5.12108225852204]
["Weighted mode",22,0.736032831379332,0.487249847179908,0.145795612527282,-0.218976869093288,1.69104253185195,2.08763705646518,0.803340299928255,5.42513363255379]
["The Impact of Helicobacter pylori UREA antibody levels on Pancreatic Cancer "]
["method","nsnp","b","se","pval","lo_ci","up_ci","or","or_lci95","or_uci95"]
["MR Egger",26,0.308046057931463,0.393010845866765,0.440818714062664,-0.462255199967397,1.07834731583032,1.36076366145331,0.629861578775295,2.93981694506948]
["Weighted median",26,0.202828872875088,0.207765500854006,0.328945830736817,-0.204391508798763,0.61004925454894,1.22486284305499,0.815143172982443,1.84052205063253]
["Inverse variance weighted",26,0.110131424203924,0.174978128640323,0.529086507139382,-0.23282570793111,0.453088556338957,1.11642478605642,0.792291651642133,1.57316349394541]
["Simple mode",26,0.355946377343058,0.46053664283596,0.446831012376731,-0.546705442615424,1.25859819730154,1.42753099820646,0.578853739218091,3.52048300420938]
["Weighted mode",26,0.394462272060696,0.480326659565084,0.419273892065786,-0.546977980686869,1.33590252480826,1.48358621063617,0.578696001032162,3.80342708514321]
["The Impact of Helicobacter pylori VacA antibody levels on Pancreatic Cancer "]
["method","nsnp","b","se","pval","lo_ci","up_ci","or","or_lci95","or_uci95"]
["MR Egger",22,-0.0544062694015171,0.246615718143942,0.827631409516234,-0.537773076963644,0.42896053816061,0.947047272005445,0.584047433933362,1.53566043321627]
["Weighted median",22,-0.0792498111817625,0.154554353441391,0.608116855394403,-0.382176343926889,0.223676721563364,0.92380911776981,0.682374709958838,1.25066664051209]
["Inverse variance weighted",22,-0.00864066833489465,0.118634224597131,0.941937790639731,-0.241163748545272,0.223882411875483,0.991396554951232,0.785712956500251,1.25092391698247]
["Simple mode",22,-0.149584280930106,0.290531242214841,0.612024496733411,-0.719025515671195,0.419856953810982,0.86106586352956,0.487226819595274,1.52174386038888]
["Weighted mode",22,-0.123316848432125,0.33535411066349,0.716761236031241,-0.780610905332566,0.533977208468316,0.883983529387976,0.458126054150803,1.7057027714298]
["The Impact of Pancreatic Cancer on  Anti-Helicobacter pylori IgG Seropositivity"]
["method","nsnp","b","se","pval","lo_ci","up_ci","or","or_lci95","or_uci95"]
["MR Egger",80,0.0162216430530567,0.0154285056003103,0.296318075795331,-0.0140182279235515,0.0464615140296648,1.01635392823106,0.986079569916029,1.04755776201577]
["Weighted median",80,0.00208547112355434,0.0121847773450535,0.864102822100314,-0.0217966924727506,0.0259676347198593,1.00208764723093,0.978439138873091,1.02630773119867]
["Inverse variance weighted",80,0.00461760222974264,0.00854196858536526,0.588798328806176,-0.0121246561975733,0.0213598606570585,1.00462827978349,0.987948551275862,1.02158961540794]
["Simple mode",80,0.00932030009806364,0.0319759891114586,0.771449677418438,-0.0533526385603951,0.0719932387565224,1.00936386934932,0.94804563608046,1.07464807808194]
["Weighted mode",80,0.0159905674615231,0.0313874720815138,0.611852122860772,-0.0455288778182439,0.0775100127412901,1.01611910077838,0.955492009648957,1.08059305210306]
["The Impact of Pancreatic Cancer on  Helicobacter pylori CagA antibody levels"]
["method","nsnp","b","se","pval","lo_ci","up_ci","or","or_lci95","or_uci95"]
["MR Egger",80,0.0279105875990917,0.0202848637017112,0.172780735051784,-0.0118477452562624,0.0676689204544457,1.02830373720487,0.988222162920444,1.07001099107572]
["Weighted median",80,0.00602875058246964,0.0154617060314375,0.6965994267744,-0.0242761932391478,0.0363336944040871,1.00604696007437,0.976016103478827,1.03700183046911]
["Inverse variance weighted",80,0.00776390054758829,0.0113262896138172,0.493043553017658,-0.0144356270954934,0.02996342819067,1.007794117774,0.985668067006538,1.03041684905588]
["Simple mode",80,0.00825716009424837,0.0364672388417275,0.82145432824547,-0.0632186280355376,0.0797329482240344,1.00829134446449,0.938738216760277,1.08299781256442]
["Weighted mode",80,0.00485245342903487,0.0358040526839787,0.892539127993221,-0.0653234898315634,0.0750283966896331,1.00486424564719,0.936764380606252,1.07791475966092]
["The Impact of Pancreatic Cancer on  Helicobacter pylori Catalase antibody levels"]
["method","nsnp","b","se","pval","lo_ci","up_ci","or","or_lci95","or_uci95"]
["MR Egger",80,-0.00226598851050932,0.0175769389200183,0.897754166080643,-0.0367167887937451,0.0321848117727265,0.997736576903357,0.963949097880984,1.03270834432975]
["Weighted median",80,-0.00544559498235294,0.0128692180164714,0.672186653086139,-0.0306692622946368,0.019778072329931,0.994569205392201,0.969796268232538,1.01997495424193]
["Inverse variance weighted",80,-0.00398522315221111,0.00966267930728292,0.680020916401706,-0.0229240745944856,0.0149536282900634,0.996022707311189,0.977336685640519,1.01506599317853]
["Simple mode",80,-0.0256187844541628,0.0346422121099835,0.461780096116948,-0.0935175201897305,0.042279951281405,0.974706592098526,0.910722061263117,1.04318647926751]
["Weighted mode",80,-0.0217093683924566,0.035102049015704,0.538048381084751,-0.0905093844632363,0.0470906476783232,0.978524583901667,0.913465761474873,1.04821702321272]
["The Impact of Pancreatic Cancer on  Helicobacter pylori GroEL antibody levels"]
["method","nsnp","b","se","pval","lo_ci","up_ci","or","or_lci95","or_uci95"]
["MR Egger",80,0.000231068201178387,0.013226647009288,0.986106355681727,-0.025693159937026,0.0261552963393828,1.00023109489949,0.97463410052092,1.02650034784245]
["Weighted median",80,-0.00565548070261631,0.0102579358610987,0.581409285825407,-0.0257610349903697,0.0144500735851371,0.994360481423032,0.974567949424387,1.01455498059405]
["Inverse variance weighted",80,-0.00540547329450486,0.0073233718189435,0.460446004380261,-0.0197592820596341,0.00894833547062441,0.994609109987917,0.98043465311369,1.00898849151168]
["Simple mode",80,-0.00621088453841406,0.0270352380291667,0.818893084055914,-0.0591999510755807,0.0467781819987526,0.993808363135984,0.942518292768306,1.04788954253412]
["Weighted mode",80,-0.00811640273800135,0.0232495701774,0.727943733869181,-0.0536855602857054,0.0374527548097027,0.991916446326545,0.947730063625002,1.03816294771714]
["The Impact of Pancreatic Cancer on  Helicobacter pylori OMP antibody levels"]
["method","nsnp","b","se","pval","lo_ci","up_ci","or","or_lci95","or_uci95"]
["MR Egger",80,0.0108888944910582,0.0127186439920988,0.394544802972697,-0.0140396477334555,0.0358174367155719,1.01094839426884,0.9860584485053,1.03646660846925]
["Weighted median",80,0.00281674855356117,0.00956802341907236,0.768458458885636,-0.0159365773478206,0.021570074454943,1.00282071931711,0.98418973799934,1.02180439021439]
["Inverse variance weighted",80,0.00775114601167916,0.00702148707821411,0.269628707489057,-0.0060109686616205,0.0215132606849788,1.00778126390971,0.994007061067039,1.02174633930388]
["Simple mode",80,-0.00105550357150525,0.024575109509182,0.965849678478601,-0.0492227182095019,0.0471117110664914,0.998945053276454,0.951969085236135,1.04823910244729]
["Weighted mode",80,0.00140718602588463,0.0218606941983629,0.948837744230471,-0.0414397746029067,0.044254146654676,1.00140817657672,0.959407114276007,1.04524796740897]
["The Impact of Pancreatic Cancer on  Helicobacter pylori UREA antibody levels"]
["method","nsnp","b","se","pval","lo_ci","up_ci","or","or_lci95","or_uci95"]
["MR Egger",79,-0.0067225551609469,0.0137157929879509,0.625433865598926,-0.0336055094173307,0.0201603990954369,0.993299990662861,0.966952883213745,1.02036499252336]
["Weighted median",79,-0.0119352620351743,0.0110619605999544,0.280611643982731,-0.0336167048110849,0.00974618074073635,0.988135680684274,0.966942057856073,1.00979382943203]
["Inverse variance weighted",79,0.00295130646772838,0.00753021238028819,0.695110884835742,-0.0118079097976365,0.0177105227330932,1.00295566586024,0.988261529987625,1.01786828400955]
["Simple mode",79,-0.0291137707825695,0.0303126347837078,0.339796671168664,-0.0885265349586368,0.0302989933934978,0.971305951941909,0.915278823528045,1.03076267911586]
["Weighted mode",79,-0.0264635011051388,0.0270480164479668,0.330906455318264,-0.0794776133431538,0.0265506111328761,0.973883588861571,0.923598696024243,1.02690621883359]
["The Impact of Pancreatic Cancer on  Helicobacter pylori VacA antibody levels"]
["method","nsnp","b","se","pval","lo_ci","up_ci","or","or_lci95","or_uci95"]
["MR Egger",80,-0.012125338533539,0.0168605964846271,0.474196108633501,-0.045172107643408,0.0209214305763301,0.987947877163264,0.955832961517406,1.02114181796149]
["Weighted median",80,-0.00926309305076638,0.0129125214503253,0.47314403214717,-0.034571635093404,0.0160454489918712,0.990779677232085,0.966019136336765,1.01617486847994]
["Inverse variance weighted",80,-0.00592300085367309,0.00927243069865459,0.522969037951576,-0.0240969650230361,0.0122509633156899,0.994094505535378,0.976191048781049,1.01232631375754]
["Simple mode",80,-0.0154425750429717,0.0339394942318838,0.650354972100252,-0.0819639837374639,0.0510788336515205,0.984676050108082,0.921305140066611,1.05240585500951]
["Weighted mode",80,-0.0143124051804595,0.0319056524807203,0.654958890493578,-0.0768474840426713,0.0482226736817524,0.985789530396665,0.926031077353063,1.04940430402982]